NCAA Football Rosters 2024 - Statistics

General Stats
  • This quiz has been taken 83 times
  • The average score is 38 of 134
Answer Stats
Conference School Roster % Correct
ACC Miami Cam McCormick/Elijah Alston/Zach Carpenter/Marley Cook/Luis Cristobal Jr./C.J. Clark/Jalen Rivers/Akheem Mesidor/Xavier Restrepo/Jacolby George/Mason Napper/Mishael Powell/Andres Borregales/Simeon Barrow Jr./Samuel Brown/Elijah Arroyo/Chase Smith/Ryan Rodriguez/Jaylin Alderman/Wesley Bissainthe/Isaiah Horton/Markeith Williams/Cam Ward/Daryl Porter Jr./Fred Potter/Tyler Baron/Francisco Mauigoa/Isaiah Taylor/Damien Martinez/D'Yoni Hill/Tyler Rowe/Raul Aguirre Jr./Rueben Bain Jr./Malik Bryant/Damari Brown/Mark Fletcher Jr./Ray Ray Joseph/Tommy Kinsler IV/Josh Horton/Samson Okunlola/Francis Mauigoa/Robby Washington/Antonio Tripp Jr./Riley Williams/Reese Poffenbarger/Michael Donovan/Ajay Allen/Anthony Campbell/Matthew McCoy/Robert Stafford/Jaden Harris/Anez Cooper/Ahmad Moten Sr./Jackson Carver/Bobby Washington Jr./Frankie Tinilau/Emory Williams/Ny Carr/Adarius Hayes/Elija Lofton/Zaquan Patterson/Ryan Mack/Booker Pickett/Elias Rudolph/Jordan Lyle/Chance Robinson/Justin Scott/Joshisa Trader/Myles Mooyoung/Nick Kelly/Matt Antezana/Abram Murray/Jadais Richard/Jack McManus/Terrell Walden II/Ian Johnson/Syncere Sampson/Judd Anderson/Dylan Joyce/Marquise LIghtfoot/Cam Pruitt/Artavius Jones/Armondo Blount/Dylan Day/Chris Wheatley-Humphrey/Juan Minaya/Isaiah Thomas/Daylen Russell/Deryc Plazz/Cole McConathy II/Aristides Angelo Jr./Nino Francavilla/Riply Luna/Chris Johnson Jr./Kolby Luna/Shemar Kirk/Joe Borchers/Samuel Coufal/Cooper Ricks/Owen Ruskavich/Braylon Lamar/Will Rocha/Markel Bell/Joao Arede/Taylor Broutin/Brennan Burton/Hunter Carver/Andrew Cohen/John Connelly/Luke D'Alise/Joe Enguidanos/OJ Frederique Jr./Iheukwumere Marcus/Dylan Reiman/Casey Rizzi/Nikao Smith/Stone Stroud/Tucker Tevepaugh/Nick Thomas/Yerovi Valdes Alfonso/Jack Whitehouse/Andres Williams/Jr. Romanas Frederique
78%
Big Ten Ohio State Cody Simon/Lathan Ransom/Gee Scott Jr./Seth McLaughlin/Josh Fryar/Will Howard/Joey Velazquez/Ty Hamilton/Jayden Ballard/Donovan Jackson/Jack Sawyer/Tyleik Williams/Denzel Burke/TreVeyon Henderson/Tywone Malone Jr./Lorenzo Styles Jr./JT Tuimoloau/Emeka Egbuka/Josh Simmons/Jordan Hancock/Zen Michalski/Kourt Williams II/Kojo Antwi/Caden Curry/C.J. Hicks/Carson Hinzman/Keenan Nelson Jr./Gabe Powers/Tegra Tshabola/Quinshon Judkins/Bennett Christian/Mitchell Melton/Patrick Gurd/Devin Brown/George Fitzpatrick/John Ferlmann/Casey Magyar/Davison Igbinosun/Hero Kanu/Caleb Downs/Brandon Inniss/Joshua Padilla/Kayden McDonald/Bryson Rodgers/Joshua Mickens/Luke Montgomery/Jason Moore/Carnell Tate/Jelani Thurman/Toby Wilson/Reis Stocksdale/Bryce Prater/Jalen Pace/Max Lomonico/Zak Herbstreit/Collin Johnson/Cade Casto/Will Kacmarek/Joop Mitchell/Calvin Simpson-Hunt/Will Smith Jr./Malik Hartford/Austin Siereveld/Jayden Bonsu/Arvell Reese/Lincoln Kienholz/Miles Walker/Devontae Armstrong/Mylan Graham/Eddrick Houston/Jaylen McClain/Air Noland/Miles Lockhart/Garrett Stover/Ian Moore/Payton Pierce/Aaron Scott Jr./Julian Sayin/Jeremiah Smith/Bryce West/Damarion Witten/Mason Maggs/Chad Ray/Sonny Styles/Kai Saunders/TC Caffey/Brenten Jones/Chase Brecht/Jayden Fielding/Diante Griffin/David Adolph/Kenyatta Jackson Jr./Anthony Venneri/Shawn Lodge/Julian Goines-Jackson/James Peoples/Deontae Armstrong/Max LeBlanc/Sam Williams-Dixon/Dorian Williams/Dominic Kirks/Eric Mensah/Nolan Baudo/Jermaine Mathews Jr./Brennen Schramm/Jace Middleton/Ryan Rudzinski/Alec DelSignore/Caden Davis/Austin Snyder/Joe McGuire/Leroy Roker III/Morrow Evans/Hadi Jawad/Glorien Gough/Zach Hayes/Simon Lorentz/Nick McLarty/Buakri Miles Jr./Nate Riegle/Eli Riggs/Rashid SeSay/Ahmed Tounkara
70%
Big Ten Penn State Hakeem Beamon/Smith Vilbert/Sal Wormley/Coziah Izzard/Alonzo Ford Jr./Julian Fleming/Jalen Kimber/Nick Dawkins/Tyler Warren/Nolan Rucci/Addison Penn/Amin Vanover/Jaylen Reed/Tyler Elsdon/Zakee Wheatley/Dvon J-Thomas/Zuriah Fisher/Kobe King/Liam Clifford/Sander Sahaydak/Kaytron Allen/Dani Dennis-Sutton/Jerry Cross/Mehki Flowers/Zane Durant/Anthony Ivey/Kaden Saunders/Drew Shelton/Nicholas Singleton/Kevin Winston Jr./Beau Pribula/Jake Spencer/Feyisayo Oluleye/Harrison Wallace III/Khalil Dinkins/Cam Miller/Omari Evans/Drew Allar/Abdul Carter/Olaivavega Ioane/Keon Wylie/Audavion Collins/Tyler Johnson/Kaleb Artis/Alex Birchmeier/A.J. Harris/DaKaari Nelson/Ta'Mere Robinson/Elliot Washington II/Dominic DeLuca/Tyler Duzansky/Mitchell Groh/Gabriel Nwosu/Ben Chizmar/Lamont Payne Jr./Jason Estrella/Joey Schlaffer/Mason Robinson/Ty Blanding/Andrew Rappleyea/Anthony Donkoh/Tony Rojas/Joseph Mupoyi/Kaveion Keys/Jameial Lyons/Jordan Mayer/Jaxon Smolik/Liam Andrews/Josiah Brown/T.A. Cunningham/Cooper Cousins/Tyseer Denmark/Jaylen Harvey/Kari Jackson/Dejuan Lane/Donnie Harbour/Quinton Martin Jr./Jon Mitchell/Vaboue Toure/Corey Smith/Anthony Speca/Kenny Woseley Jr./Tyrece Mills/Tyler Holzworth/JB Nelson/Riley Thompson/Chase Meyer/Peter Gonzalez/Ryan Barker/Blaise Sokach-Minnick/Will Patton/Dominic Rulli/Ian Harvie/Jim Fitzgerald/Matt Detisch/Sam Siafa/Kolin Dinkins/Jackson Pryts/Chimdy Onoh/Zion Tracy/Amiel Davis/Jashaun Green/Patrick Williams/Cam Wallace/Mylachi Williams/Garrett Sexton/Luke Reynolds/Antoine Belgrave-Shorter/Max Granville/Caleb Brewer/Eagan Boyer/Ethan Grunkemeyer/Xavier Gilliam/De'Andre Cook/J'ven Williams/Karson Kiesewetter/Jack Lambert/Winston Yates/Henry Boehme/Ethan Black/Finn Furmanek/Bobby Mears/Andrew Dufault/Logan Cunningham/Beckham Dee
67%
Big Ten Oregon Matthew Bedford/Dillon Gabriel/Connor Soelle/Keyon Ware-Hudson/Jordan Burch/Gary Bryant Jr./Traeshon Holden/Brison Cobbins/Patrick Herbert/Jestin Jacobs/Dontae Manning/Kilohana Haasenritter/Tysheem Johnson/Jabbar Muhammad/Noah Whittington/Nishad Strother/Andrew Boyle/Terrance Ferguson/Kam Alexander/Brandon Johnson/Jeffrey Bassa/Tez Johnson/Derrick Harmon/Josh Conerly Jr./Dave Iuli/Jordan James/Devon Jackson/Evan Stewart/Emar'rion Winston/Nikko Reed/Ajani Cornelius/Marcus Harper II/Darrian Anderson/Daylen Austin/Iapani Laloulu/Jayden Limar/Kyler Kasper/Ashton Porter/Dante Moore/Blake Purchase/Rodrick Pleasant/Teitum Tuioti/Matayo Uiagalelei/Timon Davis/Dane Sipos/Luke Basso/Kanen Rossi/Bailey Jaramillo/Holden Whipple/Jahlil Florence/Charlie Pickard/Atticus Sappington/A'Mauri Washington/Khamari Terrell/Justius Lowe/Austin Novosad/Tyler Turner/Kawika Rogers/Jaeden Moore/Solomon Davis/Jerry Mixon/Aydin Breland/Aaron Flowers/Dakoda Fields/Dillon Gresham/Jeremiah McClellan/Ify Obidegwu/Ryan Pellum/JacQawn McRoy/A.J. Pugliano/Dylan Williams/Brayden Platt/Elijah Rushing/Xadavien Sims/Peyton Woodyard/Cruz Rushing/Kobe Savage/Kenyon Sadiq/Kingston Lopa/Ellis Bynum/Preston Alford/Zach Grisham/Bryce Boettcher/Josh Simmons/Ty Delgado/Ross James/Jamaree Caldwell/Jaxson Jones/Bryce Boulton/Kamar Mothudi/Luke Moga/Jack Ressler/Devin Brooks/Jericho Johnson/Tionne Gray/Roger Saleapaga/Trent Ferguson/Da'Jaun Riggs/Kade Caton/Brock Thomas/Xavier Barksdale/Will Straton/Zach Grace/Luke Dunne/Chip Allers/Beau CressAllen/Auston Mims/George Silva/Gernorris Wilson/Lipe Moala/Travis Brashear/My'Keil Gardner/Grant Meadors/Nick Duzansky/Jurrion Dickey/Terrance Green/JaJuan Dickey/Gage Hurych/Tyler Kinsman/Jay Harris/Sione Laulea/Ryder Hayes/Jalen Saint Paul/Jacob Pruitt/Fox Crader/Brady Bidwell
67%
ACC Clemson Tyler Brown/Aidan Swanson/DeMonte Capehart/R.J. Mickens/Walker Parks/Trent Howard/Jake Briningstool/Tristan Leigh/Tyler Venables/Zaire Patterson/Barrett Carter/Phil Mafah/Marcus Tate/Payton Page/Ryan Linthicum/Paul Tyson/Cade Denhoff/Hampton Earle/Dietrick Pennington/Troy Stellato/Banks Pope/Cade Klubnik/Jeadyn Lukus/Adam Randall/Collin Sadler/Caden Story/Austin Randall/Tre Williams/Bubba McAtee/Will Boggs/Quinn Castner/Kylon Griffin/Kobe McCloud/Jahiem Lawson/Wade Woodaz/Vic Burley/Dee Crayton/A.J. Hoffler/Noble Johnson/T.J. Parker/Harris Sewell/Avieon Terrell/Peter Woods/Kevin McNeal/Holden Caspersen/Jackson Crosby/Jacob Hendricks/Zach Jackson/Armon Mason/Reed Morrissey/Hogan Morton/Peter Nearn/Tristen Rigby/Wise Segars Jr./Nathan Brooks/Philip Florenzo/Josh Sapp/Stephiylan Green/Christopher Vizzina/Myles Oliver/Cole Turner/Ronan Hanafin/Markus Dixon/Ian Reed/Rob Billings/Shelton Lewis/Jamal Anderson/Misun Kelley/Branden Strozier/Kylen Webb/Khalil Barnes/Hevin Brown-Shuler/Christian Bentancur/Sammy Brown/Noah Dixon/Corian Gipson/Tavoy Feagin/David Eziomume/Ricardo Jones/Champ Thompson/Mason Wade/Jackson Hall/Antonio Williams/Sherrod Covil Jr./Trent Pearman/Keith Adams Jr./Fletcher Cothran/Griffin Batt/Robert Gunn III/Brodey Conn/Caleb Nix/Boston Miller/Peyton Pitts/Chapman Pendergrass/Sam Judy/Mason Johnstone/Blake Miller/Michael Mankaka/Clay Swinney/Jack Smith/Levi Matthews/Will McCune/Jarvis Green/Bryant Wesco Jr./Nolan Hauser/Peyton Streko/Ronan O'Connell/Darien Mayo/Drew Woodaz/Ashton Hampton/Elyjah Thurmon/Jay Haynes/Walt Smith/Chandler McMaster/Bryce Smith/Jake Norris/Olsen Patt-Henry/Charlie Johnson/Tristan Martinez/Patrick Swygert/Colby Shaw/Jaheim Scott/Watson Young/C.J. Kubah-Taylor/T.J. Moore/Parker Fulghum/Ethan Anderson/Clark Sanderson/Chase Byrd/Joe Wilkinson/Billy Wilkes/William Bouton/Joseph Roberto II/Aidan Hydrick/Dominic Cardone/Tyler Conner
67%
Big Ten Michigan Jack Tuttle/Myles Hinton/Kalel Mullings/Makari Paige/Quinten Johnson/Jeffrey Persi/Donovan Edwards/Giovanni El-Hadi/Josh Priebe/Raheem Anderson/Rayshaun Benny/Greg Crippen/Wesley Walker/Dale Chesson/Leon Franklin/Keshaun Harris/William Wagner/C.J. Charleston/Ricky Johnson/Tavierre Dunlap/Kechaun Bennett/Tristan Bounds/TJ Guy/Rod Moore/Jaydon Hood/Dominick Giudice/Tommy Doman/Josaiah Stewart/Ja'Den McBurrows/Tyler McLaurin/Jaishawn Barham/Jayden Denegal/Will Johnson/Kody Jones/Derrick Moore/Tyler Morris/Alex Orji/Greg Tarr/Marlin Klein/Aamir Hall/Myles Pollard/Amorion Walker/Connor Jones/Ike Iwunnah/Colston Loveland/Ernest Hausmann/Zeke Berry/Micah Pollard/Jaden Mangham/Joey Klunder/Alessandro Lorenzetti/Enow Etta/Nathan Efobi/Mason Graham/Davis Warren/Peyton O'Leary/Joe Taylor/Christian Boivin/Noah Howes/Alexander Lidback/Peter Simmons/Max Bredeson/Anthony Arnou/Kenneth Grant/Jimmy Rolder/Brandon Mann/Deakon Tonielli/Semaj Morgan/Evan Link/Fredrick Moore/Adam Samaha/Evan Boutorwick/Andrew Gentry/Cole Cabana/Breeon Ishmail/Jyaire Hill/Brooks Bahr/Cameron Brandt/Benjamin Hall/Jadyn Davis/Mason Curtis/Channing Goodwin/Jake Guarnera/Luke Hamilton/Hogan Hansen/Micah Ka'apana/Jordan Marshall/Brady Prieskorn/Dominic Nichols/Jacob Oden/Ben Roebuck/Andrew Sprague/I'Marion Stewart/Owen Wafle/Aymeric Koumba/Manuel Beigel/Dominic Zvada/Jo'Ziah Edmond/Hudson Hollenbeck/Joshua Nichols/Shomari Stone/Nico Andrighetto/Logan Forbes/Bryce Wilcox/Joel Metzger/Henry Donohue/James Kavouklis/Dan Taraboi/Charlie Mentzer/Chibi Anwunah/Zack Marshall/Ted Hammond/Jason Hewlett/Brandyn Hillman/Kendrick Bell/Blake Frazier/Jeremiah Lowe/Deyvid Palepale/Devon Baxter/Zach Ludwig/Cole Sullivan/Micah Davis/Grayson Dee/Jack MacKinnon/Liam Groulx/Bryson Kuzdzal/Jalen Hoffman/Cole Morgan/John Weidenbach/Stone Anderson/Trey Pierce/Dan Rosenberg/Lugard Edokpayi/Max Reyes/Stuart Blake/Tomas O'Meara/Drew Hickmott/Kaleb Schlecht
65%
SEC Alabama Jay Williams/Tim Keenan III/Damon Payne Jr./Jaeden Roberts/Deontae Lawson/Jalen Milroe/Chase Davis/Keanu Koht/DeVonta Smith/CJ Dippre/DaShawn Jones/Jeremiah Alexander/Germie Bernard/Tyler Booker/Jihaad Campbell/Emmanuel Henderson Jr./Domani Jackson/Kendrick Law/Jam Miller/Jehiem Oatis/Keon Sabb/Elijah Pritchett/Ty Simpson/Robbie Ouzts/Malachi Moore/Tim Smith/Jah-Marien Latham/Que Robinson/Parker Brailsford/Kobe Prentice/Olaus Alinen/Justice Haynes/Jalen Hale/Edric Hill/Jahlil Hurley/Ty Lockwood/King Mack/Hunter Osborne/Keon Keeley/Miles McVay/Dylan Lonergan/LT Overton/James Smith/Yhonzae Pierre/Jordan Renaud/Kadyn Proctor/Richard Young/Geno VanDeMark/Josh Cuevas/Kneeland Hibbett/Graham Roten/Adam Thorsland/James Burnip/Reid Schuback/Graham Nicholson/Kade Wehby/Danny Lewis Jr./Wilkin Formby/Alex Rozier/Cole Adams/Naquil Betrand/Bray Hubbard/Jeremiah Beaman/Zabien Brown/Sterling Dixon/Cayden Jones/Daniel Hill/Austin Mack/Jaylen Mbakwe/Amari Jefferson/Zavier Mincey/Caleb Odom/Casey Poe/Jayshawn Ross/Rico Scott/Conor Talty/Coby McNeal/JD Baird/Prince Butler/Peyton Fox/Jay Loper Jr./Michael Lorino III/Vito Perri/Nick Serpa/Cade Carruth/MJ Chirgwin/Alijah May/Peyton Yates/Kameron Howard/Jaren Hamilton/Dre Kirkpatrick Jr./Kevin Riley/Justin Okoronkwo/Joseph Ionata/Red Morgan/Noah Carter/Ryan Williams/Isaia Faga/Jay Lindsey/Justin Jefferson/Roq Montgomery/Qua Russaw/William Sanders/Walter Sansing/Kaleb Fleming/Jake Ivie/JR Gardner/Kolby Peavy/Conner Warhurst/Noland Asberry/Braylon Chatman/Davis Peterson/Mac Smith/Baker Hickman/Billy Roby/Lane Whisenhunt/Miguel Camboia/QB Reese/Bubba Hampton/Colby Cruz/John Cooper/Ryder Stewart/Ayden Moore/Fredrick Moore/Griffin Hanson/Cole Davis/Diego Camboia/Wade Estess/Jackson Howell/JD Martin/Cooper Mollison/Anderson Green/Tucker Cornelius
65%
ACC Georgia Tech Ryland Goede/Chase Lane/Warren Burrell/Thomas Gore/Brett Seither/Haynes King/Sylvain Yondjouen/LaMiles Brooks/Weston Franklin/Makius Scott/Romello Height/Jordan Williams/Ahmari Harvey/Kevin Harris II/Will Scissum/Jackson Hawes/Avery Boyd/Christian Leary/Austin Dean/Joshua Robinson/Trey Cooley/Henry Freer/Malik Rutherford/Jamal Haynes/Jackson Hamilton/Trenilyas Tatum/Zeek Biggers/Omar Daniels/David Shanahan/Leo Blackburn/Jason Moore/Abdul Janneh Jr./Josh Beetham/Corey Robinson II/Zach Pyron/E.J. Lightsey/Clayton Powell-Lee/Kyle Efford/Rodney Shelley/Brandon Best/Keylan Rutledge/D.J. Moore/Patrick Screws Jr./Trent Davis/Joe Fusile/Daylon Gordon/Brody Rhodes/Horace Lockett/Jordan van den Berg/Aidan Birr/Jordan Brown/Jayden Davis/Ethan Mackenny/Zion Taylor/Zachary Tobe/Shymeik Jones/Evan Dickens/Anthony Carrie/Harrison Moore/Jameson Riggs/Troy Stevenson IV/Taye Seymore/Ben Hollerbach/Ryan Purves/Ty Thompson/Jaaymen Rochell/Ronnie Thomas/Syeed Gibbs/Jacob Cruz/Jackson Long/Benjamin Galloway/Eric Singleton Jr./Trelain Maddox/Nico Dowdell/Nacari Ashley/Chad Alexander/Bailey Stockton/Jordan Boyd/Kai Greer/Isiah Canion/Aaron Philo/Caleb Dozier/Tah'j Butler/Graham Knowles/Trey Horne/Jordan Floyd/Landen Marshall/Amontrae Bradford/Uche Iloh/David Prince/Cedric Franklin II/Nehemiah Chandler/Christian Pritchett/Ben Guthrie/Jonorian Foots/Myles Forristall/Kace Adams/Will Kiker/Joshua Taylor/Joshua Ruder/A.J. Cheeks/Joseph Stoever/Chuma Okoye/Jack Collins/Cade Adams/Chris Elko/Nick Pearson/Lawson Pritchett/Tana Alo-Tupuola/Jacob Benjamin/Nick Bliss/Bobby Campbell/Drew Cohen/Bayler Duncan/Luke Harpring/Luke Laughter/Joseph Moseley/Andrew Nelms/Judson Petty/Blake Ragsdale/James Whatley
65%
Big Ten Nebraska Bryce Benhart/Rahmir Johnson/Isaiah Neyor/Javin Wright/Turner Corcoran/Isaac Gifford/Nash Hutmacher/Micah Mazzccua/Tommi Hill/Ceyair Wright/Elijah Jeudy/Teddy Prochazka/Ben Scott/John Bullock/Ty Robinson/Brian Buschini/Jahmal Banks/Thomas Fidone II/Henry Lutovsky/Gabe Ervin Jr./Jimari Butler/Mikai Gbayor/Heinrich Haarberg/Stefon Thompson/Janiran Bonner/MJ Sherman/Marques Buford Jr./Nate Boerkircher/Elliott Brown/Camden Witucki/Isaiah Garcia-Castaneda/Koby Bretz/AJ Rollins/Jacob Hood/Justin Evans/Emmett Johnson/Gage Stenger/Dwight Bootle II/Gunnar Gottula/Cameron Lenhardt/Rahmir Stewart/Blake Closman/Derek Branch/Taveon Thompson/Michael Booker III/Grant Buda/Joey Mancino/Alex Bullock/Brodie Tagaloa/Barret Liebentritt/Malcolm Hartzog Jr./Tyler Knaak/Malachi Coleman/Princewill Umanmielen/Maverick Noonan/Jaidyn Doss/Dylan Rogers/Brock Knutson/Syncere Safeeullah/David Borchers/Dante Dowdell/Sam Sledge/Riley Van Poppel/Demitrius Bell/Sua Lefotu/Mario Buford/Dae'vonn Hall/Willis McGahee IV/Dylan Raiola/Gibson Pyle/Xander Ruggeroli/Cooper Hausmann/DeShon Singleton/Roman Mangini/Dylan Parrott/Luke Lindenmeyer/Jacory Barney Jr./Caleb Benning/Vincent Genatone/Tristan Alvano/Carter Nelson/Preston Taumua/Grant Brix/Kahmir Prescott/Jaylen Lloyd/Brice Turner/Kwinten Ives/Jason Maciejczak/Mason Goldman/Ismael Smith Flores/Jeremiah Charles/D'Andre Barnes/Daniel Kaelin/Ian Flynt/Vincent Shavers Jr./Roger Gradney/Eric Ingwerson/Ashton Murphy/Larry Tarver Jr./Keelan Smith/Isaiah McMorris/Kamdyn Koch/Amare Sanders/Evan Taylor/Jake Peters/Braylen Prude/Landen Davidson/Donovan Jones/Quinn Clark/Rex Guthrie/Trevor Ruth/Kai Wallin/Cayden Echternach/Mason Jones/Grant Seagren/Gage Wager/Blye Hill/Conor Connealy/Cooper Wilson/Danny Pasko/Jacob Bower/Jacob Brandl/James Williams/Leslie Black/Luke Longval/Noah Bustard/Jalyn Gramstad/Maurice Mazzccua/Kenneth Williams/Jordan Ochoa/Izaac Dickey/Vincent Jackson/Bode Soukup/Connor Schutt/Danny King/Derek Wacker/Ethan Duda/Keona Davis/Nico Ottomanelli/Nolan Fennessy/Preston Okafor/Rowdy Bauer/Ryker Evans/Thomas D'Onofrio/Trent Uhlir/Aidan Flege/David Hoffken/DJ Singleton/Hayes Miller/John Hohl/Mekhi Nelson/Maurice Mazzccua Jr.
63%
SEC Texas Jermayne Lole/David Gbenda/Bill Norton/Velton Gardner/Vernon Broughton/Jake Majors/Alfred Collins/Jahdae Barron/Hayden Conner/Tiaoalii Savea/Gavin Holmes/Juan Davis/Silas Bolden/Andrew Mukuba/Morice Blackwell Jr./Barryn Sorrell/Malik Agbo/Kelvin Banks Jr./Jaydon Blue/Justice Finkley/Jaylon Guilbeau/Cameron Williams/Cole Hutson/Neto Umeozulu/Gunnar Helm/Max Merril/Matthew Golden/Cole Lourd/Jaray Bledsoe/Aaron Bryant/Connor Robertson/Isaiah Bond/Will Stone/Amari Niblack/Tausili Akana/CJ Baxter/Johntay Cook II/Anthony Hill Jr./DeAndre Moore Jr./Liona Lefau/Arch Manning/Sydir Mitchell/Malik Muhammad/William Randle/Derek Williams Jr./Quintrevion Wisner/Robert Sweeney/Trey Moore/Michael Taaffe/Bert Auburn/Thatcher Milton/Marshall Landwehr/Christian Rizzi/Quinn Ewers/Ryan Niblett/Jaydon Chatman/Derion Gullette/Ethan Burke/Lance St. Louis/Connor Stroh/Colton Vasek/Trevor Goosby/Andre Cojoe/Spencer Shannon/Jelani McDonald/Warren Roberson/Brandon Baker/Kobe Black/Aaron Butler/Xavier Filsaime/Jerrick Gibson/Freddie Dubose/Alex January/Jordon Johnson-Rubell/Nate Kibble/Parker Livingstone/Wardell Mack/Colin Simmons/Zina Umeozulu/Joe Tatum/Colin Page/Carson Marshall/Quinn Merritt/Graham Gillespie/Remy Patson/Hamilton McMartin/Ben Armstrong/Charles Feris/Michael Flanagan/DJ Campbell/Rick McBroom/Reece Beauchamp/Jay'Vion Cole/Michael Kern/Dorian Black/Daniel Cruz/Trey Owens/Christian Clark/Melvin Hills III/Santana Wilson/Jordan Washington/Ridge Barker/Tate Haver/Rett Andersen/Bryce Chambers/Ty Boatright/Ian Ratliff/Brooks Kieschnick Jr./Brady Sarkisian/Ryan Wingo/McCoy Bruce/Ty'Anthony Smith/Reid Watkins/Jackson Duffey/Ziky Umeozulu/Eric Garza/Spencer Barnett
63%
SEC Georgia Xavier Truss/Tate Ratledge/Arian Smith/Warren Brinson/Nazir Stackhouse/Charlie Ham/Carson Beck/Chaz Chambliss/Smael Mondon Jr./Micah Morris/Ben Yurosek/Sam Shurtleff/Dan Jackson/Michael Jackson III/Dominic Lovett/Jared Wilson/Tyrion Ingram-Dawkins/Dylan Fairchild/Daylen Everette/Trevor Etienne/Earnest Greene III/Julian Humphrey/Christen Miller/Malaki Starks/Gunner Stockton/Jalon Walker/Mykel Williams/Chris Brown/Beau Gardner/Rara Thomas/Oscar Delp/JaCorey Thomas/Dillon Bell/Branson Robinson/Colby Smith/Brett Thorson/Jake Pope/Miles Thornton/Patrick Hester/Joenel Aguero/CJ Allen/Troy Bowles/Monroe Freeling/Gabe Harris Jr./Bo Hughley/Daniel Harris/Jordan Hall/Jamaal Jarrett/Lawson Luckie/Xzavier McLeod/Samuel M'Pemba/Jaden Rashada/Justyn Rhett/Chris Peal/Kelton Smith Jr./Raylen Wilson/Damon Wilson II/David Daniel-Sisavanh/Noah Jones/Cole Speer/Terrell Foster/Collin Drake/Cash Jones/Luke Collins/Jonathan Washburn/Drew Bobo/Anthony Evans III/Henry Bates/Roderick Robinson II/Collin Gill/Jamal Meriweather/Peyton Woodring/London Humphreys/KJ Bolden/Chauncey Bowens/Daniel Calhoun/Justin Greene/Kris Jones/Dwight Phillips Jr./Malachi Toliver/Michael Uini/Ryan Puglisi/Ellis Robinson IV/Jordan Thomas/Justin Williams/Luke Bennett/Jacob Fleming/Parker Jones/Denton Shamburger/Jacob Hardie/Cooper Johnson/Ondre Evans/Nate Frazier/Colbie Young/Gannon Hearst/Kyron Jones/Sacovie White/Demello Jones/Marques Easley/Colton Heinrich/Nitro Tuggle/Joseph Jonah-Ajonye/Nyier Daniels/Chris Cole/Drew Miller/Marcus Harrison/Nnamdi Ogboko/Quintavius Johnson/Nasir Johnson/Will Snellings/Brandon Moody/David Lalaian/Liam Badger/Jeremy Bell/Sam Bush/Walter Blanchard/Marek Briley/Ali Hall/Will Taylor/Henry Peagler/Clinton Barlow/Gus Gammage/Luke Raab/Maurice Hayes/Colter Ginn/Jaden Reddell/Wade Penn/Kavon Townsend/Matthew Grachen/Henry Waller/Brandon Mathis/Danny Curran/Nick Reeves/Jahzare Jackson/Tate Nelms/Henry Delp
63%
Independent Notre Dame Eric Goins/Devyn Ford/Howard Cross III/Rod Heard II/Jack Kiser/Kris Mitchell/R.J. Oben/Jordan Botelho/Kevin Bauman/Jordan Clark/Rylie Mills/Tosh Baker/Xavier Watts/Beaux Collins/Deion Colzie/Tyler Buchner/Gabriel Rubio/Rocco Spindler/Jayden Thomas/Jayden Harrison/Grant Ristoff/Jason Onye/Pat Coogan/Mitch Jeter/Mitchell Evans/Riley Leonard/Joshua Burnham/Jaden Mickey/Gi'Bran Payne/Jadarian Price/Jaylen Sneed/Billy Schrauth/Aamil Wagner/Steve Angeli/Ty Chan/Chance Tucker/Charlie Selna/Max Hurleman/Quentin Autry/William Bartel/Kahanu Kia/Donovan Hinish/Benjamin Morrison/Eli Raridon/Ashton Craig/Jaiden Ausberry/Drayk Bowen/Christian Gray/Cooper Flanagan/Jaden Greathouse/Jeremiyah Love/Boubacar Traore/Brenan Vernon/Preston Zinter/Jake Tafelski/Rino Monteforte/Chris Salerno/Davis Sherwood/Jack Polian/Adon Shuler/Tre Reader/Andrew Yanoshak/Marty Auer/Charles Jagusah/Sullivan Absher/Sam Pendleton/Kenny Minchey/Devan Houstan/Joe Otting/Chris Terek/Armel Mukam/C.J. Carr/Micah Gilbert/Peter Jones/Guerby Lambert/Leonard Moore/Cam Williams/Loghan Thomas/Aneyas Williams/Kyngstonn Viliamu-Asa/Justin Fisher/Junior Tuihalamaka/Leo Scheidler/Zac Yoakam/Taebron Bennie-Powell/Karson Hobbs/Ben Minich/Kedren Young/Kennedy Urlacher/Styles Prescod/Bryce Young/Luke Talich/Isaiah Dunn/Kobi Onyiuke/Anthonie Knapp/Cole Mullins/Teddy Rezac/Bodie Kahoun/Logan Saldate/Sean Sevillano Jr./KK Smith/Dylan Devezin/Henry Garrity/Jerry Rullo/Marcello Diomede/Andrew Kros/Jordan Faison/Alex Whitman/Anthony Rezac/James Rendell/Tae Johnson/Matt Jeffery/Tommy Powlus/Mickey Brown/Charles Du/Max Anderson/Robbie Wollan/Xavier Southall/Jack Larsen/Eric Lindstrom/Joseph Vinci
57%
SEC Tennessee Keenan Pili/John Campbell Jr./Bru McCoy/Jackson Lampley/Omari Thomas/Andrej Karic/Elijah Simmons/Luke Shouse/Cooper Mays/Javontez Spraggins/Dont'e Thornton Jr./Andre Turrentine/Navy Shuler/Dayne Davis/Matthew Salansky/Omarr Norman-Lott/Jalen McMurray/Charlie Browder/Holden Staes/Andre Stewart/Tyre West/Dominic Bailey/Tim Amet/Will Brooks/Bryson Eason/William Wright/Gaston Moore/Cody Duncan/Christian Charles/Jakobe Thomas/Jaxson Moi/Kaleb Webb/Brian Grant/Ethan Davis/Caleb Herring/Nico Iamaleava/Vysen Lang/Jordan Matthews/Cameron Seldon/Patrick Wilk/JT Carver/Eli Purcell/Montrell Bandy/Trevor Duncan/Ayden Bussell/Shamurad Umarov/John Slaughter/Nathan Leacock/Nathan Robinson/DeSean Bishop/Jeremiah Telander/Jalen Smith/Rickey Gibson III/Daevin Hobbs/Tyree Weathersby/Nate Spillman/Khalifa Keith/Max Anderson/Kaleb Beasley/Boo Carter/Jake Merklinger/Mike Matthews/Edwin Spillman/Titus Rohrer/Chas Nimrod/Squirrel White/Hunter Barnes/Ben Bolton/Bennett Brady/Christian Harrison/Joshua Helsdon/Gus Hill/Jayson Jenkins/Joshua Josephs/James Pearce Jr./Kalib Perry/Masai Reddick/Dylan Sampson/Jourdan Thomas/Josh Turbyville/Arion Carter/Carson Gentle/Tommy Winton III/Miles Kitselman/Chris Brazzell II/Edrees Farooq/Jackson Ross/Jordan Ross/Carson Whitehead/Trey Weary/Peyton Lewis/William Satterwhite/Marcus Goree Jr./Kellen Lindstrom/Braylon Staley/Gage Ginther/Bennett Warren/Jesse Perry/Emmanuel Okoye/Jeremias Heard/Herb Gray/Jordan Burns/Lance Heard/Jackson Locke/Larry Johnson III/Dayton Sneed/Max Gilbert/Jermod McCoy/Ryan Damron/Nathan Roberts/Jack-Henry Jakobik/Jamal Wallace/Cole Harrison/Marshall Box/Malcolm Kinzer/Colin Brazzell/Jackson Mathews/Steele Katina/Ryan Scott/Grier Short/Mike Bethea II/Isaiah Inge/Braylon Harmon
55%
Mountain West Boise State Markel Reed/Tavion Woodard/Austin Bolt/Ben Dooley/Tevin Griffey/Herbert Gums/Latrell Caples/Kaonohi Kaniho/Michael Callahan/Tyler Crowe/Alexander Teubner/Nathan Cardona/Marco Notarainni/Seyi Oladipo/Tyler Wegis/Chase Penry/Gabe Hunter/Kaden Dudley/Andrew Simpson/Cooper Jones/Matt Lauter/Mitchell Bothwell/Rodney Robinson/Sheldon Newton/Jonah Dalmas/Zion Washington/Mason Randolph/Ahmed Hassanein/Ben Ford/Chris Marshall/Hall Schmidt/Austin Terry/Jeremiah Earby/Dionte Thornton/Kage Casey/Roger Carreon/JJ Talo/Zamondre Merriweather/Jake Steele/Maddux Madsen/Malachi Nelson/Champion Johnson/Davon Banks/Taren Schive/Gavin Hambrick/Jake Ripp/Zach Holmes/Braxton Fely/Colt Fulton/Mason Hutton/Luke Voorhees/Ashton Jeanty/Wyatt Milkovic/Jason Steele/Jambres Dubar/Khai Taylor/Jackson Grier/Franklyn Johnson Jr./Kyle Cox/Carson Rasmussen/Oliver Fisher/Matt Wagner/Cameron Camper/Bryce Cleave/James Ferguson-Reynolds/Udoka Ezeani/Michael Madrie/Jarrett Reeser/Tyler Keinath/Mason Jacobsen/Seth Knothe/Ethan Mikita/Hunter Steacker/Jayden Virgin-Morgan/Max Stege/Demanuel Brown Jr./Nick Hawthorne/Chase Martin/Ty Benefield/Gabe Tahir/Hayden Hanks/Dylan Riley/Kaden Anderson/Treyvon Tolmaire/Sire Gaines/Travis Anderson/Eyitayo Omotinugbon/Roman Caywood/Clay Martineau/Prince Strachan/A'Marion McCoy/Milo Lopez/Spencer Gieg/Kaleb Annett/Trevor McKenna/Cameron Bates/Tyrone Jackson/Connor Gilbreath/Ryker Clinger/Max Cutforth/Cole Miller/Boen Phelps/Troy Wilkey/Jacob Williams/Gregory Bienvenue/Lopez Sanusi/Connor Warkentin/Kayden Chan/Timothy Mitchell/Troy Grizzle/AJ Maes/Ty Smith/Joseph Marsh/Parker Perkins/Daylon Metoyer
53%
Big Ten USC Solomon Tuliaupupu/Kyle Ford/Akili Arnold/Gino Quinones/Bryson Shaw/Woody Marks/Michael Lantz/Jamil Muhammad/Jonah Monheim/Kobe Pepe/Jacobe Covington/Raesjon Davis/Miller Moss/Gavin Meyer/Anthony Beavers Jr./Kyron Hudson/John Humphrey/Lake McRee/Nate Clifton/Charles Ross/Jaylin Smith/Eric Gentry/Mason Cobb/Emmanuel Pregnon/Mason Murphy/Prophet Brown/Bear Alexander/Zion Branch/Anthony Lucas/Jayden Maiava/Kamari Ramsey/Greedy Vance Jr./CJ Woods/Hank Pepper/Eddie Czaplicki/Jay Fair/Garrison Madden/Gage Roy/Zachariah Branch/Maliki Crawford/Makai Lemon/Ja'Kobi Lane/Duce Robinson/Braylan Shelby/Josiah Zamora/Denis Lynch/Jake Jensen/Carson Tabaracci/Devan Thompkins/Quinten Joyner/A'Marion Peterson/Elijah Paige/Micah Banuelos/Christian Pierce/Alani Noa/DJ Peevy/Amos Talalele/Tobias Raymond/Kade Eldridge/Marquis Gallegos/Bryan Jackson/Walter Matthews/Joey Olsen/Isaiah Rubin/Marcelles Williams/DeCarlos Nicholson/Jarvis Boatwright Jr./Garrett Pomerantz/Roman Marchetti/Kilian O'Connor/Garth White/Easton Mascarenas-Arnold/Makai Saina/Sam Greene/Justin Tauanuu/Desman Stephens II/Elijah Hughes/Xavier Jordan/Braylon Conley/Kameryn Fountain/Jide Abasiri/Hayden Treter/Elijah Newby/Lorenzo Cowan/Ratumana Bulabalavu/Carlon Jones/Jadyn Walker/Dylan Gebbia/Corey Nerhus/Jack Susnjar/Tyler Robles/Jaden Richardson/Jack Stupin/Hunter Dunn/Rey Sanchez/Cameron Shirangi/Brandon Shepherd/Devin McDonough/Ryon Sayeri/Matt Galvan/Kalolo Ta'aga/Kaylon Miller/Seth Zamora/Donovan Wood/Walker Lyons/Collin Fasse
53%
SEC Ole Miss Ulysses Bentley IV/Julius Buelow/Nate Kalepo/Reece McIntyre/Gerquan Scott/Princely Umanmielen/Eli Acker/Rashad Amos/Khari Coleman/Devin Price/JJ Pegues/Henry Parrish Jr./Jordan Watkins/Akelo Stone/DeSanto Rollins/Brandon Turnage/Hudson Wolfe/Caden Davis/Chris Hardie/Trey Amos/Jeremy James/Caleb Warren/Jack Mills/Trey Washington/Micah Pettus/Chris Paul Jr./Diego Pounds/Logan Diggs/Jared Ivey/Mana Taimani/John Saunders Jr./Yam Banks/Charlie Pollock/Zxavian Harris/Walker Howard/Walter Nolen/Tre Harris/Caden Prieskorn/Jaxson Dart/Key Lawrence/Micah Davis/Izaiah Hartrup/Antwane Wells Jr./Jayden Williams/Jarell Stinson/Jadon Canady/Isaiah Hamilton/Chris Graves Jr./Jarnorris Hopson/Tyler Banks/Preston Cushman/Dae'Quan Wright/Cam East/Jamarious Brown/Daniel Demery/Cayden Lee/Suntarine Perkins/Brycen Sanders/Ayden Williams/Nick Cull/Matt Jones/Calvin Wilson/Joshua Pfeifer/Carter Short/Richard O'Bryant/Jaden Dicks/Jordan Smart/Fraser Masin/Ethan Fields/Travaris Banks/Kamarion Franklin/Noreel White/Jeffery Rush/Braden Waterman/Drew Burnett/Mac Owen/Zach Johansen/Trip White/Harrison Craig/Salathiel Hemphill/Tavion Prather/Louis Moore/Domonique Thomas/Jason Albritton/DeeJay Holmes Jr./AJ Maddox/Myles Saulsberry/Jackson Jones/Antione Johnson/Skielar Mann/Kavion Broussard/Justin Kowalak/Andy Jaffe/Chamberlain Campbell/Dillon Hipp/John Wayne Oliver/Raymond Collins/Kamron Beavers/Austin Simmons/Patrick Broomfield/Jude Foster/Cameron Clark/Anthony Robinson III/Torian Kelly/Joshua Aka/Austin Acton/AJ Brown/John Ross Ashley/Dylan Davis/Nyseer Fullwood-Theodore/Ali Scott/Wyatt Smalley/Mark Trigg Jr./Lane Hewett/Katrevrick Banks/TJ Dudley/Cedrick Beavers/Raphael Ekechi/Ciaran Pedulla/Jack Harper/Micah Stallworth/Mike Baker/Sean Judge/Trey Nightingale/William Echoles/Joe Koury/Lakendrick Clancy/CJ Barney/Paris Evans/Elliiot Stewart/Zamari Bruce/Kortlen Wilfawn/Caleb Blankenship/TJ Dottery
53%
ACC Syracuse Fadil Diggs/Justin Barron/Will Nixon/Clarence Lewis/Marlowe Wax/Carlos Del Rio-Wilson/Kyle McCord/Savion Washington/Josh Ilaoa/Braylen Ingraham/Duce Chestnut/Michael Johnson Jr./Trebor Pena/Tom Callahan/Oronde Gadsden II/Alijah Clark/Jackson Meeks/David Wohlabaugh Jr./Mark Petry/Jacob Zuhr/Maximilian Mang/Dan Villari/Anwar Sparrow/Derek McDonald/Braden Davis/Jaeden Gould/Elijah Fuentes-Cundiff/Patrick Alberga/Umari Hatcher/Enrique Cruz Jr./Jackson Kennedy/Codie Hornsby/Max Runyon/Dion Wilson Jr./Chase Simmons/Cornell Perry/Jayden Bellamy/Denis Jaquez Jr./Greg Delaine/Devin Grant/James Heard Jr./Jack Stonehouse/Joe Cruz/Da'Metrius Weatherspoon/Cam Reirden/Clay Masters/Tommy Porter/Jakob Bradford/Isaiah Hastings/Jalil Martin/Justus Ross-Simmons/LeQuint Allen/Brady Denaburg/Zyian Moultrie-Goddard/David Clement/Rashard Perry/Caden Brown/KingJoseph Edwards/Fatim Diggs/Jahide Lesaine Jr./Jakhari Williams/Emanuel Ross/Yasin Willis/Marcus Washington Jr./Kyle Acker/Carter Clark/Josh Kubala/Ethan Stangle/Kevin Jobity Jr./Ta'Ron Haile/Jaylan Hornsby/Jaden Hart/Trevion Mack/Willie Goodacre/Darrell Gill Jr./Noah Rosahac/Jamie Tremble/Marcellus Barnes Jr./Jayden Brown/Braheem Long Jr./Zeed Haynes/David Omopariola/Berry Buxton III/Nick Armentano/J'Onre Reed/Ted Olsen/Lysander Moeolo/Tyler Chandler/Jadyn Oh/Ja'Meer Thomas/Maraad Watson/Ibn McDaniels/Malachi James/Travis Brown-Miller/AJ Miller/Patrick Grusser/Jordan Montanez/Nate Prater/Mark Short/Tim Johnson/Stan Modo/Xavier Miles/Vito Shevchenko/Elijah Washington-Baker/Grant Winter/Michael Nwokocha
52%
ACC Boston College Jack Conley/Kamari Morales/Dino Tomlin/Treshaun Ward/Kam Arnold/Dwayne Allick/Kevin Cline/Cam Horsley/Cameron Martinez/George Rooks/Ozzy Trapilo/Jerand Bradley/Jay Brunelle/Grayson James/Drew Kendall/Owen McGowan/Bryquice Brown/Jalen Cheek/Bryce Steele/Jack Brandon/Khari Johnson/Logan Taylor/Lewis Bond/Sedarius McConnell/Nigel Tate/Owen Stoudmire/Otto Hess/Neto Okpala/Donovan Ezeiruaku/Cole Batson/Jalon Williams/Peter Delaportas/Sione Hala/Kwan Williams/Jack Funke/Joe Marinaro/Bugg Jones/Holt Fletcher/Brody Kidwell/Martin Laham/Regen Terry/Quintayvious Hutchins/Matt Ragan/Ty Clemons/Jeremiah Franklin/Jaylen Blackwell/Victor Nelson/Thomas Castellanos/Ryan Turner/Alex Broome/Gilbert Tongrongou/Daveon Crouch/Jordan McDonald/Amari Jackson/Clive Wilson/Jude Bowry/Kahlil Ali/Datrell Jones/Ryan Mickow/Jaedn Skeete/Luke McLaughlin/Kye Robichaux/Jayden McGowan/Palaie Faoa/Michael Crounse/Sam Candotti/Isaiah Farris/Montrell Wade/Josiah Griffin/KP Price/Carter Davis/Jacobe Robinson/Reed Harris/Eryx Daugherty/Syair Torrence/Edwin Kolenge/Max Tucker/Hunter Clark/Caleb Jones/Liam Connor/Jackson Gugni/Shane Hanafin/Tim Hays/Billy Van Pelt/Juan Zabal/Ismael Zamor/Judah Pruitt/Turbo Richard/Kemori Dixon/Jadon Lafontant/Ashton McShane/Charlie Comella/Jayzen Flint/Cedric Lott Jr./Zach Kelly/Ivan Zivenko/Anthony Ferrucci/Nate Johnson/Sam Stone/Luca Lombardo/Pape Abdoulaye Sy/Omar Thornton/Ryan Boultwood/Danny Edgehille/Brady Clough/Souleye Diawara/Tanner Chlupsa/Sean Howard/Cooper Crook/Caden Bowling/James Magerko/Bryant Worrell/Liam Conway/Tommy Cusick/Zach Schnorrbusch/Michael Landolfi/Johnathan Montague Jr.
52%
SEC Louisiana State John Emery Jr./Major Burns/Jacobian Guillory/Jalen Lee/Gio Paez/Kyren Lacy/Garrett Dellinger/Chris Hilton Jr./Bradyn Swinson/Sage Ryan/Greg Penn III/Garrett Nussmeier/Josh Williams/Peyton Todd/West Weeks/Skip Velotta/Sai'vion Jones/Jardin Gilbert/CJ Daniels/Miles Frazier/Jyaire Brown/Will Campbell/Harold Perkins Jr./Shone Washington/Emery Jones Jr./Kimo Makane'ole/Blake Ochsendorf/Aaron Anderson/Ty'son Edwards/Zy Alexander/Paris Shand/Princeton Malbrue/Bo Bordelon/Austin Ausberry/Mason Taylor/Landon Ibieta/Zavion Thomas/Tyree Adams/Rickie Collins/Trey Holly/Kylin Jackson/Kaleb Jackson/Mac Markway/Shelton Sampson Jr./Whit Weeks/Javien Toviano/Slade Roy/Jonathan Ferguson/Jordan Allen/Matt Jayne/Gabe Leonards/Da'Shawn Womack/Damian Ramos/Kyle Parker/DJ Chester/Paul Mubenga/Ashton Stamps/Xavier Atkins/Caden Durham/Kolaj Cobbins/Trey'Dez Green/Wallace Foster IV/De'Myrion Johnson/Ju'Juan Johnson/Davhon Keys/Tylen Singleton/Ory Williams/Jelani Watkins/Nathan Dibert/Javen Nicholas/Malachi Lane/GiVanni Peterson/Noah Nash/AJ Swann/JK Johnson/Preston Hickey/Ka'Morreun Pimpton/Badger Hargett/Cowinn Helaire/Jake Davis/Weston Davis/Ethan Calloway/Colin Hurley/Khayree Lee Jr./Dylan Carpenter/Joel Rogers/Ahmad Breaux/Dominick McKinley/CJ Jackson/Aeron Burrell/Michael Turner/Coen Echols/Gabriel Reliford/Bernard Causey III/P.J. Woodland/Kylan Billiot/Tyson Short/Kobe Roberts/Jake Ibieta/Braden Augustus/Aidan Corbello/Christian Stamps/Jay'Viar Suggs/Joseph Ebun/Craig Walton Jr./Isaiah Stone/Joey August/Kenzel Kelly/Dashawn Spears/Thomas Crawford
52%
SEC Florida Cameron Carroll/Graham Mertz/Trikweze Bridges/Brandon Crenshaw-Dickson/Derek Wingo/R.J. Moten/Elijhah Badger/Justin Pelic/Asa Turner/Ja'Quavion Fraziars/Chimere Dike/Desmond Watson/Mark Pitts/Jason Marshall Jr./Clay Millen/DJ Douglas/Keon Zipperer/Ja'Markis Weston/Jeremy Crawshaw/Marcus Burke/Justus Boone/Austin Barber/Caleb Banks/Jake Slaughter/Devon Manuel/Kamryn Waites/Montrell Johnson Jr./Alfonzo Allen/Shemar James/Jamari Lyons/Rocco Underwood/Cam Jackson/Damieon George Jr./Kahleil Jackson/Ricky Abood II/Arlis Boardingham/Devin Moore/George Gumbs/Quincy Ivory/Bryce Capers/Deuce Spurlock II/Christian Williams/Alex Gonzalez/Jack Pyburn/Trey Smack/Jordan Castell/Kelby Collins/Aaron Gates/Sharif Denson/Ja'Keem Jackson/Knijeah Harris/Gavin Hill/Grayson Howard/Roderick Kearney/Andy Jean/Cormani McClain/Jaden Robinson/T.J. Searcy/Bryce Thornton/Treyaun Webb/Cahron Rackley/Hayden Clem/Hayden Hansen/Hunter Smith/Tyreak Sapp/Taylor Spierto/Joey Slackman/Caleb Rillos/Dijon Johnson/Aidan Mizell/Eugene Wilson III/Caden Jones/Bryce Lovett/TJ Abrams/Jadan Baugh/Aaron Chiles/Myles Graham/LJ McCray/DJ Lagway/D'Antre Robinson/Fletcher Westphal/Javion Toombs/Nicolas Flynn/Scott Isacks/Kamran James/Gannon Burt/Zak Sedaros/Layne Swafford/Mike Williams/Tyreik Norwood/Tony Livingston/Jameer Grimsley/Josiah Davis/Amir Jackson/Marcus Mascoll/Michai Boireau/Teddy Foster/Noel Portnjagin/Ja'Kobi Jackson/Anthony Rubio/Ahman Covington/Bryan Rosenberg/Jackson Wade/Brian Green Jr./Connor Homa/Sebastian Scott/Andre Morris/Aidan Warner/Brayden Slade/Jaden Edgecombe/Ethan Wilson/Gregory Smith III/Tank Hawkins/Paul Kessler/KD Daniels/Lawrence Wright IV/David Schmidt/Brien Taylor Jr./DeBraun Hampton/Nicholas Inglis/Brandon Rabasco/Matthew Kade/Jack Muse/Jake Xeller/Jason Zandamela/Charles Emanuel III/Titus Bullard/Chase Stevens/Mark Faircloth/Enoch Wangoy/Dawson Johnson/Tarvorise Brown/Jakobi Jackson
50%
ACC Florida State DJ Uiagalelei/Lawrance Toafili/Fentrell Cypress II/Richie Leonard IV/Kentron Poitier/Ja'Khi Douglas/Caziah Holmes/Sione Lolohea/Cam Riley/Robert Scott Jr./Emile Aime/TJ Ferguson/Jackson West/DJ Lundy/Keiondre Jones/Darion Williamson/Omarion Cooper/Maurice Smith/Darius Washington/Ryan Fitzgerald/Jeremiah Byers/Byron Turner Jr./Patrick Payton/Kevin Knowles II/Bryson Estes/Alex Mastromanno/Joshua Farmer/Darrell Jackson Jr./Grady Kelly/Julian Armella/Dante Anderson/Jaylen Early/Marvin Jones Jr./Earl Little Jr./Daniel Lyons/Shawn Murphy/Azareye'h Thomas/Roydell Williams/Davonte Brown/Malakai Menzer/Ben Ostaszewski/Jacob Rizy/Deuce Spann/Aaron Hester/Shyheim Brown/Peter Warrick Jr./Kyle Morlock/Omar Graham Jr./Brian Courtney/Jerrale Powers/LaNard Toney/AJ Cottrill/Jalen Brown/Conrad Hussey/Edwin Joseph/Lamont Green Jr./Lucas Simmons/Samuel Singleton Jr./KJ Sampson/Hykeem Williams/Jaylin Lucas/Tomiwa Durojaiye/K.J. Kirkland/Blake Nichelson/Mason Arnold/Justin Cryer/Brock Glenn/Quindarrius Jones/DeMarco Ward/Jonathan Daniels/Kam Davis/Jamorie Flagg/Camdon Frier/BJ Gibson/DD Holmes/Jamari Howard/Elijah Moore/Luke Kromenhoek/Charles Lester III/Landen Thomas/Dylan McNamara/Christian White/Harold Stubbs IV/Mac Chiumento/George Sklavenitis/Cai Bates/Ja'Bril Rawls/Lawayne McCoy/Micahi Danzy/Peyton Naylor/Carson Pielock/Manasse Itete/Jake Weinberg/Trever Jackson/D'Nas White/Ricky Knight III/Jayden Parrish/Amaree Williams/Tye Hylton/Malik Benson/Destyn Hill/Michael Grant/Jaden Jones/Ashlynd Barker/Ashton Bracewell/Donny Hiebert/Jayden Bradford/Brandon Torres/Andre Otto/Zamari McKenley/Xavier Perkins/Grant Fielder/Jayden Todd/Xavier Johnson/Zay Parks/Jeremiah Johnson/Gav Holman/Nick Roebas-Bass/Luke Douglas/Weston Edwards/Timir Hickman-Collins/Willy Suarez/William Ross/Cade Papineau
50%
SEC Missouri Chuck Hicks/Theo Wease Jr./Joseph Charleston/Tyler Stephens/Kristian Williams/Drew Pyne/Brady Cook/Tre'Vez Johnson/Mookie Cooper/Johnny Walker Jr./Drake Heismeyer/Joe Moore/Mitchell Walters/Sidney Williams/Dreyden Norwood/Daylan Carnell/Marcus Bryant/Will Norris/Cam'Ron Johnson/JR Blood/Marcus Carroll/Connor Tollison/Nate Noel/Corey Flagg/Luther Burden III/Sam Horn/Tavorus Jones/Ja'Marion Wayne/Marcus Clarke/Luke Bauer/Toriano Pride Jr./Darris Smith/Mekhi Miller/Marquis Gracial/Armand Membou/Tristan Wilson/Chris McClellan/Zion Young/Marvin Burks Jr./Cayden Green/Jahkai Lang/Brett Norfleet/Shamar McNeil/Logan Reichert/Jalen Marshall/Tommy Lock/Bryce Jackson/Christopher Kreh/Logan Muckey/Jack Meyer/Khalil Jacobs/Sterling Webb/Curtis Peagler/Nasir Pogue/Joshua Manning/Jamal Roberts/Brandon Solis/Sam Williams/Phillip Roche/Marquis Johnson/Nicholas Deloach Jr./Jeremiah Beasley/James Madison II/Nicholas Rodriguez/Williams Nwaneri/Brett Brown/Anthony Favrow/Xavier Machado/Jack McGarry/Nick Quadrini/Isaac Thompson/Caleb Flagg/Brayshawn Littlejohn/Kewan Lacy/Eddie Kelly/Blake Craig/Brett Le Blanc/Tucker Miller/Jack Kautz/Cameron Keys/Daniel Blood/Jordon Harris/Courtney Crutchfield/Brady Hultman/Talan Chandler/Whit Hafer/Brian Huff/Ryan Jostes/Trajen Greco/Caleb Pyfrom/Elias Williams/Austyn Dendy/Aidan Glover/Jaren Sensabaugh/Justin Bodford/Tyson Ellison/Noah Flaskamp/Trey Flint/Ricardo Merriweather/Triston Newson/Tommy Reese/Jackson Hancock/Jude James/Gerald Lacy Jr./Orion Phillips/Graham Gilmer/Jaylen Brown/Derek Brandt/Tommy Martin/Aidan Dubbert/Chace Missouri/Henry McDermott/Jayven Richardson/Grayson Cutchlow/Will Safris/Brody Boehm/Jackson Daily/Jadon Frick/Adam Molitor/Corey Flagg Jr.
47%
SEC Oklahoma Casey Thompson/Luke Elzinga/Trace Ford/Tyler Keltner/Da'Jon Terry/Woodi Washington/Geirean Hatchett/J.J. Hester/Billy Bowman Jr./Jalil Farooq/Ethan Downs/Branson Hickman/Jake Roberts/Michael Tarquin/Josh Plaster/Spencer Brown/Andrel Anthony/Hampton Fay/Kani Walker/Deion Burks/Danny Stutsman/Troy Everett/Jovantae Barnes/Gracen Halton/Dasan McCullough/Kobie McKinzie/Emeka Megwa/Jacob Sexton/Gavin Sawchuk/Jake Taylor/Brenen Thompson/Damonic Williams/Gentry Williams/Ethan Lane/Major Melson/Zach Schmit/Dez Malone/Nic Anderson/Kip Lewis/Caiden Woullard/Jayden Gibson/Jocelyn Malaska/Jayden Rowe/Robert Spears-Jennings/Jackson Arnold/Peyton Bowen/Lewis Carter/Jacobe Johnson/Jaquaize Pettaway/Makari Vickers/Kaden Helms/Jaren Kanak/Sam Franklin/Davon Sears/Joshua Bates/Febechi Nwaiwu/Bauer Sharp/Adepoju Adebawore/Phil Picciotti/Heath Ozaeta/Samuel Omosigho/Ashton Logan/Ben Anderson/Erik McCarty/Ashton Sanders/Kalib Hicks/Steele Wasel/Logan Howland/Kade McIntyre/Eli Bowen/Jaydan Hardy/Michael Hawkins Jr./Zion Kearney/Nigel Smith II/Jeremiah Newcombe/Zion Ragins/Eddy Pierre-Louis/Gabe Sawchuk/David Stone/Taylor Tatum/Daniel Akinkunmi/R Mason Thomas/Owen Heinecke/Peter Schuh/Gunnar Allen/Danny Okoye/Jakeb Snyder/Taylor Wein/Ivan Carreon/Markus Strong/KJ Daniels/Xavier Robinson/Taylor Heim/Eugene Brooks/Bergin Kysar/Jayden Jackson/Davon Mitchell/Reggie Powers III/Josh Aisosa/Michael Boganowski/James Nesta/Devon Jordan/Andy Bass/Brendan Zurbrugg/Wyatt Gilmore/Kendel Dolby/Chapman McKown/Casen Calmus/Cale Fugate/Emmett Jones III/Kenneth Wermy/Ty Kubicek/Josh Fanuiel/Trey Brown/Eli Merck/Drew Heinig/Kyle Carlson/Mykel Patterson-McDonald/Liam Evans/Dax Noles/Isaiah Autry-Dent/Evan McClure/Jacob Jordan/Ace Hodges/Mari Atchison
45%
ACC North Carolina Darwin Barlow/Jakeen Harris/Kevin Hester Jr./Antavious Lane/Desmond Evans/Jacolbe Cowan/Jonathan Adorno/Jacolby Criswell/Tylee Craft/Austin Blaske/John Copenhaver/DeAndre Boykins/Kobe Paysour/Jahvaree Ritzie/Nate McCollum/Gavin Blackwell/Power Echols/Eli Sutton/Malik McGowan/Kaimon Rucker/Joshua Harris/Alijah Huzzie/Willie Lampkin/Caleb Hood/J.J. Jones/Jakiah Leftwich/Bryson Nesbit/Mali Hamrick/Omarion Hampton/Jake Johnson/Travis Shaw/Max Johnson/Spencer Triplett/Noah Burnette/Beau Atkinson/Trevyon Green/Conner Harrell/Will Hardy/Kaleb Cost/Christian Hamilton/Jaybron Harvey/Joel Starlings/Brooks Miller/Cyrus Rogers/Gibson Macrae/Carter Kulka/Thomas Flynn/Cal Tierney/Chris Culliver/Howard Sampson/Paul Billups II/Caleb LaVallee/Tyler Thompson/Luke Osteen/Julien Randolph/Jordan Louie/Michael Short/Ty Adams/Rodney Lora/Tre Miller/Aidan Banfield/Zion Ferguson/Davion Gause/Jordan Shipp/Alex Taylor/Grady Sherrill/Michael Hall/Marcus Allen/Jaden Selby/Aiden Cloninger/Major Byrd/Garrett Jordan/CJ Murphy/Zach Rice/Jarvis Hicks/Bo Burkes/Deems May/Liam Boyd/Amare Campbell/Khalil Conley/Evan Bennett/Desmond Jackson/Andrew Rosinski/Ashton Woods/Jalon Thompson/Crews Law/Jaiden Patterson/Daniel Anderson/Luke Masterson/Jani Norwood/Ryan Ward/Peter Pesansky/Michael Merdinger/Timmy Lawson/Javarius Green/Leroy Jackson/Curtis Simpson/Lucas Osada/Tom Maginness/Reggie Love II/Jack Blythe/Cade Law/Josh Espindola/Cort Halsey/Damon Bremer/Zach Greenberg/Ty White/Malcolm Ziglar/Tyrane Stewart/DJ Mazzone/Ben Bastek/Andres Miyares Jr./Hudson Wilharm/Charleston French/Miles Gaddy/Blaine McClure/Kenyon McMahon/Zach Gluckman/Grant Mills/Jason Smith/Hayes Galloway
45%
Big Ten Iowa Sebastian Castro/Nick DeJong/Cade McNamara/Tyler Elsbury/Jermari Harris/Ethan Hurkett/Yahya Black/Deontae Craig/Gennings Dunker/Leshon Williams/Connor Colby/Luke Lachey/Mason Richman/Jay Higgins/Nick Jackson/Jaden Harrell/Zach Twedt/Quinn Schulte/Kyler Fisher/Beau Stephens/Jeff Bowie/Jacob Gill/Brendan Sullivan/Max Llewellyn/Jeremiah Pittman/Kaleb Brown/Aaron Graves/Xavier Nwankpa/Michael Myslinski/Jamison Heinz/Eric Epenesa/Jeremy Chaplin/Logan Jones/Karson Sharar/Deavin Hilson/Caden Crawford/Kaleb Johnson/Deshaun Lee/Jackson Stratton/Jack Dotzler/Jayden Montgomery/Kale Krogh/Koen Entringer/Marco Lainez/Maddux Borcherding-Johnson/TJ Hall/Addison Ostrenga/Jaxon Rexroth/Max White/Alec Wick/Kelby Telander/Eli Miller/Luke Elkin/Andrew Lentsch/Johnny Pascuzzi/Seth Anderson/Brian Allen/Landyn Van Kekerix/Alex Mota/Kahlil Tate/Trevor Lauck/Kenneth Merrieweather/Chase Brackney/Leighton Jones/John Nestor/Zach Ortwerth/Zach Lutmer/Jarriett Buie/Terrell Washington Jr./Cannon Leonard/Cam Buffington/Cody Fox/James Resar/Preston Ries/Derek Weisskopf/Jaziun Patterson/Reese Osgood/Drew Stevens/Graham Friedrichsen/Kael Kolarik/Kaden Wetjen/Luke Gaffney/Will Hubert/Kyson Van Vugt/Alex Eichmann/KJ Parker/Cade Borud/Jalyn Thompson/Kamari Moulton/Kade Pieper/Dayton Howard/Teegan Davis/Grant Leeper/Josh Janowski/Jaylen Watson/Bodey McCaslin/Reece Vander Zee/Drew Campbell/Xavier Williams/Brevin Doll/Will Nolan/Joseph Anderson/Chima Chineke/Michael Burt/Devan Kennedy/Graham Eben/Gavin Hoffman/Rashad Godfrey Jr./Amare Bickham/Watts McBride/Ayden Price/Judah Mallette/Nolan DeLong/Rusty VanWetzinga/Jack Laughlin/Cael Winter/Hayden Large/Ty Nissen/Rhys Dakin/Drew Larson/Kyler Gerardy/Grant Glausser/Devan Van Ness/Ryan Kuennen/Trent Cakerice/Ethan Aghakhan/DJ Vonnahme/Cole Marsh/Tripp Woody/Ike Speltz
45%
ACC Louisville Tyler Shough/Renato Brown/Victor Cutler/M.J. Griffin/Myles Jernigan/Quincy Riley/Harrison Bailey/Jared Dawson/Jimmy Calloway/Caullin Lacy/Jadon Thompson/Austin Collins/Izayah Cummings/Duane Martin/Devin Neal/Mark Redman/Corey Thornton/Brock Travelstead/Ja'Corey Brooks/Michael Gonzalez/Tramel Logan/Trevonte Sylvester/Dezmond Tell/Rasheed Miller/Richard Kinley/Jonathan Mendoza/Ramon Puryear/Lance Robinson/Tahveon Nicholson/Pete Nygra/Benjamin Perry/TJ Quinn/Ashton Gillotte/Monroe Mills/Donald Chaney/Selah Brown/Tayon Holloway/Jaleel Skinner/Brady Allen/Dakadrien Saunders/Mason Reiger/Tamarion McDonald/Thor Griffith/Rene Konga/Jordan Guerad/D'Angelo Hutchinson/Daeh McCullough/Nate Kurisky/Maurice Turner/Antonio Watts/Chris Bell/Pierce Clarkson/Micah Carter/Stanquan Clark/Joe Crocker/Jahlil McClain/Madden Sanker/William Spencer/Aaron Williams/Jurriente Davis/Blake Ruffin/Shai Kochav/Brady Hodges/Adonijah Green/Makhete Gueye/Saadiq Clements/Jamari Johnson/Keyjuan Brown/T.J. Capers/Isaac Brown/Dylan Mesman/Xavier Porter/Nick Keller/A.J. Vinatieri/Sam Young/Sam Vaulton/Antonio Meeks/Cataurus Hicks/Drew Covington/Rae'mon Mosby/Deuce Adams/Ransom McDermott/Duke Watson/Jimmy Williams III/Shaun Boykins/Trent Carter/Fred Johnson/Maurice Davis/Jaiden Spearman/Jathan Hatch/Travis Egan/Hayden Travelstead/Jaden Minkins/Carter Schwartz/Jaedon King/Kris Hughes/Jaxon Panariello/Destin Cheirs/Cooper Ranvier/Dan Foster Jr./Jake Scianna/M.J. Campbell/JoJo Stone/Adam Winkenhofer/Ryan Zimmerman/Anderson Mitchell/Trey Durbin/Shammai Gates/Brady McEnaney/Eli Limouris/Ellis McAdoo/Hamilton Atkins/Eli Adams/Dan Foster Jr./Donald Chaney Jr./Bailey Harrison/Ahmari Huggins-Bruce
45%
ACC NC State Dawson Jaramillo/Zeke Correll/KJ Martin/Grayson McCall/Jordan Waters/Noah Potter/Devon Betty/Devan Boykin/Anthony Carter Jr./Jalen Coit/Sean Hill/Dacari Collins/Patrick Matan/Yousef Mugharbil/Davin Vann/Aydan White/Travali Price/DK Kaufman/Chazz Wallace/Jayland Parker/Demarcus Jones II/Timothy McKay/Collin Smith/Corey Coley/Jordan Poole/Jakolbe Baldwin/Caden Fordham/Sean Brown/Matt McCabe/Brandon Cleveland/Red Hibbler/Ja'Had Carter/Dylan Gray/Isaiah Crowell/Jackson Vick/Jake Mann/Rylan Vann/Val Erickson/DJ Jackson/Kevin Concepcion/Daemon Fagan/Rico Jackson/Noah Rogers/Isaiah Shirley/Hollywood Smothers/Anthony Belton/Caden Noonkester/Lex Thomas/Walt Gerard/Wesley Grimes/Kendrick Raphael/Juice Vereen/Jacarrius Peak/Justin Joly/Darion Rivers/Zack Myers/Kelvon McBride/Obadiah Obasuyi/Brandon Cisse/Kamal Bonner/Tamarcus Cooley/CJ Bailey/Brody Barnhardt/Asaad Brown Jr./Keenan Jackson/Jonathan Paylor/Ronnie Royal III/Kamen Smith/Blair Alexander/Aiden Hollingsworth/Ashton Locklear/Luke Peters/Ethan Rhodes/Kanoah Vinesett/Devon Marshall/Terrell Anderson/Aiden Arias/Foster Burt/Reid Mitchell/Cannon Lewis/Justin Terrell/Jayden Scott/Robby Martin/Christian Zachary/Trent Mitchell/Josh Alexander-Felton/Chase Bond/Elijah Groves/Jivan Baly/Joshua Ofor/Isiah Jones/Zane Williams/Levi Temple/Michael Tate/Blake Raphael/Odera Orizu/Jayden Hollar/Bishop Fitzgerald/Coleson Fields/Owen Fehr/Rente Hinton/Jaxon Godbey/Keyaan Abdul-Rahim/Tyler West/Darius Johnson/Cole Wilson/Eli Calhoun/Charlie Birtwistle/Tank Boston/Addison Carlson/Nathan Carr/Jack Cook/Dante Daniels/Logan Foust/Nick Koniecznski/Rodney Lacewell/Bramond McRae/Robert Shockey/Jeffrey Simms/Steven Stokes/Elijah Tillery/Bruce White/Wyatt Wright/Corey Coley Jr.
43%
Big Ten Indiana Jacob Mangum-Farrar/Solomon Vanhorse/Nick Kidwell/Ty Son Lawton/Mike Katic/Nic Toomer/Justice Ellison/Derin McCulley/Kurtis Rourke/Josh Sanguinetti/Myles Price/Trey Wedig/Bryson Bonds/Lanell Carr Jr./Cooper Jones/Marcus Burris Jr./Roman Purcell/Jamier Johnson/Nahji Logan/James Bomba/Tyler Stephens/Terry Jones Jr./Ke'Shawn Williams/Tyrik McDaniel/James Carpenter/Cedarius Doss/Derek McCormick/JoJo Johnson/Donaven McCulley/Trey Walker/Vincent Fiacable/James Evans/Shawn Asbury II/Miles Cross/E.J. Williams Jr./CJ West/Elijah Green/Kaelon Black/Mikail Kamara/Mark Langston/DJ Warnell Jr./Omar Cooper Jr./Kaiden Turner/Tayven Jackson/Venson Sneed Jr./Brody Foley/Isaiah Jones/Carter Smith/Bray Lynch/Andrew Depaepe/Amare Ferrell/Andison Coby/Jailin Walker/Zach Horton/Joshua Rudolph/Andrew Turvy/Eli Jochem/Jamari Sharpe/Neil Campbell/Felix Meeks/Robby Harrison/Aiden Fisher/Tyrique Tucker/J'mari Monette/Sam West/Austin Barrett/Nicolas Radicic/Josh Philostin/Race Stewart/Jaxon Miller/Elijah Sarratt/Drew Evans/Jack Greer/Alejandro Quintero/Daniel Weems/Jeff Utzinger/Aaron Stewart/Jackson Wasserstrom/Aden Cannon/Max Williams/Brady Simmons/Camden Jordan/D'Angelo Ponds/Ta'Derius Collins/Jah Jah Boyd/Brody Kosin/Khobie Martin/Mitch Verstegen/William Depaepe/Tyler Cherry/Evan Lawrence/Adedamola Ajani/Charlie Becker/Daniel Ndukwe/Dontrae Henderson/Quentin Clark/Mario Landino/Austin Leibfried/Jaz Boykin/Reece Bellin/Anthony Chung/Clay Conner/Finn Walters/Alberto Mendoza/Rolijah Hardy/Ebon Person/Luke Haupert/Kyler Kropp/Heath Kizer/Kaden McConnell/Carter Imes/Lincoln Murff/Clayton Allen/Caleb King/Josh Placzek/Quinn Warren
43%
SEC Texas A&M Rodas Johnson/EJ Smith/Solomon DeShields/Dametrious Crownover/Trey Zuhn III/Reuben Fatheree II/Shemar Turner/Danny Lockhart Jr./Jared Zirkel/Nathan Jackson/Jaydon Hill/Shane Calhoun/Trey Jones III/Garrett Miller/Tyreek Chappell/Jaylen Henderson/Josh Celiscar/Ar'maj Reed-Adams/Jabre Barber/Albert Regis/BJ Mayes/Kolinu'u Faaiu/Moose Muhammad III/Jacob Graham/Bryce Anderson/Gabriel Brownlow-Dindy/Kam Dewberry/Jarred Kerr/Le'Veon Moss/Shemar Stewart/Malick Sylla/Conner Weigman/Enai White/Tre Watson/Drake Bhatia/Aki Ogunbiyi/Israel Benjamin/Martrell Harris Jr./Cashius Howell/Hunter Erb/Noah Thomas/Jacob Bostick/Mark Nabou Jr./Nic Scourton/Chase Bisontis/Dalton Brooks/Theo Melin Ohrstrom/Rueben Owens/Marcel Reed/TJ Shanahan/Micah Tease/Jayvon Thomas/Scooby Williams/Truette Tumey/Amari Daniels/Randy Bond/Blake Bost/Caleb Surber/Connor Able/William Huntsinger/Jaden Platt/Bravion Rogers/Cyrus Allen/Taurean York/Chantz Johnson/Marcus Ratcliffe/Samu Taumanupepe/Tyler White/Daymion Sanford/Isendre Ahfua/Terry Bussey/Ernest Campbell/Dealyn Evans/Blake Ivy/Jordan Lockhart/Dezz Ricks/Jordan Pride/Izaiah Williams/Preston Landis/Donovan Saunders/Donovan Green/Anthony DiNota/Kyle Walsh/Andrew Maleski/Levi Hancock/Chance Jackson/Drew Beltran/Cody Polk/Dallas Novicke/Jacob Brasher/Nana Boadi-Owusu/Nathan Figueroa/Ashton Funk/Rylan Kennedy/Solomon Williams/Kendall Jackson/Tristan Jernigan/Ashton Bethel-Roman/Myles Davis/Miles O'Neill/Robert Bourdon/Jadon Scarlett/Johnny Ryder/Aaron Trevino/Isaiah Willis/Aidan Herrera/Sam Salz/Zachary Clay/Kevin Longstreet Jr./Will Lee III/Wesley Watson/Jahdae Walker/DJ Hicks/Ronnie Crosby III/JR Rosenberg/Ty Banco/Blake Buntyn/Chase Burton/Tommy Colligan/Alessandro Perez/Dashawn Fillmore/Ryan Burtin/Paxton Land/Keegan Andrews/Adam Graham/Bryce Barnes/Collin Strittmatter/Samuel Thornton/Luke Braden/Jesse Chukwu/Ramarian Tillman/Layne Gerke/Dylan Mayers/Sawyer Bolli/Peyton Gay/Benjamin Bruce/Liam Padron/Jackson Graham/Carter Braugh/Kyle Garvis/Brady Stephenson/Charlie Shears
43%
SEC Vanderbilt Aeneas DiCosmo/Steven Losoya/Zaylin Wood/Loic Fouonji/Dariyan Wiley/Kevo Wesley/Eli Stowers/De'Rickey Wright/Langston Patterson/Christian James/Maurice Hampton Jr./Tyson Russell/Quincy Skinner Jr./Delfin Xavier Castillo/Mark Davis/Miles Capers/Chase Mitchell/Marlen Sewell/Prince Kollie/Khordae Sydnor/Alan Wright/Jesse Mirco/Gage Pitchford/Gunnar Hansen/Steven Hubbard/Julian Ashby/Devin Lee/Kolbey Taylor/CJ Taylor/Carson Casteel/Drew Dickey/Cade McConnell/Linus Zunk/Cole Spence/Darren Agu/Grayson Morgan/Trudell Berry/Bryce Cowan/Bradley Mann/Nate Johnson/David Siegel/Martel Hight/Brennan Storer/Steven Sannieniola/Jeremiah Dillon/Jacob Katona/Chase Gillespie/Will Faris/Charlie Clark/Micah Bell/Daniel Gaw/Yilanan Ouattara/AJ Newberry/De'Marion Thomas/Randon Fontenette/Sedrick Alexander/Cooper Starks/Junior Sherrill/Misael Sandoval/Jailen Ruth/Anthony Miles/Jamoni Jones/Diego Pavia/Jalen Gilbert/Kamrean Johnson/Ted Gregoire/Brock Taylor/Hutch Baird/Boubacar Diakite/Isaiah Fontan/Richie Hoskins/Duncan MacDonald/Hayden Moses/Dominic Rezac/Nicholas Rinaldi/Jeffrey Ugochukwu/Landon Wells/Bryan Longwell/Mustafa Dannett/Johann Cardenas/Emmanuel Adebi/Brycen Coleman/Blaze Berlowitz/Whit Muschamp/Callahan Blair/Glenn Seabrooks III/Simeon Boulware/Josh Raymond/Jaylin Lackey/Jamison Curtis/Mason Carter/Dontae Carter/Witt Edwards/Joseph McVay/Tate Hamby/Alvin Williamson Jr./Tristen Brown/Derek Kee/Payne Daniel/Jackson Heis/Ty Bartholomew/Keegan Wechsler/Conor Weasler/Evan Herrmann/Gabe Fisher/Mason Rohmiller/Jeremy St-Hilaire/Thomas Jones/Ty Burd/Brail Lipford/Jamezell Lassiter/Jake Balis/Will Conley/Larry Benton III/Max Fisher/CJ Williams/Cameron Bosen/Boski Barrett/Tyler Fortenberry
42%
Big 12 Oklahoma State Alan Bowman/Justin Wright/Cole Birmingham/Dalton Cooper/Joe Michalski/Kody Walterscheid/Preston Wilson/Korie Black/Jason Brooks Jr./Taylor Miterko/Xavier Ross/Rashod Owens/Kyler Pearson/Brennan Presley/Jeff Roberson/Quinton Stewart/Trey Rucker/Collin Clay/Tyler Foster/Nick Martin/Jake Springfield/Jake Schultz/Kobe Hylton/Sam Babbush/Kendal Daniels/AJ Green/Lyrik Rawls/Aden Kelley/Da'Wain Lofton/Bryce Drummond/Collin Oliver/Ty Williams/Raymond Gay II/Trent Howland/Kale Smith/Cam Smith/De'kelvion Beamon/Talyn Shettron/Garret Rangel/Kenneth Harris/Isaia Glass/Wes Pahl/DeSean Buckner/Cale Cabbiness/Aidan Davenport/Gabe Brown/De'Zhaun Stribling/Ollie Gordon II/Landon Dean/Cameron Epps/Mason Gilkey/DeSean Brown/Calvin Harvey/Austin Kawecki/Jaleel Johnson/Tabry Shettron/Kam Franklin/Luke McEndoo/Hilton Marsh/Logan Ward/Parker Robertson/Noah McKinney/Gavin Freeman/Jaedon Foreman/Jack Endean/Davis Dotson/Jakobe Sanders/Zane Flores/Dylan Smith/Camron Heard/Poasa Utu/Willie Nelson/Jacobi Oliphant Jr./Chance Clements/Garrick Martin/RJ Lester/Ike Esonwune/Hudson Kaak/Justin Kirkland/AJ Ridener/Maealiuaki Smith/Jaxon Deason/Patrick Ojo/Jaelen Tucker/Seth Swirczynski/Kason Shrum/Ty Walls/Gage Stanaland/Tywon Wray Jr./Tykie Andrews/Jalen Pope/Josh Ford/Rodney Fields Jr./Sesi Vailahi/Jamison Mejia/Armstrong Nnodim/Landyn Cleveland/Caleb Hackleman/Tre Griffiths/Nuku Mafi/Temerrick Johnson/Chauncey Johnson/Gunnar Wilson/Jonathan Agumadu/Christian Hurd/Reed DeQuasie/Gabriel Rodriguez/Hudson Devins/Cooper Lai/Kade Welcher/Grant Mirabal/Shea Freibaum/Justin Crutchmer/Garrett Keith/Andrew McCall/Jarrett Henry/Iman Oates/Luke Webb/LaDainian Fields/Obi Ezeigbo/Jaden Allen-Hendrix/Ayo Shotomide-King/Garret Wilson/David Kabongo/C.J. Williams/Braden Baize/Holden Thompson/Talon Kendrick/Dominic Grein/Chris Robinson/Evan Smith/Wiley Sills/Charlie Christopher/Yamil Talib/Austin Young/Aiden Isaacs/Ashton Isaacs/Wyatt Holmes/Cutter Greene/Heston Thompson/Marcus Dockins Jr.
42%
SEC South Carolina Alex Herrera/Oscar Adaway III/DeAndre Jules/Demetrius Knight II/Jakai Moore/Kamaar Bell/Davis Beville/Luke Doty/Tonka Hemingway/Mohamed Kaba/Vershon Lee/Joshua Simon/David Spaulding/Alex Huntley/Monkell Goodwine/Ahmari Huggins-Bruce/O'Donnell Fortune/Bangally Kamara/Kyle Kennard/Nick Elksnis/Dalevon Campbell/Kai Kroeger/Raheim Sanders/Gilber Edmond/Nick Barrett/Brady Hunt/Jatius Geer/T.J. Sanders/Jaron Willis/Buddy Mack III/Ni Mansell/Aaryn Parks/Payton Mangrum/Bradley Dunn/Hunter Rogers/Debo Williams/Torricelli Simpkins III/Robby Ashford/Jared Brown/Ryan Brubaker/Jamaal Whyce/Chase Sweigart/Peyton Williams/Bryan Thomas Jr./Emory Floyd Jr./Cason Henry/Nick Emmanwori/Markee Anderson/Nyck Harbor/Vandrevius Jacobs/Nathan Harris-Waynick/Cole Rasmussen/King-Demenian Ford/LaNorris Sellers/Gage Larvadain/Colin Bryant/Juju McDowell/Eriq Rice/Bam Martin-Scott/William Joyce/Ronnie Porter/Joseph Byrnes/Andrew Colasurdo/Aaron Morton/Desmond Umeozulu/Reid Mikeska/Vicari Swain/Zahbari Sandy/Trovon Baugh/CJ Adams/Connor Cox/Jalon Kilgore/Judge Collier/Jatavius Shivers/Elijah Caldwell/Mazeo Bennett/Wendell Gregory/Debron Gatling/Michael Smith/Kam Pringle/Dante Reno/Jalewis Solomon/Dylan Stewart/Josiah Thompson/DQ Smith/Jace Blackshear/Chase McCracken/Daniel Lester/Mac Walters/Gerald Kilgore/Kelvin Hunter/Tyshawn Russell/Blake Franks/Matthew Fuller/Mason Love/David Bucey/Fred Johnson/Elijah Davis/Djay Braswell/Jamian Risher Jr./Maurice Brown II/Peyton Argent/Jordan Franke/Tree Babalade/Campbell Vandiver/Lukas Vozeh/Jawarn Howell/Jimmy Francis/Isaiah McClary/Gunnar Yocum/Neil Salvage III/Jackson Burger/Landon Kurtz/Larry Scott/Rondarius Porter/Chase Kibble/Parker Lawson/Jake Recker/Emazon Littlejohn/Jerome Simmons
42%
Big 12 Arizona Justin Holloway/Justin Flowe/Stanley Ta'ufo'ou/Gunner Maldonado/Lance Keneley/Kevon Darton/Jacory Croskey-Merritt/Roberto Miranda/Sam Olson/Tre Smith/Dalton Johnson/JT Hand/Keyan Burnett/Marquis Groves-Killebrew/Sterling Lane II/Rayshon Luke/Tetairoa McMillan/Grayson Stovall/Montana Lemonious-Craig/Owen Goss/Quali Conley/Josh Baker/Tyler Loop/Leif Magnuson/Treydan Stukes/Ryan Stewart/Shancco Matautia/Tacario Davis/Chubba Ma'ae/Noah Fifita/Tyler Powell/Jonah Savaiinaea/Chase Kennedy/Michael Wooten/Brayden Dorman/Jack Luttrell/Malachi Riley/Leviticus Su'a/Cash Peterman/CJ Flores/Jaden Clark/Jacob Manu/Kedrick Reescano/Dorian Thomas/Jai-Ayviauynn Celestine/Elijha Payne/Arian Parish/Alexander Doost/Raymond Pulido/Emmanuel Karnley/Jonah Rodriguez/Genesis Smith/Tylen Gonzalez/Gavin Hunter/Dominic Lolesio/Julian Savaiinaea/Brandon Johnson/Jackson Holman/Trey Naughton/Dylan Tapley/Cole Tannenbaum/AJ Jones/Rex Haynes/Devin Dunn/Ta'ita'i Uiagalelei/Jordan Forbes/Brandon Craddock/Wendell Moe Jr./Sam Graci-Glazer/John Hart/Isaiah Johnson/Jarra Anderson/Chase Randall/Chris Hunter/Jabari Mann/Nick Fernandez/Taye Brown/Brandon Phelps/Stacy Bey/Eduwa Okundaye/Michael Salgado-Medina/Matthew Lado/Tristan Davis/Keanu Mailoto/Devin Hyatt/Zarius Wells/Rhino Tapa'atoutai/Bryce Echols/Christian Madoski/Tyler Mustain/Nolan Clement/Dominic Hanger/Ammon Kaufusi/Kamuela Ka'aihue/Anthony Garcia/Reymello Murphy/Adam Damante/Kaden Wicks/Demetrius Freeney/Julius Oliver/Johno Price/Jeremiah Patterson/Quinn Olson/Anthony Wilhite/Kayden Luke/Taniela Taliauli/Jordan McCord III/Cyrus Durham
42%
Big 12 Kansas State Keenan Garber/Dante Cephas/Ta'Quan Roberson/Taylor Poitier/Cody Stufflebean/Will Swanson/Carver Willis/Jadon Jackson/Austin Moore/Brendan Mott/Jordan Dunbar/Keagan Johnson/Damian Ilalio/Darell Jones/Quenton Rice/Alec Marenco/Andrew Leingang/Ty Bowman/Beau Palmer/Marques Sigle/Tyler Nelome/Easton Kilty/Justin Wolf/Desmond Purnell/Chris Tennant/Jordan Riley/Tyson Struber/Dante Thomas/Jacob Knuth/Garrett Oakley/Colby McCalister/VJ Payne/Tobi Osunsanmi/Brayden Loftin/Drake Bequeaith/Avery Johnson/Trey Krause/DJ Giddens/Andrew Sonner/Drew Schmelzle/Hadley Panzer/Sam Hecht/Titus Tuiasosopo/John Pastore/Tre Spivey/Asa Newsom/Donovan Rieman/Sterling Lockett/Jacob Parrish/Camden Beebe/Dylan Edwards/Will Anciaux/Jackson Fullmer/Kanijal Thomas/Donovan McIntosh/Jordan Allen/Andre Davis/Wesley Fair/Andrew Metzger/Kam Sallis/Jack Fabris/Joe Jackson/Ryan Howard/Devon Rice/Navarro Schunke/Evan Cantu/Michael Capria/Justice James/Jet Dineen/Joe Hall III/Alex Key/Gavin Meyers/Erwin Nash/Mason Olguin/Uso Seumalo/Leyton Simmering/Nickendre Stiger/La'James White/Zach Wittenberg/Ryan Davis/Austin Romaine/Chiddi Obiazor/Asher Tomaszewski/Simon McClannan/Keane Bessert/Isaac Koch/Travis Bates/Devin Vass/Gus Hawkins/Jayce Brown/JB Price/Blake Barnett/Jake Stonebraker/Jackson Voth/Kyle Rakers/Kaedin Massey/Callen Barta/Jacques Spradley-Demps/Boone Morris/Mikey Bergeron/Teagan Cobb/Daniel Cobbs/Jayden Cook/Garrett Harstad/Terry Kirksey Jr./Gabe Roland/George Traglia/Rex Van Wyhe/Brock Woolf/Trae Davis/Zashon Rich/Malcolm Alcorn-Crowder/Holden Bass/Logan Cox/Will Granger/Truman Griffith/Hudson Hutcheson/Zayden Martinez/Kaden McMahan/Bryce Noernberg/Blake Turner/Cooper Warren/Ben Wheeler/Andre Davis
42%
Big Ten Purdue Salim Turner-Muhammad/Luke Griffin/Shitta Sillah/Hudson Card/Cole Brevard/Markevious Brown/Damarjhe Lewis/Yanni Karlaftis/Nyland Green/Gus Hartwig/Antonio Stevens/Kydran Jenkins/Joe Anderson/Kam Brown/Ben Freehill/Joshua Sales Jr./Jamarius Dinkins/Corey Stewart/Kyndrich Breedlove/Drew Biber/Jahmal Edrine/Joe Strickland/Joey Tanona/Devin Mockobee/Marcus Mbow/Christian Gelov/Andrew Sowinski/Ben Furtney/Jalen Grant/Reggie Love III/RJ Lopez/Anthony Brown/De'Nylon Morrissette/Mahamane Moussa/CJ Smith/CJ Madden/Max Klare/Drake Carlson/Ryne Shackelford/Aaron Roberts/Rod Green/Bennett Meredith/Mo Omonode/Joseph Jefferson II/Winston Berglund/Dillon Thieneman/Owen Davis/Jamarrion Harkless/George Burhenn/Will Heldt/Derrick Rogers Jr./Jaron Tibbs/Tayvion Galloway/Earl Kulp/Luke Williams/Jeffrey M'Ba/DJ Wingfield/Zeke Williams/Nick Levy/Jaheim Merriweather/Koy Beasley/Hudson Miller/Drew Woodruff/Ryan Browne/Marcos Davila/Keelan Crimmins/Jimmy Liston/Addai Lewellen/Bennett Boehnlein/Arhmad Branch/Hudauri Hines/Jordan King/Jaden Ball/Tarrion Grant/D'Mon Marable/Jesse Watson/Tra'Mar Harris/Shamar Rigby/Max Parrott/Jamari Payne/Ty Hudkins/Demeco Kennedy/Spencer Porath/John Randle Jr./Jayden Dixon-Veal/Jake Wilson/Botros Alisandro/Elijah Jackson/Joey Sumlin/Landon Heard/Tom Ewing/Ethan Trent/Bakyne Coly/Andrew Adkison/Luke Jones/Trey Smith/Sterling Smith/Nolan Buckman/Luke Pettaway/Donovan Hamilton/Jireh Ojata/Smiley Bradford/Leland Smith/Carson Kitchel/Jaren Bush/Antonio Harris/Cooper Kitchel/Ayden Murray/Isaiah Needam/Landon Drennan/Reese Hill/Thomas Tinsley/Anthony Boswell/Jaekwon Bouldin/Caleb Irving/Adam Kidder/Luke Klare/James Hardy/Albert Schwartz/Elijah Taylor/Logan Jellison
42%
ACC California David Reese/Craig Woodson/Xavier Carlton/Corey Dyches/Aidan Keanaaina/Victor Stoffel/Ricky Correia/T.J. Bollers/Mavin Anderson/Collin Gamble/Stanley Saole-McKenzie/Byron Cardwell/Will McDonald/Miles Williams/Jerry Johnson III/Marcus Harris/Chandler Rogers/Akili Calhoun/Ryan Coe/T.J. Session/Bastian Swinney/Hunter Barth/Derek Wilkins/Matthew Wykoff/Nohl Williams/Lachlan Wilson/J.T. Byrne/Nate Burrell/Tobias Merriweather/Jaydn Ott/Trent Ramsey/Cam Sidney/Sioape Vatikani/Dylan Jemtegaard/CJ Harris/Myles Williams/Lu-Magia Hearns III/Kyion Grayes/Cheikhsaliou Fall/Teddye Buchanan/Curlee Thomas IV/Jaiven Plummer/Nate Rutchena/Marcus Scott II/Rush Reimer/Braden Miller/Jonathan Brady/Fernando Mendoza/Ryan Yaites/Jasiah Wagoner/Trond Grizzell/Jake Arguello/Jeffrey Johnson/Liam Johnson/Jordan King/Mikey Matthews/Cade Uluave/Serigne Tounkara/Nyziah Hunter/BJ Canady/Camden Jones/Legend Journey/Justin Williams-Thomas/Mason Starling/Cole Boscia/Brooklyn Cheek/Julian Womack/Mayze Bryant/Josh Stovall/Jack Endries/Elijah Diaz/Zurich Ashford/Jamaal Wiley/Ben Marshall/David Bird/Josiah Martin/EJ Caminong/Jaivian Thomas/Trevor Rogers/Frederick Williams III/Luke Ferrelli/Tyler Knape/Andrew Maushardt/Eze Osondu/Michael-Anthony Okwura/Nick Morrow/Matthew Littlejohn/Kadarius Calloway/Belay Brummel/Spencer Brien/Myles Reber/Dean-Taylor Chapman/Nate Escalada/Michael Cooley/Ryan McCulloch/BJ Jones/Murphy Glasgow/R.J. Stephens/Aiden Newbill/Bobby Engstler/Syris Corley/Khamani Hudson/Ja'ir Smith/Dayday Aupiu/Isaiah Crosby/Jayden Parker/Isaac Torres/Carson Perry-Smith/Tobey Weydemuller/Jude McLellan/Aaron Hampton/Ewan Arechaederra/Lucas Vanderlind/Sam Bjerke/Jack Olyphant/Derek Morris
40%
Big Ten Michigan State Tyneil Hopper/Kay'Ron Lynch-Adams/Quindarius Dunnigan/Maverick Hansen/Lejond Cavazos/D'Quan Douse/Cal Haladay/Charles Brantley/Dallas Fincher/Darius Snow/Angelo Grose/Khris Bogle/Jonathan Kim/Tanner Miller/Tommy Schuster/Ed Woods/Montorie Foster Jr./Ru'Quan Buckley/Avery Dunn/Alante Brown/Nathan Carter/Armorion Smith/Jalen Satchell/Wayne Matthews III/Antonio Gates Jr./Nikai Martinez/Alex VanSumeren/Dillon Tatum/Tyler Gillison/Zach Gillespie/Joseph Martinez/Sam Edwards/Jordan Turner/Aveon Grose/Luke Newman/Kristian Phillips/Gavin Broscious/Anthony Jones/Ashton Lepo/Malik Spencer/Ade Willie/Michael Masunas/Jack Velling/Caleb Coley/Aaron Alexander/Jaron Glover/Ben Roberts/James Schott/Semaj Bridgeman/Cole Dellinger/Jordan Hall/Jalen Thompson/Khalil Majeed/Brandon Baldwin/Kaden Schickel/Ademola Faleye/Carson Voss/Jeremiah Hughes/Brennan Parachek/Marcellius Pulliam/Stanton Ramil/Chance Rucker/Aidan Chiles/Nick Marsh/Jaylen Thompson/Makhi Frazier/Jay Coyne/Jacob Merritt/Ben Nelson/Ryan Eckley/Ken Talley/Wyatt Hook/Aziah Johnson/Jaelen Smith/Brady Pretzlaff/Philipp Davis/Kekai Burnett/Justin Denson/Payton Stewart/Alessio Milivojevic/Mercer Luniewski/Rustin Young/Charlton Luniewski/Carter Enyard/Andrew Brinson IV/Ryland Jessee/Brandon Tullis/Rakeem Johnson/Shawn Smith/Jack Yanachik/Brandon Lewis/Tarik Ahmetbasic/Jaxson Wilson/Cooper Terpstra/Grant Calcagno/Martin Connington/Caleb Gash/David Millikin/Keshawn Williams/Chris Williams/Austin Clay/Jaylan Brown/Mikeshun Beeler/Andrew Dennis/Atticus Carridine/Stone Chaney/DJ Kennard/Jaxon McCaig/Dorian Davis/Charlie Baker/Reeves Taylor/Chris Piwowarczyk/Mason Nickel/Kyler Brunan/Hayden Lorius/Jack Carson Wentz/Dyson Sims/Shawn Foster
40%
Big 12 UCF Jarrad Baker/Wes Dorsey/Ricky Barber/Kobe Hudson/Peny Boone/Cameron Kinnie/Quadric Bullard/Deshawn Pace/Lee Hunter/Chauncey Magwood/Ladarius Tennison/Ethan Barr/Patrick Barnett/Amari Kight/KJ Jefferson/Ja'Varrius Johnson/Jesiah Pierre/Trent Whittemore/Paul Rubelt/RJ Harvey/Adrian Medley/Gage King/Evan Morris/Bryon Threats/Marcellus Marshall/Myles Montgomery/Matthew Alexander/Jacurri Brown/Tre'Quon Fegans/Brandon Adams/Reece Adkins/Mac McWilliams/Keeron Henderson/Johnny Richardson/Jordan Davis/Daylan Dotson/Jabari Brooks/William Wells/Malachi Lawrence/Nyjalik Kelly/Jamaal Johnson/Ja'Cari Henderson/Demari Henderson/Xavier Townsend/TJ Bullard/Kam Moore/Caden Kitler/Keshaun Hudson/Grant Stevens/Kaven Call/Cedrick Hawkins Jr./Troy Ford Jr./Andrew Harris/Derrick LeBlanc/Randy Pittman Jr./John Walker/Keegan Smith/Kam Ingram/Camden Vining/Braeden Marshall/Andrew Rumph/Dylan Rizk/Johnathan Cline/Isaiah Nixon/Tyree Patterson/Ja'Qualin Birdsong/Waltclaire Flynn/Stacy Gage/Kylan Fox/Jaylen Heyward/Riley Trujillo/Christian Peterson/Bredell Richardson/Jacoby Jones/Grant Reddick/Terrell Jackson/Colton Boomer/Mitch McCarthy/Aidan Fedigan/Shaheem Hill/Thomas Wadsworth/Dwartney Wortham/Kevin Carrigan/Brock Hansel/Jack Bernstein/Keyon Cox/Jack Morgan/R.D. Cooper/Jakob Gude/Kason Stokes/EJ Colson/Tyreek'e Robinson/Marcus Downs/Derrick McCormick/Chasen Johnson/Jashad Presley/Chase Malamala/Hudson Gibbs/Michael Carter/Nicholas Antoine/Matthew Prigmore/Andrew Phelan/Antione Jackson/Jordyn Bridgewater/Preston Foreman/Quentin Hatch/Ethan Higgins/Xe'Ree Alexander/Josh Dorsainvil/Chase Jarrett/Tyler Wrenn/Quinten Johnson/Colin Cook/Thomas Gearity/Carson Hinshaw/Caleb Rollerson/Ii Sheldon Arnold
38%
Big Ten Wisconsin Chez Mellusi/Ben Barten/Jaheim Thomas/RJ Delancy III/Aaron Witt/Jackson Acker/Cade McDonald/Riley Mahlman/Kamo'i Latu/Leon Lowery/Bryson Green/Hunter Wohler/Max Lofy/JP Benzschawel/Cayson Pfeiffer/Jake Renfro/Darryl Peterson/Preston Zachman/Ricardo Hallman/Jake Chaney/Will Pauling/Tyler Van Dyke/Joe Brunner/Sebastian Cheeks/Curt Neal/Joe Huber/Haakon Anderson/Kerry Kodanko/Gavin Meyers/Jack Nelson/Riley Nowakowski/James Thompson Jr./John Pius/Joseph Griffin Jr./Braedyn Locke/Tyrell Henry/Joey Okla/Quincy Burroughs/Leyton Nelson/Austin Brown/Barrett Nelson/JT Seagreaves/Cade Yacamelli/Vinny Anthony II/Jace Arnold/Tackett Curtis/Duncan McKinley/Gianni Smith/Owen Arnett/Grover Bortolotti/Alex Moeller/Garrison Solliday/Nate Van Zelst/Elijah Hills/James Durand/Nathanial Vakos/Jackson McGohan/Tyler Jansey/Chris Brooks Jr./Amare Snowden/Braedyn Moore/Jonas Duclona/Tucker Ashcraft/Justin Taylor/Nate White/Trech Kekahuna/Omillio Agard/Colin Cubberly/Darrion Dupree/Dilin Jones/Derek Jensen/Mabrey Mettauer/Grant Stec/Tawee Walker/C.J. Williams/John Clifford/Cam Fane/Zach Gloudeman/Charlie Jarvis/Gavin Lahm/Jackson Trudgeon/Brandon Lane/Grady O'Neill/Kevin Heywood/Cole LaCrue/Christian Alliegro/Gideon Ituka/Hank Weber/Xavier Lucas/Thomas Heiberger/Landon Gauthier/Kyan Berry-Johnson/Dillan Johnson/Emerson Mandell/Anelu Lafaele/Raphael Dunn/Jay Harper/Angel Toombs/Manny Mullens/Nyzier Fourqurean/Davion Thomas-Kumpula/Evan Van Dyn Hoven/Atticus Bertrams/Peyton Lange/Will McDonald/Nolan Vils/Jamel Howard/Rob Booker II/Ernest Willor Jr./Ryan Cory/Cody Raymond/Drew Braam/Langdon Nordgaard/Mason Lane/Milos Spasojevic/Sean West/Tamer Dalloul/Deed Capper/Evan Brown
37%
ACC Duke Jake Taylor/Tre'Shon Devones/Nicky Dalmolin/Zachary Franks/Javon Harvey/Eli Pancol/Christian Rorie/Rent Montie/Jaylen Stinson/Michael Reese/Jontavis Robertson/Jared Wheatley/Will Goldberg/Bruno Fina/Diassa Diakite/Will Seiler/Jack Purcell/Alex Howard/Jordan Moore/Aaron Hall/James Pogorelc/Kendy Charles/Sahmir Hagans/Joshua Pickett/Henry Belin IV/Maalik Murphy/Placide Djungu-Sungu/Cameron Bergeron/Justin Pickett/Brian Parker II/James Hopson II/Al Wooten II/Ryan Smith/Micah Sahakian/Ryan Leavy/Caleb Krings/Eric Schon/Michael Barr/Graham Gotlieb/Kenzy Paul/Matt Craycraft/Chandler Rivers/Nick Morris Jr./Jaquez Moore/Wesley Williams/Travis Bates/Jeremiah Hasley/Terry Moore/Moussa Kane/Carter Wyatt/Tre Freeman/Vincent Anthony Jr./Nick Lampert/Casey Donahue/Curtis Cooper/Ozzie Nicholas/Grayson Loftis/Terry Simmons Jr./Vance Bolyard/Marquise Collins/David Anderson/Leon Griffin III/Kendall Johnson/Peyton Jones/Spencer Jones/Semaj Turner/Reagan McCranie/Luke Mergott/Kimari Robinson/Desmond Aladuge/Quran Boyd/Caleb Dorris/Kevin O'Connor/Jayden Moore/Star Thomas/DaShawn Stone/Jack Yates/Todd Pelino/George Wright/Dawson Andrew/Memorable Factor/Landan Callahan/Bradley Smith/Preston Watson/Brett Elliott/Khari Reid/Jack Small/Gemyel Allen/Kobe Smith/Tyshon Reed/Montreze Smith/Zach Jackson/Kyren Condoll/Chase Tyler/Derrick Brown Jr./Tony Boggs/Donald Tomlin/Clayton Burton/Ryan Degyansky/Jack Ronilo/Beau Lilly III/Kade Reynoldson/Que'Sean Brown/Cole Kennon/Vontae Floyd/Cole Denson/Cosme Salas/Jake Macce/Akiva Mosse/Charlie King/Paxon Kettering/Ryan Daly/Jaylen Carl
37%
ACC SMU Jared Harrison-Hunte/Jahfari Harvey/Tarian Lee Jr./Mike Lockhart/Kori Roberson Jr./Jaylan Knighton/Logan Parr/Jakai Clark/Brandon Crossley/Ben Sparks/Jahari Rogers/Moochie Dixon/Romello Brinson/Jonathan Jefferson/Matthew Hibner/Savion Byrd/LJ Johnson Jr./Caleb Johnson/Preston Stone/Camar Wheaton/Justin Osborne/Jonathan McGill/Gabriel Lozano/Anthony Booker Jr./Jake Bailey/Davaughn Celestine/Kobe Wilson/Cale Sanders Jr./Roderick Daniels Jr./Deuce Harmon/Brashard Smith/David Abiara/Isaiah Nwokobia/Key'Shawn Smith/Will Benton IV/Stone Eby/Isaac Pearson/Ahmad Walker/Omari Abor/Andrew Chamblee/Jordan Hudson/Qae'Shon Sapp/PJ Williams/Carter Campbell/Elijah Roberts/Nate Anderson/Justin Medlock/RJ Maryland/Ahmaad Moses/Isaiah Smith/Kyron Chambers/Jaxson Lavender/Paris Patterson Jr./Zane Minors/Keaton Schultz/Blake Burris/Cameron Robertson/Jaelyn Davis-Robinson/Brandon Miyazono/Tripp Riordan/Billy Walton III/Jaden Milliner-Jones/Abdul Muhammad/Keldric Luster/Reagan Gill/Alexander Kilgore/Braeden Flowers/Alex Woods/Tyler Aronson/Derrick McFall/Kevin Jennings/Charlie Fiser/Joey Bruszer/AJ Davis/Keaton Cheves/Collin Rogers/Markus Schumacher/Hunter Ryan/Max Yao/Davis Hawkins/Michael Tadros/Matt Baer/Mike Yoan Sandjo-Njiki/Jamarion Carroll/Kevin Allen/Brandon Booker/King Large/William Nettles/Graham Uter/Alexander Rodgers/Zach Smith/Michael De Hoyos/Henry Stickler/Sean Kane/Jaylen Moses/Ashton Cozart/Keller Stafford/Brock O'Quinn/William Fierro/Meyer Pereira/Case Holleron/IV Webb/Henry Douglass/Jack Laphen/Paxton Briggle/Adam Moore/Sam Eccles/Patrick Hellen/Cooper Reed/Randy Reece/Zach Hernandez/Lance Beeghley/Dante Wesley II/Will Locke/Cyrus Aboud/Xavier Wright/Javier Brito/Jake Peveto/Sam Keltner/Christian de Moor/Jackson Waller/Jake Porter/Jake Ballard/Cooper Case/Alex Ditsch/Davaughn Celestine
37%
Big 12 Kansas Javier Derritt/Dylan Downing/Marvin Grant/Torry Locklin/Kobe Baynes/Taiwan Berryhill Jr./Cobee Bryant/Michael Ford Jr./Lawrence Arnold/Kenean Caldwell/Bryce Foster/Mello Dotson/Cornell Wheeler/Dylan Brooks/Doug Emilien/Trevor Kardell/Luke Grimm/Dre Doiron/Daniel Hishaw Jr./Darrell Simmons Jr./Logan Brown/Trevor Wilson/Ronald McGee/Dylan Wudke/Luke Hosford/Ben Easters/Sevion Morrison/Jalon Daniels/Bryce Cabeldue/Quentin Skinner/O.J. Burroughs/Devin Neal/D.J. Withers/De'Kedrick Sterns/Damarius McGhee/Nolan Gorczyca/Quinton Conley/Brian Dilworth/Tabor Allen/Jared Casey/Caleb Taylor/Emory Duggar/Jereme Robinson/DeShawn Hanika/Tommy Dunn Jr./JB Brown/Jayson Gilliom/Kaleb Purdy/James Livingston/Jacoby Davis/Jaden Hamm/Amir Herring/Bai Jobe/Landon Nelson/Grayden Addison/Cole Mondi/Mack Moeller/Hank Kelly/Cole Petrus/Owen Piepergerdes/Johnny Thompson Jr./Mason Ellis/Calvin Clements/Jameel Croft Jr./Logan Brantley/Keaton Kubecka/Taylor Davis/Jarred Sample/Tony Terry/Bryce Cohoon/Dakyus Brinkley/Aundre Gibson/Damani Maxson/Isaiah Marshall/Mikey Pauley/Charlie Weinrich/Tevita Ahoafi-Noa/Blake Herold/Marcus Calvin/Tristian Fletcher/Jalen Dye/Dean Miller/Kael Farkes/Griffin Koch/Alex Raich/Max Muehlberger/Austin Alexander/Damon Greaves/Harry Stewart III/Carson Bruhn/Jon Jon Kamara/Greydon Grimes/David Abajian/Carter Lavrusky/Harrison Utley/JaCorey Stewart/Jalen Todd/Kene Anene/DJ Warner/Cole Ballard/TJ Crews IV/Carson Morgan/Jack Schneider/Ezra Vedral/Hunter Luke/Jaydon Brittingham/Grady Seyfert/Isreal Moses/Lance Bassett/Devin Dye/Isaiah Coppage/Tyler Soukhot/Shane Bumgardner/Micah Johnson/Jameer Moore/Colter McDaniel/Will Gavin/Hollis Moeller/Eli Richmond/Jason Strickland/Myles Ewell/Grant Muffenbier/Donald Collier/Leyton Cure/Maxwell Ford
37%
ACC Virginia Tech Josh Fuga/Ali Jennings/Collin Schlee/Antwaun Powell-Ryland/Parker Clements/Kelvin Gilliam Jr./Stephen Gosnell/Aeneas Peebles/Nick Gallo/Dorian Strong/Da'Quan Felton/Keonta Jenkins/Will Johnson/Jaylin Lane/Kaden Moore/Wilfried Pene/Kyron Drones/Jalen Stroman/Jaylen Jones/Keli Lawson/Gunner Givens/Benji Gosnell/Brody Meadows/Khurtiss Perry/Malachi Thomas/Cole Nelson/James Jennette/Josh Gholston/Kyle Lowe/Peter Moore/Jaden Keller/Jorden McDonald/Jayden McDonald/Montavious Cunningham/Harrison Saint Germain/Braelin Moore/Malachi Madison/Tucker Holloway/Johnny Garrett/Xavier Chaplin/Keyshawn Burgos/C.J. McCray/Mansoor Delane/Griffin Duggan/Miles Ellis/Cole Pickett/P.J. Prioleau/Bob Schick/Tyler Smedley/Nick Veltsistas/Ben Locklear/John Love/Bhayshul Tuten/Devin Alves/Ayden Greene/Aycen Stevens/William Watson III/Thomas Williams/Lance Williams/Kaleb Spencer/Braylon Johnson/Dante Lovett/Jonathan Pennix/Takye Heath/Jeremiah Coney/Layth Ghannam/Caleb Woodson/Krystian Williams/Cameren Fleming/Jason Abbey/Hannes Hammer/Keylen Adams/Web Davidson/Gabe Williams/Chanz Wiggins/Xayvion Turner-Bradshaw/Tyler Childress/Christian Epling/Griffin Armstrong/Kemari Copeland/Davi Belfort/Ishmael Findlayter/Zeke Wimbush/Sam Hughes/Elijah Klock/Cole Reemsnyder/Gerard Johnson/Chance Fitzgerald/Mose Phillips III/Tommy Ricard/Emmett Laws/Noah Jenkins/Deric Dandy/Joshua Clarke/Tyler Mason/Quentin Reddish/Aidan Lynch/Andrew Hanchuk/George Ballance/Josh Hand/Caleb Nitta/Sam Brumfield/Tate Kendall/Jackson Sigler/Brody Jones/Stephon Hicks/Darius Taylor/Grant Karczewski/Jordan Tapscott/Ja'Ricous Hairston/John Buetow/Elijah Haughawout
37%
Big 12 Utah Aliki Vimahi/Shintaro Mann/Moroni Anae/Brant Kuithe/Cameron Rising/Mycah Pittman/Micah Bernard/Jack Bouwmeester/Levani Damuni/Johnny Maea/Charlie Vincent/Van Fillinger/Sione Fotu/Falcon Kaumatule/Munir McClain/Nate Ritchie/Money Parks/Caleb Lohner/Alaka'i Gilman/Alex Harrison/Josh Calvert/Sam Huard/Kenan Johnson/Miki Suguturaga/Trey Reynolds/Landen King/Tanoa Togiai/Damien Alford/Connor O'Toole/Jaren Kump/Lander Barton/Carsen Ryan/Jori Benson/Junior Tafuna/Zemaiah Vaughn/Cole Becker/Zereoue Williams/JT Greep/Michael Mokofisi/Simote Pepa/Dorian Singer/Brandon Rose/Jaylon Glover/Elijah Davis/Ka'eo Akana/Keith Olson/Spencer Fano/John Randle Jr./Karene Reid/Paul Fitzgerald/Jonah Lea'ea/Nick Howe/Tao Johnson/Keanu Tanuvasa/Smith Snowden/Caleb Lomu/Dijon Stanley/Cameron Calhoun/Taeshaun Lyons/Roger Alderman/CJ Blocker/Johnathan Hall/Isaiah Garcia/David Washington/Isaac Wilson/Logan Fano/Anthony Woods/Luke Bottari/Luca Caldarella/Logan Castor/Joey Cheek/Tevita Fotu/James LeBaron/Jett Meine/Helaman Ofahengaue/Justice Brusatto/Cameron Mitchell/Daidren Zipperer/Kash Dillon/CJ Jacobsen/Jeilani Davis/Zach Williams/Hunter Andrews/Sammie Hunter/Solatoa Moea'i/Spencer Clegg/Kaimana Hanohano/Bobby Piland Jr./Mike Mitchell/Ben Durham/Dallen Bentley/Peyton Rice/Xane Uipi/John Henry Daley/Quimari Shemwell/Trey Coleman/Elijah Elliss/Vili Taufatofua/Jackson Bennee/Matt Clark/Rabbit Evans/Rayshawn Glover/Frankie Goodson/Kana'i Lopes/Reece Parmenter/Omar Shah/Nasir Stephens/Alma Taleni/Money Thompson/Dallas Vakalahi
35%
Big 12 Arizona State Cade Briggs/Anthonie Cooper/Leif Fautanu/Melquan Stovall/Jeff Sims/Xavion Alford/Prince Dorbah/DeCarlos Brooks/Jeff Clark/Caleb McCullough/Troy Omeire/Macen Williams/Chamon Metayer/Justin Wodtly/Clayton Smith/Bram Walden/Parker Lewis/Trenton Bourguet/Ben Coleman/Jake Smith/Markeston Douglas/Ian Shewell/Josh Atkins/Alton McCaskill/Malik McClain/Zyrus Fiaseu/Cameron Harpole/Raleek Brown/Myles Rowser/J'Mond Tapp/Laterrence Welch/Kamari Wilson/Zac Swanson/Krew Jackson/Xavier Guillory/Cam Skattebo/Race Mahlum/Adama Fall/Jordan Crook/Tristan Monday/J.P. Deeter/Jalen Klemm/Roman Pitre/Deric English/Cole Martin/Shamari Simmons/Colby Garvin/Jordyn Tyson/Javan Robinson/Kyran Bourda/Keyshaun Elliott/Blazen Lono-Wong/Emmit Bohle/K'Vion Thunderbird/Kaleb Black/C.J. Fite/Montana Warren/Sam Leavitt/Rodney Bimage Jr./Jason Brown Jr./Plas Johnson/Keontez Bradley/Coben Bourguet/Tyler Wigglesworth/Max Ware/Ian Hershey/Myles Amey/Jacob Rich Kongaika/Landen Thomas/Tate Romney/Cole Marszalek/Keith Abney II/Kyson Brown/Korbin Hendrix/Sirri Kandiyeli/Sean Na'a/Christian Hunt/Kyan McDonald/Zechariah Sample/Tony-Louis Nkuba/Albert Smith III/Jayden Fortier/Semisi Tonga/Champ Westbrooks/Salesi Manu/Nikko Klemm/Martell Hughes/James Giggey/Ramar Williams/Kanyon Floyd/Elijah O'Neal/Kyle Scott/Max Iheanachor/Joey Su'a/Coleson Arends/Jack Bal/Joseph McGinnis II/Tommy Romano/Sinjin Schmitt/Carston Kieffer/Keona Peat/Makua Pule/Jamaal Young II/Derek Eusebio/Harold Brooks III/Ja'Mori Williams/Terrell Kim/Tyler Laskaris/Chris Johnson II/Navi Bruzon/Kayman Rawls/Prayer Young-Blackgoat/Chance Symons/Luis Cordova/Carson Keim/Connor Cameron/Kaden Haeckel/Armon Collins/Justice Spann/Brandon Lloyd
35%
Big Ten Minnesota Darnell Jefferies/Quinn Carroll/Marcus Major/Tyler Cooper/Aireontae Ersery/Lucas Finnessy/Jaren Mangham/Jah Joyner/Logan Richter/Daniel Jackson/Jalen Logan-Redding/Sieh Bangura/Martes Lewis/Derik LeCaptain/Nick Kallerup/Elijah Spencer/Danny Striggow/Max Brosmer/Dragan Kesich/Jameson Geers/Devon Williams/Le'Meke Brockington/Deven Eastern/Mark Crawford/Justin Walley/Darius Green/Luther McCoy/Cody Lindenberg/Cristian Driver/Craig McDonald/David Kemp/Jai'Onte' McMillan/Jack Henderson/Hayden Schwartz/Kristen Hoskins/Tony Nelson/Coleman Bryson/Aidan Gousby/Anthony Smith/Maverick Baranowski/Spencer Alvarez/Rhyland Kelly/Jaxon Howard/Dylan Wittke/Quentin Redding/Jordan Nubin/Eli Mau/Jackson Hunter/Nate Becker/Ethan Robinson/Jack Hawkinson/Nathan Jones/Joey Gerlach/Ashton Beers/Cade Conzemius/Reese Tripp/Jerome Williams/Darius Taylor/Kerry Brown/Phillip Daniels/Matt Kingsbury/Martin Owusu/Za'Quan Bryan/Pierce Walsh/Alex Elliott/Sam Peters/Karter Menz/Garrison Monroe/Donielle Hayes/T.J. McWilliams/Kenric Lanier II/Theorin Randle/Mason Carrier/Evan Redding/Jack Tinnen/Tyler Stolsky/Jack DiSano/Frank Bierman/Aluma Nkele/Greg Johnson/Caleb McGrath/Jordan Greenhow/Nathan Roy/Jaydon Wright/Zahir Rainer/Simon Seidl/Riley Sunram/Mo Saine/Koi Perich/Julian Johnson/Drake Lindsey/Jalen Smith/Sam Macy/Jacob Simpson/Brett Carroll/Jaylin Hicks/Mike Gerald/Samuel Madu/Tyler Williams/Max Shikenjanski/Cortez LeGrant/Ethan Carrier/Drew Wilson/Jackson Powers/Ryan Algrim/Zander Rockow/Alan Soukup/Harrison Brun/Adam Kissayi/Jeremiah Finaly/Oberhiri Eyafe/Fame Ijeboi/Chris Flowers/Sam Henson/Kaeden Johnson
35%
SEC Auburn Fa'Najae Gotay/Eugene Asante/Zykeivous Walker/Austin Keys/Philip Blidi/Trill Carter/Payton Thorne/KeAndre Lambert-Smith/Tate Johnson/Jerrin Thompson/Brian Battie/Jayson Jones/Isaiah Raikes/Sean Jackson/Jahquez Robinson/Jeremiah Wright/Gage Keys/Luke Deal/Ronan Chambers/Griffin Speaks/Jaden Muskrat/Jalen McLeod/Dillon Wade/Rivaldo Fairweather/Caleb Burton III/Robert Woodyard Jr./Damari Alston/Antwon Fegans Jr./Robert Lewis/Reed Hughes/Brandon Frazier/Justin Jones/Oscar Chapman/Grant Hidalgo/E.J. Harris/Antonio Kite/Jarquez Hunter/Holden Geriner/Camden Brown/Caleb Wooden/Alex McPherson/Jeremiah Cobb/Keldric Faulk/Bradyn Joiner/Kayin Lee/Connor Lew/Terrance Love/Darron Reed Jr./Sylvester Smith/Rico Walker/Sam Jackson V/Clay Wedin/Dylan Senda/Keyron Crawford/Tyler Scott/DeAndre Carter/Jay Crawford/Cam Coleman/Demarcus Riddick/Malcolm Simmons/Perry Thompson/Walker White/Tyler Johnson/Camden Etheredge/Joe Frazier Jr./Mac McClinton/Paul Thompson Jr./Jake Kruse/Colby Stafford/Micah Riley/Percy Lewis/JC Hart/Hank Brown/Kaleb Harris/Gabe Russo/Greg McConico Jr./Keionte Scott/C.J. Johnson/Malik Blocton/T.J. Lindsey/Jamonta Waller/D.J. Barber/Joe Phillips/Amaris Williams/Bryce Cain/Favour Edwin/Jackson Barkley/John Colvin/Champ Anthony/Christian Burnette/Rod Elston/Coleman Granberry/John Martin Richter/Harrison Clemmer/Izavion Miller/Will Upton/Quientrail Jamison-Travis/Towns McGough/Keaton McNutt/Dorian Mausi Jr./Laquan Robinson/Cole Gamble/Amon Lane-Ganus/Kensley Louidor-Faustin/Cade Carlson/Hunter Ousley/Josh Cohen/Eli Morton/John Henry Flatt/Isaac Boulger/Seth Wilfred/J.R. Buckner/Cam'Ron King/Dylan Gentry/Austin Chambers/Jake White/Grey Reebals/Elias Williams/William Grier McDuffie/Ian Vachon/Charley Schwinger
35%
SEC Kentucky Marques Cox/Eli Cox/J.J. Weaver/Beau Allen/Courtland Ford/Ja'Mori Maclin/Daveren Rayner/Darrion Henry-Young/Josaih Hayes/Chip Trayanum/D'Eryk Jackson/Gerald Mincey/Octavious Oxendine/Ben Christman/Tre'vonn Rybka/Keeshawn Silver/Brock Vandagriff/Alex Raynor/Jager Burton/Jamon Dumas-Johnson/Jantzen Dunn/Jordan Dingle/Kahlil Saunders/Paul Rodriguez/Demie Sumo-Karngbaye/Jordan Lovett/Wilson Berry/Dane Key/Zion Childress/Maxwell Hairston/Kristian Story/Jase Bruner/Barion Brown/JQ Hardaway/Tyreese Fearbry/Fred Farrier II/Josh Kattus/Alex Afari Jr./Deone Walker/Jalen Farmer/Anthony Brown-Stephens/Jayvant Brown/Grant Godfrey/Koby Keenum/Trey Dennis/Lucas Padgett/Alex McLaughlin/Aidan Laros/Gavin Wimsatt/Brandon White/Nasir Addison/Avery Stuart/Kendrick Gilbert/Noah Matthews/Khamari Anderson/Austin Ramsey/Tanner Lemaster/Tommy Ziesmer/Malachi Wood/Jamarion Wilcox/Ty Bryant/Tavion Gadson/Terhyon Nichols/Tovani Mizell/Brian Robinson/Jacob Smith/Jerod Smith II/Steven Soles Jr./David Washington Jr./Jackson Schulz/Jack Monday/Josh Terrell/Dylan Ray/Walker Himebauch/DJ Waller Jr./Jarard Mosely/Jason Patterson/Hayes Johnson/Aba Selm/Marc Nave Jr./Willie Rodriguez/Cutter Boley/Hardley Gilmore IV/Caleb Redd/Antwan Smith/Jaden Smith/Devin Smith/Jiquavious Marshall/Jacob Kauwe/Cam Dooley/Quay'sheed Scott/Santos Alvarez/Max DeGraff/Carson Wright/Chy Rivers/Spencer Leadbetter/Henry Bennett/Cannon Coffee/Landon Marcum/Darius Cannon/Hayden Dawahare/Lincoln Billiter/Jackson Bunn/Tino Merlo/Trent Baker/Quintavion Norman/Rico Crowder/Justin Kattus/Daniel Mincey/Kyle Mixon/Anfernee Crease
35%
Big Ten Washington Will Rogers/Jacob Bandes/Enokk Vimahi/Kamren Fabiculanan/Drew Fowler/Giles Jackson/Alphonzo Tuputala/Sam Adams II/Carson Bruener/Makell Esteen/Jeremiah Hunter/Deshawn Lynch/Daniyel Ngata/Gaard Memmelaar/D'Angalo Titialii/Cameron Davis/Elijah Jackson/Dyson McCutcheon/Voi Tunuufi/Darren Barkins/Maurice Heims/Bryun Parham/Tristan Dunn/Kevin Green Jr./Ryan Otton/Ephesians Prysock/Keleki Latu/Justin Harrington/Adam Saul/Cameron Broussard/Logan Sagapolu/Anthony Ward/Jonah Coleman/Sebastian Valdez/Russell Davis II/Lance Holtzclaw/Denzel Boston/Caleb Presley/Curley Reed III/Jayden Wayne/Rashid Williams/Camden Sirmon/Milton Hopkins Jr./Wilson Schwartz/Quentin Moore/Jake Jennings/Teddy Purcell/Jack McCallister/Cameron Warchuck/Drew Azzopardi/Grady Gross/Isaiah Ward/Jayvon Parker/Armon Parker/Elinneus Davis/Jordan Shaw/Landen Hatchett/Deven Bryant/Elishah Jackett/Vincent Holmes/Keith Reynolds/Jacob Lane/Hayden Moore/Zachary Henning/Soane Faasolo/Leroy Bryant/Rahshawn Clark/Decker DeGraaf/Paki Finau/Audric Harris/Demond Williams Jr./Jason Robinson Jr./Maximus McCree/Tristan Warner/Anay Nagarajan/Griffin Miller/Jackson Girouard/Shea Kuykendall/Kahlee Tafai/Caleb Johnston/Paul Mencke Jr./Zach Durfee/Owen Coutts/Peyton Waters/Rahim Wright II/Justice Williams/Charlie Crowell/Khmori House/Elias Johnson/Adam Mohammed/Justin Hylkema/Omar Khan/Thaddeus Dixon/Ryder Bumgarner/Luke Luchini/Logan Lisherness/Parker Cross/Roice Cleeland/Aidan Anderson/Troy Petz/Davit Boyajyan/Jordan Washington/Kayden Greene/Jace Burton/Sam Finnegan/Luke Gayton/Bryce Butler/Tyrese Johnson/Michael Levelle Watkins/Annas Davis
33%
Big Ten Illinois Ezekiel Holmes/Dennis Briggs Jr./Zakhari Franklin/Seth Coleman/Gentle Hunt/TeRah Edwards/Ryan Meed/Luke Altmyer/Pat Bryant/Demetrius Hill/Josh McCray/Kevin Wigenton II/Tanner Arkin/Dylan Rosiek/Tyler Strain/Josh Gesky/Sage Luther/Hugh Robertson/Alec Bryant/Terrance Brooks/Josh Kreutz/Torrie Cox Jr./Cole Rusk/Donovan Leary/Hunter Whitenack/Hank Beatty/Clayton Leonard/Jordan Anderson/Henry Boyer/Aidan Laughery/Gabe Jacas/Malachi Hood/Enyce Sledge/Ashton Hollins/Ethan Moczulski/Malik Elzy/Kaden Feagin/Lane Hansen/Kenenna Odeluga/Luke Zardzin/Devin Hale/Miles Scott/Carson Goda/Fabrizio Pinton/James Kreutz/Tyson Rooks/Matthew Bailey/Xavier Scott/Melvin Priestly/TJ McMillen/Zach Aamland/Brandon Henderson/Collin Dixon/Pat Farrell/Saboor Karriem/Cal Swanson/David Olano/Jaheim Clarke/Mason Muragin/Nate Guinn/Kenari Wilcher/Brandon Hansen/Tysean Griffin/Eddie Tuerk/J.C. Davis/Jacob Huber/Kirkland Michaux/TJ Griffin/Grayson Griffin/Magnus Moller/Sam Tsagalis/Zy Crisler/Weston Adams/Declan Duley/Ben Clawson/Joep Engbers/Ca'Lil Valentine/Alex Bray/Jeremiah Warren/Mac Resetich/Trey Petty/Easton Baker/Angelo McCullom/Vernon Woodward III/Zafir Stewart/Demetrius John/Joe Barna/Amar Reynolds/Tanner Hollinger/Alexander Capka-Jones/Kaleb Patterson/Jojo Hayden/CJ Bufkin/Ronan Poynton/Nick True/Patrick Mahoney III/Dezmond Schuster/Tyler McClure/Henry Engel/Corey Rashad/Carter Smith/Tanner Heckel/Chase Canada/Mario Sanders II/Daniel Brown/Michael Bartolotta/Petey Olaleye/Kellen Francis/Carlos Orr-Gillespie/Aaron Ball/Zach Barrett/Jake Furtney/Guillermo Gallardo/Morrison Giggetts/Harrysson Ngassa/Jake Petrow/Steven Scott III/Blayne Sisson
32%
Big Ten Maryland Quashon Fuller/Donnell Brown/Marcus Dumervil/Ruben Hyppolite II/Josh Kaltenberger/Taizse Johnson/Kaden Prather/Dante Trader Jr./Tai Felton/Colby McDonald/Billy Edwards Jr./Leron Husbands/Kyle Long/Tommy Akingbesote/Preston Howard/Shaleak Knotts/MJ Morris/Jayden Sauray/Andre Roye Jr./Roman Hemby/Aliou Bah/Isaac Bunyun/Glendon Miller/Rex Fleming/Kellan Wyatt/Isaiah Wright/Daniel Owens/Brenden Segovia/Lavon Johnson/Leon Haughton Jr./Jordan Phillips/Caleb Wheatland/Octavian Smith Jr./Perry Fisher/Neeo Avery/Deandre Duffus/Cameron Edge/Michael Harris/Dylan Gooden/Kevis Thomas/Lavain Scruggs/Gavin Marshall/Maxwell Brown/Ethan Gough/Robert Smith/Jack Howes/Chantz Harley/Bryce McFerson/Lionell Whitaker/Jalen Huskey/Nolan Ray/Daniel Wingate/Tamarus Walker/Dillan Fontus/Tayvon Nelson/Dylan Wade/Ryan Manning/DJ Samuels/Sean Williams/Jonathan Akins/Mykel Morman/AJ Szymanski/Josh Richards/Braeden Wisloski/Alex Moore/Brandon Jacob/Braydon Lee/Dimitry Nicolas/DeJuan Williams/Eli Mason/Khalid Jones/Mekhai White/Logan Bennett/Ezekiel Avit/Judah Jenkins/Keyshawn Flowers/Kevyn Humes/La'Khi Roland/Jahmari Powell-Wonson/Khristian Martin/Ryan Howerton/Trevor Szymanski/Keyari James/Josiah McLaurin/Terez Davis/Anthony Robsock/Michael Hershey/Lloyd Irvin III/Champ Long/Ricardo Cooper Jr./Taylor Best/J'Mar Branion/Karon Ball/Alec Hughes/Parker Jones/Jaiden Fair/Sebastian Antoine-Pompey/Darius Grimes/Thomas McCluskey/Billy Molloy/Kevin Kalonji/Ryan Capriotti/Carson Petitbon/Chris Wells/Alan Herron/Davon Watkins/Ryne Acheson/Shamar McIntosh/Trey Reddick/Roman Jensen/Colin Reynolds/Samuel Adu/Akindele Dare/Kellen McConnell/Keion Flowers/Joshua Simmons/Aaron Folivi/Emerson Smith/Philip Noyes
30%
Big 12 Iowa State Dylan Barrett/Jarrod Hufford/Darien Porter/Zachary Lovett/Jaylin Noel/Tyler Maro/Jim Bonifas/Myles Mendeszoon/Tyler Moore/Beau Freyler/Tyler Onyedim/Malik Verdon/Joey Petersen/Trevon Howard/Daniel Jackson/Asle Thorson/Stevo Klotz/Tyler Miller/J.R. Singleton/Isaiah Alston/Jaylon Jackson/Domonique Orange/Myles Purchase/Rocco Becht/Will McLaughlin/Ikenna Ezeogu/Deylin Hasert/Jeremiah Cooper/Andrew Keller/Tyler Perkins/Gabe Burkle/Benjamin Brahmer/JJ Kohl/Ryan Robinson Jr./Jayden Higgins/Drew Clausen/Eli Green/Jalen Travis/Trent Jones II/Keegan Shackford/Drake Knobloch/Jacob Imming/Jontez Williams/Jace T. Gilbert/Michael Parkes/Kai Black/Beni Ngoyi/Trevor Buhr/Jack Sadowsky V/Brendan Black/Jamison Patton/Samuel Same/Cam Smith/Kooper Ebel/Carson Hansen/Ta'Shawn James/Abu Sama III/Carson Willich/Carson Brown/Jacob Ellis/Caden Kock/Eddie Lemos/John Klosterman/Mason DouBrava/Alec Cook/Jack Bjorn/Caleb Bacon/Evan Ladwig/Gabe Greenlee/James Neal/Tyler Claiborne/Chet Andrews/Kenard Snyder/Caden Matson/Easton Eledge/Braden Simonsen/Zaimir Hawk/Aidan Gilmore/Dylan Lee/Jace J. Gilbert/Danny Inglis/Keaton Roskop/Connor Moberly/Mason Miller/Dontrell Holt/Quentin Taylor Jr./Augustine Sleh/Cael Brezina/Cooper Alexander/Khijohnn Cummings-Coleman/Wade Helton/AJ Burton/Carson Van Dinter/Brett Eskildsen/Brent Helton/Tanner Hughes/Wyatt Bohm/Vince Benetti/Tripp Walsh/Drew Surges/AJ Petersen/Rylan Barnes/Jacob Lyftogt/George Nahas/Jonathan Vande Walle/Obald Niyonkuru/Kyle Konrardy/David Coffey/Owen Westemeyer/Dillon Ranck/Wyatt Archer/Easton Miller/Nick Reinicke/Xavier Hamilton/Alijah Carnell/Marcus Neal/Dominic Overby/Beau Goodwin/Garret Rutledge/Major Cantrell/Matthew Bess/Carson Robbins/Charlie Whelpley/Angelo Jackson/Aiden Flora/Lance McShane/CJ Hayden/Connor Welsch/Logan Bacon/Blaine Sandquist/Carson Rhodes/Isaiah Seymour/Drew Doyle
28%
Big 12 Texas Tech De'Braylon Carroll/Jaxon Hughes/Tahj Brooks/E'Maurion Banks/Behren Morton/A.J. McCarty/Caleb Rogers/Jacob Rodriguez/Gino Garcia/Josh Kelly/Bralyn Lux/Cam'Ron Valdez/Mason Tharp/Brady Boyd/C.J. Baskerville/Terrell Tilmon/Quincy Ledet Jr./Charles Esters III/Sam Carrell/Isaac Smith/Maurion Horn/Vinny Sciury/Jordan Brown/Bryce Ramirez/James Hansen/Ty Buchanan/Reese Burkhardt/Joseph Plunk/Trent Low/Jalin Conyers/Drew Hocutt/Jalon Peoples/Sheridan Wilson/Caleb Rodkey/Jason Llewellyn/Trevon McAlpine/Ben Roberts/Caleb Douglas/Mikal Harrison-Pilot/Brenden Jordan/Dylan Spencer/Joseph Adedire/Johncarlos Miller II/Drae McCray/Chief Collins/Gage Elder/Jackson Knotts/Charles Robinson/Kaden Carr/Luke Dillingham/Dalton Merryman/Haydon Wiginton/Harvey Dyson III/John Curry/Daniel Sill/Jake Strong/Javeon Wilcox/Coy Eakin/Chapman Lewis/T.J. West/JMaury Davis/Anthony White/Ansel Nedore/Jayden Cofield/Kelby Valsin/Marcus Ramon-Edwards/Jordan Sanford/Amier Washington/Dylan Shaw/D.J. Crest/Miles Thompson/Miquel Dingle/Macho Stevenson/Braylon Rigsby/Nick Fattig/Micah Hudson/Eddy Smith/Jaden Morris/Sammy Morris IV/Wesley Smith/Tanner Allen/Jurrien Loftin/Jack Esparza/Sterling Porcher/Davion Carter/Chandlin Myers/J'Koby Williams/Jack Burgess/Stone Harrington/Kasen Long/Peyton Morgan/Holton Hendrix/Aiden Meeks/Justin Horne/Will Hammond/Ellis Davis/Trey Jackson/Cheta Ofili/Jacob Ponton/Malik Esquerra/Oliver Miles III/Tyson Turner/Charles Anderson Jr./Ashton Hampton/Isaiah Collins/Chris Lemons/Isaiah Crawford/Garrett Morphis/Devynn Cromwell/Rylan Vagana/Cameron Dickey/Jackson Hildebrand/Cameran Brown/L.J. Johnson Jr./Maurice Rodriques/Price Morgan/Kendall Allen/Adam Hill/Tyler Murray/Kaden Turner/D'Anthis Upshaw/Keyshawn Williams
27%
Mid-American Northern Illinois J.J. Lippe/Demond Taylor Jr./Tristen Tewes/Logan Zschernitz/Evan Buss/Ivan Davis/Gavin Williams/Jake Seibert/Luke Pinnick/Trayvon Rudolph/John Champe/Tom Foley/Jordan Monroe/Raishein Thomas/Chris Carter/Jordan Hansen/Pierce Oppong/Jashon Prophete/Ethan Hampton/JaVaughn Byrd/Cade Haberman/Justin Lynch/Jalonnie Williams/Ty Myles/Jaden Dolphin/Devonte O'Malley/Matt Schooley/Jacob Waskow/Antario Brown/Drew Hoth/Cam'Ron Dabney/Nate Valcarcel/Quinn Urwiler/Muhammed Jammeh/Cyrus McGarrell/Jake Gassaway/Trey Porter/Reggie Jean/Cam Crowell/Jake Appleget/Dane Pardridge/Isaiah Bragg/Isaac Hatfield/Brock Lampe/Kanon Woodill/Malik Armstrong/Jalen Johnson/Evan Malcore/Roy Williams/Andrew McElroy/Jalen Macon/Izuchukwu Ozoh/Amariyun Knighten/Abiathar Curry/Keyshaun Pipkin/Jacob Finley/Andre Cobb/Jacob Welch/Mark Hensley/Joey Rattin/Cam Thompson/Christian Fuhrman/Kenji Lewis/Marc Pretto/Thomas Paasch/Luke Skartvedt/Skyler Gill-Howard/Landon Hron/Santana Banner/Jaylen Poe/Jay'shon Thomas/Adrian Thomas/Sirmaine Campbell/Taylor Powell/Ross Liegel/Ben Gustafson/Grey Rumohr/Grayson Barnes/Garrett Gensler/Josh Holst/Michael Jimmar/Filip Maciorowski/Christian Medlock/Nevaeh Sanders/Kyle Thomas/Ethan Tierney/Danny Vuckovic/Owen Belman/Christopher Gore/Ivan Moore Jr./AJ Guida/Devon Akers/George Dimopoulos/Lane Mahnesmith/Joe Stein/La'Don Bryant/Telly Johnson Jr./Dashaun Gibson/Lance Ingold/Luke Marble/Dev'ion Reynolds/Ahmir Smith/Kenny Lueth/Jamari McIvory/Romelo Ware/Elijah Porter/Ryan Williams/Tristan Hunter/Rickey Taylor Jr./Joshua Tillman/Chase Schutty/Romelo Walker/CJ Wade/Aiden Olson/KJ McRae/Chidu Bekee/Samir Senenat/Jason Fowler/Tanner Phelps/Sean Weigand/Austin Bullock/George Dimopoulus
27%
ACC Virginia Kam Butler/Payton Bunch/Antonio Clary/Kempton Shine/Kendren Smith/Jahmeer Carter/Elijah Gaines/Jimmy Christ/Drake Metcalf/Ben Smiley III/Chris Tyree/Sage Ennis/Malcolm Greene/Bryce Carter/Ugonna Nnanna/Chico Bennett Jr./Dorian Jones/Corey Thomas Jr./Brian Stevens/Noah Josey/Micah Gaffney/Malachi Fields/Josh McCarron/Aidan Ryan/Ty Furnish/Jonas Sanker/Charlie Patterson/Sackett Wood Jr./Andre Greene Jr./Dakota Twitty/James Jackson/Kobe Pace/Jack Witmer/Daniel Sparks/Ethan Sipe/Tyler Neville/Karson Gay/Michael Diatta/Lorenz Terry/Tony Muskett/Trey McDonald/Stevie Bracey/Davis Lane Jr./Jason Hammond/Will Bettridge/Xavier Brown/McKale Boley/Dawson Alters/Luke Byrne/Kendall Cross/Ethan Davies/Henry Duke/Joseph Holland III/Joey Kagel/Dillon Tennyson/Andrew Williams/JR Wilson/Terrell Jones/Trell Harris/Gavin Frakes/Houston Curry/Blake Steen/Cole Surber/Miles Greene/Anthony Colandrea/Donte Hawthorne/TeKai Kirby/Noah Vaughn/Kam Robinson/Grady Brosterhous/Landon Spell/KJ Bratton/Jack Griese/John Hurley/Robbie Engelberg/Logan Kotter/Noah Hartsoe/Eli Wood/Bryce Purnell/TyLyric Coleman/Anthony Britton/Elijah Slibeck/Jaden Gibson/Jam Jackson/Trent Baker-Booker/Landon Danley/Vadin Bruot/Caleb Hardy/Suderian Harrison/Titus Ivy/Mekhi Buchanan/Ethan Minter/Ben York/John Rogers/Grant Ellinger/Chase Morrison/Tyler Simmons/Kevon Gray/Kameron Courtney/Triston Ward/Rob Keys/Gabe Sneed/Justin Stewart/Andy Lutes/Dane Steele/Claiborne Richards/Hayden Rollison/Nana Appouh/Jewett Hayes/Dane Wleklinski/Dre Walker/DJ Jones/Myles Brown/Kevin Chadwick Jr./Boone Lourd/Alexander Brady/Keke Adams/Armstrong Jones/Henry Omohundro/Cayden Cook-Cash/Max Prozny/Alex Reisig/Trevor Ladd/Billy Koudelka/Jr. Corey Thomas/Jermarian Jackson
27%
ACC Pittsburgh Keye Thompson/Ryan Jacoby/Nate Temple/Rashad Battle/Nate Matlack/Jake Overman/Rodney Hammond Jr./Daejon Reynolds/Derrick Davis Jr./Elliot Donald/Phillip O'Brien Jr./Branson Taylor/Tamon Lynum/Nahki Johnson/Ben Sauls/Daniel Carter/Jason Collier Jr./Brandon George/Josh McCarty/Terrence Enos Jr./Chief Borders/Noah Biglow/Javon McIntyre/Tamarion Crumpley/Nate Yarnell/Jake Renda/Nilay Upadhyayula/Donovan McMillon/Lyndon Cooper/Jimmy Scott/Matt Altsman/Luke DelGaudio/Jake McConnachie/Cam Guess/Anthony Johnson/Gavin Bartholomew/Konata Mumpfield/Sean FitzSimmons/Ryan Baer/Isaiah Montgomery/Che Nwabuko/Ryland Gandy/Eli Holstein/Isaiah Neal/David Ojiegbe/Lamar Seymore/Terrence Moore/Raphael Williams Jr./Jake Frantl/Peter Vardzel/Dylan Bennett/Nick Lapi/Matt Metrosky/Caleb Junko/Kyle Louis/Jackson Brown/Ryan Carretta/Rasheem Biles/Jesse Anderson/Jordan Bass/Kenny Johnson/Montravius Lloyd/Jaremiah Anglin Jr./Shadarian Harrison/Braylan Lovelace/Tai Ray/Jiavani Cooley/Sincere Edwards/Caleb Holmes/Cameron Lindsey/Jeremiah Marcelin/Jahsear Whittington/Nick James/BJ Williams/Nico Crawford/Cameron Monteiro/Maverick Gracio/Desmond Reid/Censere Lee/Ty Dieffenbach/Caden Smith/Drew Foster/Josh Altsman/Abe Ibrahim/Juelz Goff/Ty Yuhas/Francis Brewu/Zach Crothers/Adham Abouraya/Davin Brewton/Allen Bryant/Davion Pritchard/Mason Lindsay/Moritz Schmoranzer/Nigel Maynard/David Lynch/Zion Fowler-El/Caleb Williams/Cruce Brookins/Devin Whitlock/John Glenn/Adam Howanitz/Zach Zollers/Matthew Amofa/Brody Riffe/Graysen Riffe/Thaddeus Shaw/Benny Haselrig/Thomas Aden/Sam Carpenter/Franco Fernandez-Enjo/Julian Dugger/Tyreek Robinson/Malachi Thomas/Truitt Brown/Amah Agwu/Jacob Sassic/Cade Dowd
27%
Pac 12 Washington State Wesley Steiner/Kris Hutson/Devin Kylany/Nusi Malani/Keith Brown/Brock Dieu/Kyle Maxwell/Dean Janikowski/Kyle Thornton/Jackson Lataimua/Billy Riviere III/Tre Shackelford/Raam Stevenson/David Gusta/Rodrick Tialavea/Kyle Williams/Christian Hilborn/Andrew Edson/Nick Haberer/Taariq Al-Uqdah/Andre Dollar/Josh Meredith/Durham Harris/Quinn Roff/Fa'alili Fa'amoe/Cooper Mathers/Tanner Moku/Dylan Paine/Parker McKenna/Tyson Durant/Landon Roaten/Austin Lawrence/Rashad McKenzie/Hudson Cedarland/Djouvensky Schlenbaker/Leon Neal Jr./Cole Norah/Jerrae Williams/Zevi Eckhaus/Luke Roaten/Reece Sylvester/Syrus Webster/Colson Brunner/Leyton Smithson/John Mateer/Zack Miller/Ethan O'Connor/Warren Smith Jr./Trey Leckner/Adrian Wilson/Nathan Pritchard/Ashton Tripp/Brandon Hills/Leo Pulalasi/Josh Joyner/Isaac Terrell/Joe Taylor/Jonny Lester/Bryson Lamb/Noah Dunham/Jaxon Potter/Jack Procter/Van Fessler/Ansel Din-Mbuh/Gauge Machado/Khalil Laufau/Jackson Cowgill/Landon Wright/Hyrum-Benjamin Moors/Carson Osmus/Isaiah Cobbs/Tyson Weaver/Dajon Doss/Kayo Patu/Frank Cusano/Chris Barnes/Evans Chuba/Chris Lino/Jaylon Edmond/King Williams/Lane Heeringa/Aslan Fraser/Ashton Paine/Mason Juergens/Jack Janikowski/Gavin Fugate/Kyle Martin/Branden Ganashamoorthy/Mahki Whitney/Michael Hughes/Luke Leighton/Esa Pole/Stephen Hall/Kapena Gushiken/Jamorri Colson/Carlos Hernandez/Ethan Torres/Jalen Ridgeway/Sean Bures/Ben Dutton/Kenny Worthy III/Kamani Jackson/Wayshawn Parker/Malachi Wrice/AJ Hasson/Xavier Thorpe/Dycurian Douglas/Hunter Haines/Tony Freeman/Hunter Najm/Aden Mata/Jake Tiryakioglu/Kyson Thomas/Allan McKeraghan/Gage Jones/Jack Ellison/Ben Beatty/Mackenzie Alleyne/Camden DeGraw-Tryall/Titus Miller/Connor Calvert/Ryan Harris
27%
ACC Stanford Zahran Manley/Tristan Sinclair/Bryce Farrell/Omari Porter/Lukas Ungar/Tobin Phillips/Connor McLaughlin/Levi Rogers/Kale Lucas/Clay Patterson/Gaethan Bernadel/Mitch Leigber/Anson Pulsipher/Jack Leyrer/Justin Lamson/Wilfredo Aybar/David Bailey/Fisher Anderson/Ernest Cooper/Sam Roush/Tevarua Tafiti/Shield Taylor/Connor Weselman/Jayson Raines/Zach Buckey/Anthony Franklin/Austin Uke/Ese Dubre/Zach Rowell/Jake Maikkula/Matt Rose/Mudia Reuben/Collin Wright/Ashton Daniels/Ahmari Borden/Jshawn Frausto-Ramos/Sedrick Irvin/Emmet Kenney/Evan Jackson/David Kasemervisz/Aristotle Taylor/Griffin Waiss/Trevor Mayberry/Elic Ayomanor/Jason Thompson/Charlie Mirer/Jay Green/Tiger Bachmeier/Luke Baklenko/Simione Pale/Charlie Symonds/Tre Williams/Gavin Geweniger/Chico Holt/Elijah Brown/Chris Davis Jr./Chase Farrell/Myles Jackson/Dylan Stephenson/Emmett Mosley V/Peyton Warford/Scotty Edwards/Alejandro Chavez/Brandon Nicholson/Jahsiah Galvan/Aaron Morris/Aidan Flintoft/Ryan Butler/Cole Tabb/Jackson Harris/Ismael Cisse/Omar Staples/Che Ojarikre/Braden Marceau-Olayinka/Tyler Kuo/Jaylen'Dai Sumlin/Jacobi Murray/Benedict Umeh/Micah Ford/Connor Bachhuber/Benjamin Blackburn/Hayden Gunter/Joe Asiain/Ziron Brown/Kahlil House/Darrius Davis/Sam Mattingly/Cam Richardson/Maxwell Richardson/Bo Tate/Kenaj Washington/Javion Randall/Carson Berger/R.J. Gaskins/Champ Hampton/Myles Libman/Miles McGee/Adam Rourke/Allen Thomason/Marcus Brown/Owen van Loben Sels/Charlie Eckhardt/Drew Cunningham/Preston Jernegan/Brendan Delaney/Charlie Hoitink/Carson Caplan/Aiden Black/AJ Seidler
25%
Conference USA Liberty Bentley Hanshaw/John Paul Flores/Jahmar Brown/Xavior Gray/Billy Lucas/Treon Sibley/Jay Hardy/Quinton Cooley/Reese Smith/Elijah Canion/Dominick Hill/Kaidon Salter/Teylor Jackson/Jordan Hall/Ryan Wilkins/Jack Tucker/Grey Carroll/Nate Hampton/Tyson Mobley/Quinton Reese/Julian Gray/Harrison Hayes/Damond Harmon/Mike Jarvis/Chris Boti/Amarian Williams/James Jointer Jr./Jerome Jolly Jr./Jordan White/Jacob Jenkins/Alex Oliver/Austin Henderson/Elijah Hall/Kylen Austin/Victor Venn/Victor Jones Jr./Ryan Burger/Elijah Hopkins/Joshua Wiggins/CJ Bazile Jr./Dexter Ricks Jr./A'Khori Jones/Markel Fortenberry/Brayden Beck/Nick Brown/Joseph Carter/Max Morgan/Hunter Porterfield/Eldric Griffin/Colin Karhu/Brylan Green/Aidan Vaughan/Bryce Dixon/Jayden Sweeney/TJ Bush/Ethan Crisp/Cal Grubbs/Aaron Fenimore/D.J. Geth/Bo Burklow/Jason Duclona/Brenton Williams/Larry Jones III/Jayden Bradford/Bryson Jennings/Elijah Auguste/Coleman Baker/Jaylin Belford/Caeden Callahan/Kyle Hanks/Tre Lawing/Jacob Lecates/Dylan Mullins/Eric Smith/Andrew Johnson/Phillip Doss/Austin Anderson/Jamal Miles/Donovan Dozier/Vaughn Blue/Eliyt Nairne/Jabin Ford/Caden Williams/Rex Lahr/Devin Henderson/Eli Sisson/Ronald Moore/Charles Yates Jr./Marquis Bell/Darius Copeland/Christian Bodnar/Tromontez Booker/Ryan Manis/Barrett Newman/Caleb Ryan/Caleb Botchway/Marius Landsfeld/Nathan Pirolli/Kristyane Gregory/Blake Heckmann/Izaiah Taylor/Kaidon Whidby/Seneca Moore/Donte Lee Jr/Miles McEachin/Clayton Shepler/Cesar Carrasco/Sam Crossan/Esom Nnajiofor/Jacob Taylor/Seth Ellsmore/Jon Montiero/Connie Hewitt II/Caleb Willis/Carson Vines/Jamauri Knox/Weston Woodard
23%
American Athletic Army Connor Finucane/Cody Winokur/Hamilton Baker/Tyrell Robinson/Jordyn Law/Josiah Banks/Adam Cash/David Crossan/Bryson Daily/Jarel Dickson/Max DiDomenico/Brett Gerena/Trey Gronotte/David Hoyt/Will Jeffcoat/Bill Katsigiannis/Chance Keith/Kyle Lewis/Dre Miller/Will Montesi/Cade Patton/Tyler Rafferty/Casey Reynolds/Matthew Rhodes/Cam Schurr/Lucas Scott/Trey Sofia/Miles Stewart/Damon Washington/AJ Williams/Tommy Zitiello/Jaxon Hammond/Zach Mundell/Anderson Britton/Jabril Williams/Donavon Platt/Charlie Barnett/Dewayne Coleman/Bryce Davis/Jaydan Mayes/Sabastian Shannon/Casey Larkin/Gavin Shields/Liam Fortner/Noah Short/Hayden Reed/Eric Ford/Tyler Deleon/Braden Bartosh/Kalib Fortner/Tanner Bivins/Deshontez Gray/Ned Brady/Cooper Allan/Matthew Gibbons/Jacob Tuioti/Jack Latore/Collin Matteson/Andon Thomas/Justin Weaver/Kyle Kloska/Cale Hellums/Stephen Nnadozie/James Wagenseller/Mitch Bolden/Joseph Stephens/Elo Modozie/Lloyd Benson III/David Clerk/Kanye Udoh/Omari Embree/Samari Howard/Christian Yousefzadeh/Christopher Williams/Caden Brungard/Corey Singleton Jr./Carson Smith/Jake Lindsey/Brady Mott/Jake Rendina/Baylor Newsom/Kurt Thompson/Parker Poloskey/CJ Bowens/Seth Reece/Brian Dyer/Noah Nixon/Isaiah Birl/Drew Prieto/Holden Sapp/Brady Small/Owen Walter/Tyler Lee/Nick Moore/Henry Appleton/Brandon Wraalstad/Ben Chaney/Paolo Gennarelli/Lane Parks/Kody Harris-Miller/Jonah Zimmerman/Neo Vossschulte/Kavon Pointer/Dillon Stowers/Teddy Williams/Jake Rizzo/Amir Ali/Tobi Olawole/Jack Bousum/Donovan Poe/Josh Horton/AJ Barbat/Aden Self/Briggs Bartosh/Rob Houston/Ethan Washington/Cole Searight/Ben Gibbs/Sam Oppenheimer/Caleb Williams/Trey Tremba/Luke Knight/CJ Martin/Nehemiah Vann/Tim Kloska/Larry Pickett Jr./Ish Taylor/Pookie Arterberry/Elijah Walton/Devan Moss/Jayden Walker/Carlos Griffin/Jack Kayser/Brennan Fisher/Randall Nauden/Caleb Moran/Daniel Ogordi/Sam Zagame/Bill Young/Ryan Dunfee/Khaled Waliagha/Luke Sutphen/Campbell Sager/Brady Anderson/Dom Esposito/Cael Newton/Ty Brown-Stauffer/Joseph Johnson/Matt Gemma/Everett Champlin/Nick Buchys/Sam Waters/Andrew Hardwick/Ben Britton/Chuck Johnson/Wes Shaw/Ryan Snipes/Josh Manecke/Tyler Klambara/Braeden Helmkamp/Nollenn Tabaska/Russ Woodward/Xavier Archawski/Sean Donovan/Nolan Munroe/Aiden Jones/Peyton Ledford/Liam McKenna/Mack O'Halloran/Bryson Hosea/James Rothstein/Max Stober/Landon Laskey/Grayson Baker/Tex Brannan/Javon Smith/Dawson Jones/Noah Prior/Ryan Vanscoy/Jake Hulstein/Matthew Faulk/Chace Knox
23%
Big Ten Northwestern Coco Azema/Ryan Hilinski/Richie Hagarty/Duke Olges/Jaylen Pate/A.J. Henning/Bryce Kirtz/Hunter Welcing/Najee Story/Xander Mueller/Sean McLaughlin/Mike Wright/Ben Wrather/Cullen Coleman/Jack Olsen/Marshall Lang/Jaiden Cameron/Luke Akers/Jack Bailey/Thomas Gordon/Mac Uihlein/Hank Knez/Hunter Renner/Caleb Tiernan/Donnie Gray/Aidan Hubbard/Josh Thompson/Theran Johnson/Lawson Albright/Garner Wallace/Jackson Carsello/Reggie Fleurima/Deuce McGuire/Cam Porter/Jake Arthurs/Joe DeHaan/Will Halkyard/Greyson Metz/Grissim Anderson/Noah Taylor/Ore Adeyi/Calvin Johnson II/Chris Petrucci/Joseph Himon II/Kenny Soares Jr./Devin Turner/Robert Fitzgerald/Brendan Flakes/Jason Reynolds II/Anto Saka/Nick Herzog/Braydon Brus/Evan Smith/Matt Keeler/Jacob Tabibian/Carmine Bastone/Braeden Edwards/R.J. Pearson/Damon Walters/Jack Lausch/Braden Turner/Frank Covey IV/Aidan Gray/Tyler Gant/Ricky Ahumaraeze/Anthony Birsa/Jalen Lewis/Dylan Roberts/Nigel Glover/Cole Shivers/Josh Fussell/Michael Kilbane/Camp Magee/Jordan Knox/Caleb Komolafe/Jack Oyola/Albert Kunickis III/Miles Crutchley/Blake Van Buren/Hayden Eligon II/Cooper Lovelace/Patrick Schaller/Sean Martin/Callen Campbell/Idrys Cotton/Dashun Reeder/Matthew Smith/Tito Williams/Carson Grove/Troy Regovich/J.J. Lewis/Payton Roth/Mason Green/Henry Helms/Timi Oke/Ryan Boe/Braxton Strong/Qayvier Johnson/Ezomo Oratokhai/Dennis Rahouski/Tate Crane/Sean Winton/Terrion Curry-Hicks/Jack Florentine/Drew Wagner/Jack Trautmann/Logan Uihlein/Henry Fioriglio/Landon Lauter/Jace Borcherding/Cam Russell
23%
Sun Belt Louisiana–Monroe Hunter Smith/Earl Barquet Jr./Marc Britt II/Julian Nixon/Isaiah Velez/Sam Telesa/Charlie Norman/Elijah Fisher/Tyrese Hopkins/Hunter Herring/Justin Kimber/Rylan Green/Duece Mayberry/Andrew Wells/Nate Sullivan Jr./Jaedyn McKinstry/Davon Wells/Tyler Griffin/Lynard Harris/Chris Williams/David Godsey Jr./Carter Miller/Taven Curry/Carl Fauntroy/Car'lin Vigers/Si Stovall/Max Larson/General Booty/Austin Cartwright/Jalen Vinson/Nick Torres/Carl Glass Jr./Markeegan Gray/Luke Stagg/Brett Drillette/Jordan Rowe/Nolan Wilson/Adameon Botley/Trent Ginn/John Curtis Goodman Jr./Parker Hill/Drew Hutchinson/Thomas Little Jr./James Smith/Jaeden LeDent/Alvino Carbajal III/Bennett Galloway/Chris Smith/Wydett Williams Jr./Steven Gorski/Immanuel Hawkins/La'Garrius Sims/Aidan Armenta/Austin Ackel/Jaden Rowe/Artis Cole/Devon Smith/Dontavius Burrows/Travor Randle/Ra'shad Onezime/Andre Mack/Tristan Wiley/Landon Graves/Jyren Ester/Brooks Anzalone/Eli Morrison/Jaylan Ware/Cooper Eldridge/Jay Mickle/Sam Carson/Quad Harrison/Dylan Howell/Jake Godfrey/Reese Steele/Jordan Ashley/Jonathan Bibbs/Nate Green/Ameyr Adams/Caleb Groce/Ahmad Hardy/Miles Hill/Chandler Wilson/Tristan Shorter/Amir McGruder/Korian Wilson/Charles Thomas/Billy Pullen/Wesley Campbell VI/Daniel Knudsen/Kelbee Holmes/Javon Campbell/Kristopher Robinson/Seidrion Langston/Reese Mooney/JD Stewart/Kevontay Wells/Stephen Saywahn/Jacob Foster/Bret Vincent/John Wallace Holladay/Davin Anderson/Jaden Tarver/Hutson Hearron/Talan Browne/Mark Alvizo/Gunner Hale/Trayce Millet/Jordyn Williams/Cayden Cunningham/Makenzie Ryan/Markell Kyer/Daz Galloway/Jaeden Calender/David Applewhite/Quentis Griffin Jr./Taylor Quinn/Que McBroom/Xavion Butler/Jaden Hamlin/Amarion Ware/James Jones/Ozarrio Smith
23%
Mountain West Fresno State Jordan Brown/Dean Clark/Tuasivi Nomura/Mac Dalena/Korey Foreman/Justin Houston/Malachi Langley/Devo Bridges/Osmar Velez/Michael Munoz/Mikey Keene/RJ Regan/Julian Polendo/Malik Sherrod/Tyler Mello/Kosi Agina/Mose Vavao/Braylen Nelson/Cam Lockridge/Julian Neal/Rolan Fullwood/Johnathan Arceneaux/Charlotin Charles/Steven Scheidt/Al'zillion Hamilton/Joseph Campbell/Toreon Penright/Elijah Gilliam/Jomarion Briggs/Jahzon Jacks/Jalen Moss/Jacob Holmes/Joshua Wood/Chedon James/Raylen Sharpe/Kingsley Ugwu/Zeke Branham/Phoenix Jackson/Charles Remlinger/Kamron Beachem/Campbell McHarg/Tim Thomas/Jake Boust/Merhauti Xepera/Julius Gandy/Devon Rivers/Marcus Simien/Gavriel Lightfoot/Jairus Satele/Sione Noa/Jayden Mandal/Justin Johnson/Mordecai Hines/Richie Anderson/RL Miller/Caden Rodgers/Jayden Davis/Dylan Lynch/Seth Scheidt/Daniel Taumalolo/Jacob Spomer/Matai Bell/Nathan Acevedo/Jake Parnagian/Charles Greer Jr./Nick Verdugo/Josiah Freeman/Ryan Warkentin/Ryan Wilson/Brandon Ramirez/Deijon Laffitte/Isiah Chala Jr./Brock Lium/Ah'Marion Ashley/Edward Fonua/Jordan Malau'ulu/Auckland Asiata/Marsel Akins/Damarrion White/Logan Studt/Tytus Khajavi/Jordan Pierro/Tim Grear Jr./Antoine Sullivan/Jack Jacobs/Joe Dalena/Camryn Bracha/Jaden Carrillo/Makei Thompson/Tyler Carr/Jake Tarwater/Dupre Mendoza/Kavika Baumgartner/Ezra Christensen/Wesley Brown/Ethan Dasmann/Jace Nixon/Bryson Donelson/Loyall Mouzon/Kiontre Harris/Gerayas Grimes/Cam Cole/Dashiell Weaver/Lyndon Ravare/Jakari Embry/Drew Carlson/Tommy Nix/Gus Remlinger/Connor Tripp/Clay Lawrence/Michael Eneh/Ben Baker/Zane Rix/Markus Hoffmann/Ponafatu Kamuta/Karim McCune II
23%
Big 12 West Virginia Leighton Bechdel/Ja'Quay Hubbard/Nick Malone/Garrett Greene/Sean Martin/Jairo Faverus/Taurus Simmons/Wyatt Milum/Garnett Hollis Jr./Jaheem Joseph/Reid Carrico/Kole Taylor/Fatorma Mulbah/Michael Hayes II/Anthony Wilson Jr./Brandon Yates/Aubrey Burks/Hammond Russell IV/Treylan Davis/Tomas Rimac/Jaden Bray/Nicco Marchiol/Jacolby Spells/Justin Robinson/T.J. Jackson/Austin Brinkman/C.J. Cole/Preston Fox/Ty French/Bryce Biggs/Edward Vesterinen/Sullivan Weidman/Jarel Williams/Maurice Hamilton/Landen Livingston/Rodney Gallagher III/Zachariah Keith/Traylon Ray/Josiah Trotter/Johnny Williams IV/Avery Wilcox/Deuce Shabazz II/Tyrin Bradley Jr./Ronan Swope/Jackson Crist/Caden Biser/Ayden Garnes/Oliver Straw/Jahiem White/Asani Redwood/Jaylen Anderson/Xavier Bausley/TJ Johnson/Oryend Fisher/Cooper Young/Ben Cutter/Jordan Jackson/Josiah Jackson/Ryder Burton/TJ Crandall/Aden Tagaloa-Nelson/Noah Braham/Corey McIntyre Jr./Kyle Altuner/Makai Byerson/Ric'Darious Farmer/Trae'von Dunbar/Raleigh Collins III/CJ Donaldson Jr./Trey Lathan/Nick Krahe/Diore Hubbard/Brandon Rehmann/Macguire Moss/Donald Brandel/Derek Berlitz/Hudson Clement/Will Dixon/Colin McBee/Obinna Onwuka/Keyshawn Robinson/Jack Sammarco/Elijah Kinsler/Nate Gabriel/Jason Cross Jr./Zae Jennings/Chris Henry/Rickey Williams/Tyler Evans/Harry Hilvert/Scott Kean/RJ Kocan/Kekoura Tarnue/Dontez Fagan/Curtis Jones Jr./Justin Terry/Khalil Wilkins/Jayden Bell/Tyler Cain/Donovan Grayson/Judah Price/Luke Savino/Nate Flower/Key'on Washington/Lucas Austin/Dom Collins/Israel Boyce/Clay Ash/Zyir Daniel/Jackson Biser/Greg Genross/Abe Fenwick/Trey Bowers III/Mikey Preston/Murphy Clement/Mykel Davis/Aydin Fleming/Andrew Phares/Nasai Bell/Casey Stanley/Raymond Kovalesky/Kaden Seller/Aiden Ellis/Griffin Fogle/Wesley Hancock/Andreas Hunter/Jonah Ulloa/Quintin Goins
23%
SEC Arkansas Monte Harrison/Joe More/Khafre Brown/Keivie Rose/Kee'yon Stewart/Ty'Kieast Crawford/Joshua Braun/Tyrone Broden/Anthony Switzer/Stephen Dix Jr./Taylen Green/Xavian Sorey Jr./Landon Jackson/Matthew Shipley/Hudson Clark/Eric Gregory/Kyle Ramsey/Var'Keyes Gumms/Bryce Stephens/Jaedon Wilson/Jayden Johnson/Nico Davillier/Rodney Hill/E'Marion Harris/Addison Nichols/Jaheim Singletary/Brooks Both/Vito Calvaruso/Ja'Quinden Jackson/Cameron Ball/Doneiko Slaughter/Patrick Kutas/Fernando Carmona Jr./Andreas Paaske/Rashod Dubinion/Tim Dawn/Kaden Henley/John Paul Pickens/Kyle Thompson/Ty Washington/Eli Stein/Miguel Mitchell/Luke Brown/Shamar Easter/Ian Geffrard/Kaleb James/Luke Hasz/TJ Metcalf/Malachi Singleton/Dallas Young/Josh Street/Jon Hill/Jordan Anthony/Tommy Varhall/Devin Bale/JJ Hollingsworth/Alex Sanford/Jaylon Braxton/Carson Dean/Quincy Rhodes Jr./Brad Spence/Christian Ford/Dylan Hasz/Jaden Allen/Charlie Collins/Kavion Henderson/KJ Jackson/Braylen Russell/Bradley Shaw/Isaiah Sategna/Rykar Acebo/Landon Phipps/Mason Schueck/Brooks Edmonson/Kamron Bibby/Davion Dozier/Marquise Robinson/Anton Juncaj/Spencer Henslee/Larry Worth III/Walker Catsavis/Andrew Armstrong/Selman Bridges/Blake Boda/Isaac TeSlaa/JuJu Pope/Tevis Metcalf/CJ Brown/Zuri Madison/Kobe Branham/Justin Logan/Wyatt Simmons/Ahkhari Johnson/Emmanuel Crawford/Jezreel Bachert/Ashton Ngo/Jabrae Shaw/Anton Pierce/Aidan McCowan/Maddox Lassiter/Braylon Watson/Luke Johnston/Max Schmidly/Donovan Whitten/Amaury Wiggins/Aaron Smith/Dazmin James/Jace Petty/Brooks Yurachek/Keyshawn Blackstock/Krosse Johnson/Austin Ledbetter/Zach Taylor/Cade Fields/Tyrell Reed Jr./Preston Davis/Charlie Von Der Meden/Joseph Whitt/Jonas Nantze/Alex Johnson/Sam Dubwig/Elijah Brown/Danny Saili/Luke Buchanan
23%
Big Ten Rutgers Naseim Brantley/Reggie Sutton/Malcolm Ray/Flip Dixon/Bryan Felter/Chris Long/Mohamed Toure/Wesley Bailey/Tyreem Powell/Nasir Montgomery/Dino Kaliakmanis/Athan Kaliakmanis/Eric Rogers/Joe Lusardi/Christian Dremel/Robert Longerbeam/Keshon Griffin/Troy Rainey/Victor Konopka/Kyle Monangai/Shedrick Rhodes Jr./Zaire Angoy/Kyonte Hamilton/Shaquan Loyal/Jordan Thompson/Al-Shadee Salaam/Henry Hughes Jr./Desmond Igbinosun/Gus Zilinskas/Tyler Needham/Moses Walker/Samuel Brown V/Austin Riggs/Aaron Lewis/Hollin Pierce/Jamier Wright-Collins/Liam Rempel/Taj White/Kwabena Asamoah/Kenny Fletcher/Dymere Miller/Emir Stinette/JaSire Peterson/Michael O'Connor/Michael Robinson II/Jordan Kinsler/Sean Cooper/Moses Gbagbe-Sowah/Terrence Salami/Zach Goodale/Thomas Amankwaa/Zilan Williams/Dantae Chin/Mike Higgins/Jai Patel/John Stone/Dominic Rivera/Famah Toure/Jesse Ofurie/Deondre Johnson/Davoun Fuse/Logan Blake/Dylan Braithwaite/Ian Strong/Nick Oliveira/Vilay Nakkoun Jr./Mozell Williams/Abram Wright/Bo Mascoe/Ajani Sheppard/Isaiah Crumpler/Kevin Levy/Gabe Winowich/Kaj Sanders/AJ Surace/Timmy Ward/Gunnison Bloodgood/KJ Duff/DJ Allen/Jordany Augustin/Charlie Barth/Nick Ciaffoni/Dariel Djabome/Sammy El Hadidi/Sam Gadie/Timmy Hinspeter/Sebastian Jusma/Fitzroy Ledgister/David Onuoha/Jordan Smikle/Andrew Vargas/Jordan Walker/Evan Ward/Ja'shon Benjamin/Kenny Jones/Djibril Abdou Rahman/Sam Robinson/Aaris Bethea/Tycoolhill Luman/Tyclean Luman/Matthew Ogunniyi/Sam Pilof/Monte Keener/Raynor Andrews/DK Gilley/Ben Black/Antonio White Jr./Elijah King/Noah Shaw/Farell Gnago/Carter Kadow/Donovan Delaney Jr./Lance Rice/Edd Guerrier/Trent Brown/Sage Clawges/Cole Kozlowski/Riley McCann/Colin O'Sullivan/Shawn Purcell/Ben Rosenblatt/Antwan Raymond/MJ Johnson/Jakob Anderson/Raymond Giacobbe/Liam Gilmore/Jackson Gister/Liam Kilcomons/Anthony Morales/Joe Nwachukwu/Trent Osborn/Dane Pizzaro/Rocco Rainone/Jack Scullion/Djibril Abdou Rahman
23%
Big 12 TCU Trey Sanders/Bless Harris/Marcel Brooks/Dylan Wright/Nana Osafo-Mensah/JaTravis Broughton/Tymon Mitchell/Drake Dabney/Avery Helm/LaMareon James/Dominique Johnson/Bud Clark/Jaise Oliver/Shad Banks Jr./Blake Nowell/Ken Seals/Savion Williams/JoJo Earle/Mike Nichols/Hakeem Ajijolaiya/James Brockermeyer/Cooper McDonald/Brent Matiscik/Terrence Cooks Jr./Remington Strickland/Kaleb Elarms-Orr/Eric McAlister/Trent Battle/Jack Bech/Robby Rochester/Carson Bruno/JP Richardson/Josh Hoover/Austin Jordan/Johnny Hodges/Channing Canada/Devean Deal/Caleb Fox/Cade Bennett/Chase Curtis/Richard Toney Jr./DJ Rogers/Coltin Deery/Paul Oyewale/Major Everhart/Quinton Harris/Micheal Ibukun-Okeyode/Jordyn Bailey/Avion Carter/Markis Deal/Vernon Glover/Braylon James/Jamel Johnson/Abe Camara/Cam Smith/Colton Dobson/Joe Laterza/Franklin Estrada II/Luke Lingard/Jake Boozer/Hudson White/Riley Self/Luke Dodds/Connor Lingren/Cam Cook/Max Carroll/Zachary Chapman/Lafayette Kaiuway/Kylan Salter/Jonathan Bax/Cooper Powers/Jordan Lester/Hauss Hejny/Nate Palmer/Jeremy Payne/Keviyan Huddleston/Jax Porter/Dozie Ezukanma/Namdi Obiazor/TJ Willson/Keagan Cunningham/Jacob Porter/Brant Ahlfinger/Parker Clark/Hunter Krepp/Austin Scheets/Blake Jones/Gannon Gaubert/Easton Black/Gekyle Baker/Ryan Hughes/Travis Jackson/Tobias Steppes/Samir Camacho/Devondre Mcgee/Kaden Mcfadden/Julian Knox/Cole Snodgrass/Kyle Lemmermann/Tristan Johnson/Derrick Carroll/Jake Milliman/Hudson Hooper/Ben Taylor-Whitfield/Jackson McNeff/Mike Stoker/Nate McCashland/Sterlin Brooks/Jevon McIver Jr./Wesley Harvey/Mitch Hodnett/Devyn Hidrogo/Lucas Vargas-Diaz/Steel Tobin/Cole Confessore/Hayden Parga/Ethan Craw/Judson Crockett/Sebastian Peterson/Fletcher Fierro/Ty Witte/Will Frost/Rhett Steppe/Joe Pitchford/Cade Keith/Sutton Lee/Caleb Sempebwa/Cal Keeler/Jax Thompson
23%
ACC Wake Forest DeVonte Gordon/Capone Blue/Hank Bachmeier/Kevin Pointer/Michael Frogge/Jasheen Davis/Luke Petitbon/George Sell/Kendron Wayman/Walker Merrill/Zach Vaughan/Michael Kern/Donavon Greene/Cameron Hite/Ivan Mora/Taylor Morin/Justin Cody/Branson Combs/Keagan Trost/BJ Williams/Dylan Hazen/Nick Sharpe/Matthew Dennis/Quincy Bryant/Evan Slocum/Erik Russell/Jaydon Collins/Matt Gulbin/Christian Greene/Nick Andersen/Will Cobb/Wyatt Crespi/Horatio Fields/Eldrick Robinson II/Derrell Johnson II/Jaydn Girard/Demond Claiborne/Tate Carney/Zamari Stevenson/Micah Mays Jr./Devin McRae/Antonio Robinson Jr./Ka'Shawn Thomas/Zach Igwebe/Zach Lohavichan/Trent Nicholson/Nick Ragano/Bryce Ganious/Walker Ferguson/Ryan Dupont/Jake Pascual/Anthony Borriello/C'Darius Kelley/Jamare Glasker/Harry Lodge/Chris Marable Jr./Drew Pickett/Travon West/Kerrington Lee/Rushaun Tongue/Tyler Walton/George Steih/Davaughn Patterson/Kyland Armstrong/Uber Ajongo/Charlie Gilliam/Ian VerSteeg/Caleb Carlson/David Egbe/Mateen Ibirogba/Mason Andrade/Kevin Check/Cale Doyle/Brandon Hoyle/Matthew Lusardi/Quincy Williams/Jaxon Mull/Darius Jones/Aiden Hall/Sebastien Pierre/Ben Morgan/Carter Broers/Hank Lucas/Luke White/Jeremy Hecklinski/Tyler Black/Camden Hardy/Jack Hines/Josh Harrison/Tayshaun Burney/Devin Cook/Sam Neely/Ameir Glenn/Myles Turpin/Jeremiah Melvin/Clinton Richard/Tyler Mizzell/Demarcus Rankin/Wesley Stroebel/Landen Baker/Deuce Alexander/William Tackie Jr./James Hillhouse/Khyler Watson/Mark Rogalski/Dominic Deluca/Owen Pisa/William Moy/Zeek Jackson/Jason Woods/Ty Clark III/Nick Rubino/Kennedy Fauntleroy/Maurice Ghee/Ryan Henley/Dallas Hurley/Sam Greenspan/Luke Beemer/EJ Reid/Jake Ryan/Jack Ploszay
22%
American Athletic North Texas Jace Ruder/Blair Conwright/Terrell Dawkins/Landon Peterson/Juwaun Price/Damon Ward Jr./Isheem Young/Ikaika Ragsdale/Jake Shipley/Jett Duncan/Larry Moore III/Loronzo Thompson/Jasper Lott/Harold Nash III/Nick Rempert/Paula Vaipulu/Leke Asenuga/BJ Allen Jr./Johnny Dickson III/Roderick Brown/Shane Whitter/Jordan Brown/Fatafehi Vailea II/Alphie Guillory Jr./Richard Rocquemore/Chandler Morris/CJ Garnett/Connor Henderson/Jenson Walker/Ridge Texada/Gabe Blair/Zach Evans/X'Avion Brice/Sawyer Evans/Blake Ford/Shane Porter/Damashja Harris/Breylon Charles/VJ Bronson/Xzavior Kautai/Jaylen Smith/Ethan Wesloski/Jayven Anderson/Keith Smith Jr./Taylor Starling/Isaac Sohn/Ma'Kyi Lee/Dallas Dudley/Jeremiah Aaron/Trent Ayers/David Spruiells/Kerry Williams II/Darson Herman/JJ Jean-Louis/Kollin Lewis/Dalton Carnes/Harrison Dempsey/Landon Sides/Desmond Magiya/Evan Jackson/Brian Nelson II/Matthew Moore/Luke Carter/Jaydon Smith/Kiefer Sibley/Brandon Young Jr./Jaedon Langley/Jaden Pettway/Tyler Mercer/Mason Ferguson/Wyatt Young/Miles Coleman/Baron Tipton/Chavez Brown/Makenzie McGill/Caden Yates/Kali Nguma/Kamdon McFarland/Kade Sink/Austin Williams/Keon Johnson/Zack Darkoch/Dadrian Burleson/Cash Mccollum/DT Sheffield/Victor Aderungboye/Chris Gant Jr./Blake Fann/Ryan Krueger/Zhaiylen Scott/Gabe Stroud/Jayden Hill/Hudson Emeterio/Amarion Berry/Kabriel Anderson-Dale/Ashton Gray/Paul Gurrola/Kyle Koch/Jayden Williams/Matthew Reed/Braydon Nelson/Carson Woods/Tom von Grote/Drew Mestemaker/Oscar Hammond/Case Peacock/Lane Stewart/Kendahl Crowe/Sultan El-Amin Jr/Shawn Wara/Quinton Hammonds/Nathan Laperi/Miguel Arenas/Tristan Bennett/Kaden Dees/Christian Pettway/Layton Firestone/Conner Dunphy/Jheison Saunds/Seth Ford
22%
SEC Mississippi State Montre Miller/De'Monte Russell/Raydarious Jones/Ethan Miner/JP Purvis/Keyvone Lee/Jordan Morant/Eric Taylor/Grant Jackson/Sulaiman Kpaka/Kedrick Bingley-Jones/Chris Keys Jr./Jordan Mosley/Hunter Washington/Marlon Martinez/Asher Morgan/Antonio Harmon/Branden Jennings/Blake Shapen/Justin Ball/Nick Barr-Mira/Zachary Haynes/Jaden Walley/Corey Ellington/Ty Cooper/Brylan Lanier/Jacoby Jackson/Makylan Pounders/Albert Reese IV/Nic Mitchell/Stone Blanton/Kevin Coleman/Khamauri Rogers/Canon Boone/Hayes Hammond/Javae Gilmore/John Lewis/Deonte Anderson/Seydou Traore/Kalvin Dinkins/Donterry Russell/Jakson LaHue/Trevion Williams/TB Hinton/Chris Parson/Isaac Smith/Creed Whittemore/Jake Weir/Cameron Ball/Michael Robinson/Kade Kolka/Joseph Head Jr./Malik Ellis/Vic Sutton/Seth Davis/Brice Pollock/Kelley Jones/Mario Craver/Braylon Burnside/Jimothy Lewis Jr./Michael Van Buren Jr./Kobi Albert/Javaris Bufford/Ashtanyrein Duncan/Nick Lauderdale/Kelly Akharaiyi/Zakari Tillman/Tanner Johnson/Brinston Williams/Nicholas Bargains/Marlon Hauck/Wesley Davis/Gavin Nelson/Kyle Ferrie/Gabe Moore/Corey Clark/Jacorey Whitted/Amari Smith/Traveon Wright/JJ Harrell/Terrance Hibbler/Ricky Johnson/Fred Clark/TJ Lockhart/Josaiah Knight/Luke Work/Sanfrisco Magee/Xavier Gayten/Cyrus Reyes/Elijah Cannon/DeAgo Brumfield/Jeffery Pittman/Wykece Johnson/Leon Bell/Rayfield Lotten/Luke Beard/Davon Booth/Trent Hudson/Kai McClendon/Jatavious Johnson/Tyler Woodard/Johnnie Daniels/Marcus Ross/Josh Washington/Samuel Paxton/William Wilkinson/Charlie Ingram/Alex Lopez/Karsten Upchurch/Bailey Henderson/Thomas Cheatham/Logan Flinta/Ethan Pulliam/Ashun Shepphard/Kevin Coleman Jr.
22%
Big Ten UCLA Reuben Unije/Ale Kaho/Bryan Addison/K.J. Wallace/Michael Churich/Chase Griffin/Keegan Jones/Anthony Adkins/Sitiveni Havili Kaufusi/Siale Taupaki/Kain Medrano/Michael Carmody/Ethan Garbers/Josh Carlin/Spencer Holstege/Jaylan Jeffers/Joseph Vaughn/Jalen Berger/Logan Loya/Gary Smith III/Jay Toia/Keanu Williams/Ramon Henderson/Jaylin Davies/Moliki Matavao/Drew Tuazama/Hudson Habermehl/Dovid Magna/Joquarri Price/Devin Aupiu/Devin Kirkwood/Ezavier Staples/DJ Justice/Alani Makihele/J. Michael Sturdivant/Deshun Murrell/Garrett DiGiorgio/Justyn Martin/Jack Pedersen/Clint Stephens/Jacob Busic/Travis Drosos/Kaylin Moore/Noah Pulealii/Nick Billoups/Joshua Swift/JonJon Vaughns/Evan Thomas/Devanti Dillard/Jadyn Marshall/Jalen Woods/Titus Mokiao-Atimalala/Blake Glessner/Croix Stewart/Braden Pegan/Isaiah Carlson/Rico Flores Jr./R.J. Jones/Carson Schwesinger/Yutaka Mahe/Sam Summa/Sam Yoon/Grant Buckey/Ty Lee/Collins Acheampong/Luke Duncan/Jamir Benjamin/Khristian Dunbar-Hawkins/Jensen Somerville/Oluwafunto Akinshilo/Anthony Frias II/Bryce Pierre/A.J. Fuimaono/TJ Harden/Chase Barry/Niki Prongos/Joseph Firebaugh Jr./Oluwafemi Oladejo/Donavyn Pellot/Tavake Tuikolovatu/Kwazi Gilmer/Mark Schroller/Karson Gordon/Marquise Thorpe-Taylor/Isaiah Patterson/Henry Hasselbeck/Cameron Jones/Zeke Thomas/Michael Sullivan/Caleb Walker/Carter Shaw/Troy Leigber/Kanye Clark/Joshua Dixon/Mone Malafu/Larry Edwards III/Marquise Villahermosa/Wyatt Mosier/Peter Bario/Jack Clarke/Kory Symington/Grant Gray/Trent Middleton/Leo Kemp/Mateen Bhaghani/Tannen Vagle/Devin Delgado/Marcus MacNeal/Brody Richter/Luke Schuermann/Dermaricus Davis/David Dellenbach/Brett Barry/Salem Abdul-Wahab/Jordan Abarca/Jacob Reis/Michael Sultemeier/Walker Andersen/Russell Weir
22%
Big 12 Houston Tank Jenkins/Kendre Gant/Shamar Hobdy-Lee/Tony Mathis Jr./Kolby White/Jake Wiley/Ajani Carter/Maliq Carr/Jamal Morris/Cedric Melton/Stacy Sneed/Teagan Wilk/Everitt Rogers/Latrell McCutchin Sr./Dakota White/Jack Martin/Brandon Mack/Noah Guzman/Bryan Massey/Kriston Davis/David Ndukwe/Thomathan Good II/Taleeq Robbins/Jalen Emery/Peyton Dunn/Joseph Manjack IV/Marquis Shoulders/Corey Platt Jr./Garfield Lawrence/JD Rhym/Demetrius Hunter/Jalen Garner/Michael Batton/Jacob Garza/Donovan Smith/Jayden York/Anthony Gangi/Carlos Allen/Anthony Holmes Jr./Stephon Johnson/Keith Cooper Jr./Torren Coppage-El/Kentrell Webb/Jeremiah Wilson/Sam Secrest/Zeon Chriss/Johnsley Barbas/Justin Benton/Christian Brathwaite/Jonah Wilson/Ja'Ryan Wallace/Blake Okoye/Matt Byrnes/Quindario Lee/Mekhi Mews/A.J. Haulcy/Devan Williams/Jamaal Shaw/Parker Jenkins/Cayden Bowie/Latreveon McCutchin/Caleb McMickle/Re'Shaun Sanford II/J'Marion Burnette/Carter Jenkins/Maurice Williams II/Nadame Tucker/Zykeius Strong/Hershey McLaurin/Jett Runion/Justice Ugo/Joseph Kim/Cavan Tuley/Ivan Autenreith/Dylan Caddle/Joshua Diaz/Jake Sock/Zion Taylor/Ray'Quan Bell/Traville Frederick Jr./Ronnell McLain/Koby Young/Derek Joiner/Kaleb Thomas/DJ Butler/Ui Ale/Juwon Gaston/Sherman Smith/Jayshon Ridgle/Pierson Parent/Indiana Wijay/Samuel Padgitt/Steve Polk/Beau Clewett/Hunter Teichman/Hunter Jones/Justin Wood/Jack Raney/Jonathan Dimas/Darius Washington/Liam Dougherty/Ikenna Agoh/Aaron Davis/Austin Bice/Zavian Tibbs/Rickey Green/Brock Foster/Jett Thompson/Phillips Ojo/Ezekiel Akin-Abiodun/Hingano Hautau/Alex Abbott/Larry Crawford/Trey Furey/Xavier Stillman
22%
American Athletic Tulsa Demarco Jones/Gavin Potter/Chris Thompson/Myles Jackson/Cooper Legas/Zach Marcheselli/Tautai Lio Marks/Malachai Jones/Ender Aguilar/Ethan Hall/Sean O'Keefe/Anthony Watkins/Rey Burnett/Keuan Parker/Justin Lohrenz/Jehlen Cannady/Jeremiah Ballard/Bill Jackson/Kamdyn Benjamin/Seth Morgan/Jack Wright/Amieh Williams/Braylin Presley/Owen Ostroski/Zion Steptoe/William Alexander/Jacob Waller/Champ Lewis/Eli McWilliams/Zach Neilsen/Cardell Williams/Tyree Carlisle/Brody Reese/NuNu Campbell/Canon Peters/Dayne Hodge/Stephen Kittleman/Caleb Matthews/Walter Young Bear/Daniel Ademisoye/Tai Newhouse/Tanyon Zachary/Connor Cook/Vontroy Malone/Connor Vaughn/C.J. Turner/Lloyd Avant/Zach Williams/Georderrial Williams/Matthew Ogunrin/Kasen Carpenter/Devin Robinson/Mari Smith/Kaden Stanton/Eli Potts/Jayce Morgan/Duvan Boshoff/Denver Hanna/Grayson Tempest/Reeves Baller/Cam Crooks/R.J. Jackson Jr./Luke McGary/Tyler Rich/Bennett Ringleb/Tim Carpenter/Will Smith/Corey Smith/Jackson Ford/Josh Smith/Jacob Emmers/Jewlyen Roberts/Mason Fleming/Aquavious Dunbar/Will Upshaw/Jack Tanner/Dax Collins/Reed Malphurs/Kirk Francis/Nate Ratcliff/Michael Slaba/Zane Woodham/Angus Davies/Keigan Powers/Scott Stanford/Elijah Wilson/Brant McNear/Camden Peck/Cade Lopez/Will Morris/Cole Greene/Ashton Williams/Jaxon Lee/Elijah Green/Bryson Rouse/Jackson Johnson/Viron Ellison Jr./Dedaunte Scott/Joseph Williams/Alex Green/Brody Duffel/Maruio White Jr./Colten Christian/Ross Johnston/Issac Covington/Carson Horton/Buddha Garrett/Parker Stone/Stockton Ryan/Ty Vinson/Henry Simon/Walker Diharce/Daegen Jensen/Marshall Hefner/Caleb Bowers/Cole Edrich/Josh Love/Joe Hjelle/Nate Long/Troop O'Neal/Luke Berry/Evan Guenthner/Chris Thompson Jr.
20%
Big 12 Colorado Donovan Ollie/Jacob Gardner/Avery Morrow/James Mitchell/Isaiah Essissima/Chase Wilson/Dom Jones/Kobe Johnson/Dylan Goffney/Dane Olson/Poukesi Vakauta/Tory Horton/Henry Blackburn/Peter Montini/Cam Bariteau/Jack Howell/Jordan Noyes/Armani Winfield/Trevyn Heil/Matt Greenwald/Tyrell Grayson Jr./Ayden Hector/Mukendi Wa-Kalonji/Brycen Heil/Brayden Fowler-Nicolosi/Kennedy McDowell/Jernias Tafia/Jordan McIntyre/Dominic Morris/Alex Foster/Drew Moss/Giles Pooler/Cody Pettitt/Elias Larry/Paddy Turner/Saveyon Henderson/Aaron Karas/Jaylen Gardner/Jordan Williams/Nuer Gatkuoth/Damian Henderson II/Lavon Brown/Andrew Laurich/Jackson Brousseau/Mason Muaau/Stephon Daily/Tanner Morley/Dante Scott/Justin Marshall/Christian Martin/Aitor Urionabarrenechea/Drew Rodriguez/Jordan Ross/Will Prendergast/Keegan Holles/Tyson Williams/Jace Bellah/Jaseim Mitchell/Rocco Schramm/Bryan Hansen/Keegan Hamilton/DeAndre Gill Jr./Niko Lopez/Gabe Kirschke/Whitefield Powell/Buom Jock/Chance Harrison/Landon Bell/Jamari Person/Keynan Higgins/Caleb Goodie/Dylan Phelps/Kenyon Agurs/Darius Curry/Jack Moran/Kory Hall/Berlin Lillard/Zach Smith/Ed'Mari Binion/Phillip Ocon/Keegan Shank/Tommy Poholsky/Vince Brown II/Brig Hartson/Trey Vincent/Ryan McConnell/Jett Vincent/Will Hutchison/Nate Weyand/Josh Ayers/Mulumba Wa-Kalonji/Morgan Tribbett/Jake Dennis/Javion Smith-Combs/Jaden Landrum/Hidetora Hanada/AJ Noland/Dagan Myers/Chauncey Davis/Jaxxon Warren/Payne Williams III/Armon Gardner/Kylan Studebaker/Owen Long/Chandler Brown/Garrett Keeler/Tommy Maher/Chris Jackson/Garrett Menagh
20%
Mountain West Colorado State Donovan Ollie/Jacob Gardner/Avery Morrow/James Mitchell/Isaiah Essissima/Chase Wilson/Dom Jones/Kobe Johnson/Dylan Goffney/Dane Olson/Poukesi Vakauta/Tory Horton/Henry Blackburn/Peter Montini/Cam Bariteau/Jack Howell/Jordan Noyes/Armani Winfield/Trevyn Heil/Matt Greenwald/Tyrell Grayson Jr./Ayden Hector/Mukendi Wa-Kalonji/Brycen Heil/Brayden Fowler-Nicolosi/Kennedy McDowell/Jernias Tafia/Jordan McIntyre/Dominic Morris/Alex Foster/Drew Moss/Giles Pooler/Cody Pettitt/Elias Larry/Paddy Turner/Saveyon Henderson/Aaron Karas/Jaylen Gardner/Jordan Williams/Nuer Gatkuoth/Damian Henderson II/Lavon Brown/Andrew Laurich/Jackson Brousseau/Mason Muaau/Stephon Daily/Tanner Morley/Dante Scott/Justin Marshall/Christian Martin/Aitor Urionabarrenechea/Drew Rodriguez/Jordan Ross/Will Prendergast/Keegan Holles/Tyson Williams/Jace Bellah/Jaseim Mitchell/Rocco Schramm/Bryan Hansen/Keegan Hamilton/DeAndre Gill Jr./Niko Lopez/Gabe Kirschke/Whitefield Powell/Buom Jock/Chance Harrison/Landon Bell/Jamari Person/Keynan Higgins/Caleb Goodie/Dylan Phelps/Kenyon Agurs/Darius Curry/Jack Moran/Kory Hall/Berlin Lillard/Zach Smith/Ed'Mari Binion/Phillip Ocon/Keegan Shank/Tommy Poholsky/Vince Brown II/Brig Hartson/Trey Vincent/Ryan McConnell/Jett Vincent/Will Hutchison/Nate Weyand/Josh Ayers/Mulumba Wa-Kalonji/Morgan Tribbett/Jake Dennis/Javion Smith-Combs/Jaden Landrum/Hidetora Hanada/AJ Noland/Dagan Myers/Chauncey Davis/Jaxxon Warren/Payne Williams III/Armon Gardner/Kylan Studebaker/Owen Long/Chandler Brown/Garrett Keeler/Tommy Maher/Chris Jackson/Garrett Menagh
20%
Mountain West UNLV Jarvis Ware/Jett Elad/Christian Moore/Brennon Scott/Ricky White III/Jalen St. John/Kaleo Ballungay/Jalen Catalon/Malik Chavis/Hajj-Malik Williams/Walker Hardan/Anthony Rosas/Casey Cain/Tiger Shanks/Jalen Dixon/Waisale Muavesi/Ose Egbase/Landon Rogers/Jaden Bradley/Cameron Friel/Jordan Eubanks/Michael Allen/Anthony Costanzo/Jackson Woodard/Cameron Oliver/Marsel McDuffie/Tony Grimes/Jah'Von Grigsby/Antonio Doyle Jr./Matthew Sluka/Timothy Conerly/Mathyus Su'a/Graham Keating III/Marshall Nichols/Johnathan Baldwin/Ben Lisk/Mani Powell/Kodi DeCambra/Jeremiah Vessel/Jack Hasz/Andre Meono/Tyray O'Dell/Anton Ambuehl/Malik Bradford/Kylin James/Alexander Whitmore/Sammy Norris/Rashod Tanner/Jayden Ahboah/Fisher Camac/Will Thomas/Ed Haynes/Lucas Conti/Nijrell Eason II/Melvin Laster/Keith Conley Jr./Tatuo Martinson/Saadite Green Jr./Damien McDaniel/Cooper Webb/Blesyng Alualu-Tuiolemotu/Charles Correa/Matthew Greene/Maxwell Peterson/Austin Boyd/Darrien Jones/Jai'Den Thomas/DeAngelo Irvin Jr./Kela Moore/Jae Beasley II/Gael Ochoa/Tre Fulton/Devin Green/Max Mogelson/Amare Taase/Kayden McGee/Hank Purvis/Greg Burrell/Nick Scalise/Lucas Lenhoff/Jacob De Jesus/Jalen Baldwin/JT Odom/Ramon Villela/Michael Bareman/Rashawn Jackson/Cooper Haswell/Corey Thompson Jr./Christian Earls/Jaylen Allen/Carver Banker/Rogerick Ray/Mason Vicari/Toby Moore/Andre Porter/Dyllan Drummond/Caden Chittenden/Koi Pa'ao'ao/Traivon Dyson/Elijah Wilson/Isaac Mancera/Devin Hartsuck/Oscar Trevino/Halatoa Tai/Sam Wolfenden/Shko-Mak Pahmahmie/Konner Melzer/David Titone-Perez/Jacob Beza/Grant Hessler/La'Vario Wiley
20%
Sun Belt Marshall J'Coryan Anderson/Elijah Ellis/Deeve Harris/Bryce Ramsey/Ra'Quan Thompson/DeMarcus Harris/Daytione Smith/Christian Fitzpatrick/Jabari Ishmael/Ishmael Ibraheem/Landyn Watson/Isaiah Johnson/Elijah Metcalf/Jordan Reagan/Isaiah Gibson Sr./Bralon Brown/J.J. Roberts/Jordan Houston/Jeremy Jones/Logan Osburn/Jude Okolo/Monroe Beard III/Chris Thomas Jr./Braylon Braxton/DJ Stepney/Antwan Roberts/Mike Green/Bryan Robinson/Jadarius Green-McKnight/Su Agunloye/Josh Moten/Tychaun Chapman/Jacarius Clayton/Ajani Cuevas-Gillis/J.J. Hawkins/TyQaze Leggs/Jason Shuford/Stone Earle/Dylan Davis/Cedrick Nicely/Eric Meeks/Ethan Payne/Leon Hart Jr./AG McGhee/Toby Payne/Jacobie Henderson/Cole Pennington/Tariq Montgomery/Ahmere Foster/Cade Conley/Matthew Bosset/Chuck Montgomery/Shunmarkus Adams/Cade Davis/Jalen Slappy/Justin Holmes/Ashton Heflin/Caleb Clark-Glover/TaShawn Jeter/Ishmael Roy/A.J. Turner/Rece Verhoff/Christian Richter/Colin Parachek/Jaden Yates/Shawn Rouse/Carl Chester/Siddiq Jackson/Tracy Stephens/JacQai Long/Aidan Steinfeldt/Kam Kynard/Chason Clark/Guylijah Theodule/Moses Gray/Justin Haggerty/C.J. Fazio/Jason Haggerty/Jacob Pinkney/Chris Stokes/MaLik Caswell/Anthony Richard Jr./Will Holt/Randy Young/Mathis Haygood/K.J. Jones/Ian Foster/Will Petit/Drew Petit/Mikailin Warren/Braydin Ward/Isaac Clary/Antwaan Mays/Nathan Totten/Alec Clark/Andrew Hancock/Cam Chmura/Corey Myrick/Elijah Smalls/Jaxson Cunningham/Donovan Garrett/Cace Reed/Chase Massey/Robert Winters/Vari Adams/Lucas Copenhaver/Cortney Davis/Treaden Henry/Carter Holsworth/Stanley Jackson/Gary Jones Jr./Aiden Karsh/Jackson Klein/Devon McBride/Anwaar Smith/Marcel Williams/Jr. Leon Hart
20%
Big 12 Cincinnati John Williams/Joey Beljan/Jared Bartlett/Mehki Miller/Deondre Buford/Derrick Canteen/Luke Kandra/Xzavier Henderson/Evan Prater/Corey Kiner/Evan Pryor/Gavin Gerhardt/Joe Royer/Darian Varner/Jayden Perry/Logan Wilson/Eric Phillips/Brian Doneghy II/Francis Sherman/Jalen Hunt/Dartanyan Tinsley/Brady Lichtenberg/Dontay Corleone/Jordan Young/Phillip Wilder/Rob Jackson/Mikah Coleman/Jack Dingle/Aaron Turner/D.J. Taylor/Kameron Wilson/Joshua Minkins/Ben Blevins/Jamoi Mayes/Connor Keyes/Mason Fletcher/Carter Brown/Ethan Green/Cincear Lewis/Kye Stokes/Kalen Carroll/Kyree Moyston/Jonathan Harder/Drew Logan/Ken Willis/Brady Young/Tyrin Smith/Harris Adams/Jake Golday/Victor Dawson/Tony Johnson/Jacob Hoying/Jonathan Thompson/Sterling Berkhalter/Brendan Sorsby/Max Fletcher/Evan Tengesdahl/Manny Covey/Brady Drogosh/Barry Jackson Jr./Brian Simms III/Kamari Burns/Gavin Grover/Elijah Jones/Daniel James/Jordan Robinson/Ormanie Arnold/Cam Roetherford/Dakarai Anderson/Samaj Jones/Chance Williams/Lesley Andoh/Michael McCalmont/Antwan Peek Jr./Simeon Coleman/Jakorion Caffey/Kale Woodburn/Montay Weedon/Jake Wheelock/Garrison Butler/Willie Goodwyn/Devyn Zahursky/Jiquan Sanks/Quinton Price/Marqavious Saboor/Aiden Pastoriza/Zac Clarke/Marquaze Parker/Xavier Lozowicki/Trevon Gola-Callard/Will Kocher/Trevor Adams/Nijal Mooney/Quinn Staten/Weston Simmons/Nathan Hawks/Judea Milon/Grant Edgington/Michael Mussari/Keilan Smith/Lendric Barber/Stanley Clyne/Danny Stoddard/Zay Johnson/Zane Kinsey/Maxwell Cummings/Zander Blue/Tofa Luani/Drew Robinson/Christian Commisso/Nathan Nunn/George Leibold/Nick Herbst/JP Schrieber/Lyviel Waters/Max Lemasters
20%
Conference USA Western Kentucky Marcus Patterson/Anthony Johnson Jr./Dalvin Smith/Michael Mathison/Keyshawn Swanson/Stacey Wilkins/Quantavious Leslie/TJ Finley/Jalen Hampton/Willie Taggart Jr./Elijah Young/Upton Stout/Dave Herard/Zach Edwards/Travon Taylor/Trevor Borland/Sebastian Benjamin/Blake Austin/Wesley Horton/Demarko Williams/Demick Starling/Jaymar Mundy/Virgil Marshall/Bryce Childress/Terreance Ellis/Rodney Newsom Jr./Terrion Thompson/Riley Stephens/Dallas Walker/Kisean Johnson/River Helms/Michael Moment/K.D. Hutchinson/Jackson Smith/Deante McCray/Evan Wibberley/Caden Veltkamp/Cole Maynard/George Hart III/Michael Ondelacy/Jayden Loving/Rex Robich/Javy Bunton/Nathan Griffin/Marshall Jackson/Xavier Shaw/Devonte' Mathews/Keondre Williams/Anthony Brackenridge/Turner Helton/Easton Messer/Darius Thomas/Alex Ford/Jalil Rivera-Harvey/Trent Zappe/Jai Eugene Jr./Kylan Guidry/Colten Cable/Jax Cooper/Koron Hayward/Denzil Alleyne/Ely George/Reid Jamerson/Eli Jones/L.T. Sanders/Hayden Todd/Hosea Wheeler/Kent Robinson/Jalen Hand/Lofton Howard/Lucas Carneiro/Chandler Matthews/Moussa Barry/Nazir Ward/Ki'Shawn Harvey/Jarvis Hayes/Noah Meyers/Harper Holloman/Tucker Parks/Justin Brown/Corey Landers/Joshua Mensah/Reginald Allen Jr./Devon Lynch/Leavy Johnson/Darrell Johnson Jr./Elvin Fofanah/Aiden Miller/Drew Wilson/Cameron Flowers/Dallen Ponder/Gabriel Arnold/Jaylen Hampton/Jaleel Walker/Marvin Sims/Xavion Griffin/Damari Jefferson/Miller Malone/Zsacari Minnis/Rodney Tisdale Jr./Tate Titshaw/Lataj Wright/Javon McMahon/Donovan Jones/Marvelous Owens/Kolbyn Price/Michael Buck/Gabe Claybrook/Melvin Collins Jr./C.J. Kiss/Chukwunedu Okeke/Brandon Tobias
20%
Pac 12 Oregon State Jaden Robinson/Makiya Tongue/Jam Griffin/Andy Alfieri/Ben Gulbranson/Jermaine Terry II/Josh Griffis/Grant Starck/Everett Hayes/Dylan Black/Joshua Gray/Oluwaseyi Omotosho/Jimmy Valsin III/Semisi Saluni/Darrius Clemons/Anthony Hankerson/Tygee Hill/Melvin Jordan IV/Gerad Christian-Lichtenhan/Alton Julian/Josh Green/Peyton Hogan/Tyler Morano/Jaydin Young/Jacob Schuster/DJ Wesolak/Nick Norris/Noble Thomas Jr./Luka Vincic/Van Wells/Jacob Strand/Gabarri Johnson/Taz Reddicks/Takari Hickle/Kord Shaw/Kobe Singleton/Skyler Thomas/Jeremiah Noga/Jack Kane/Trent Walker/Josiah Johnson/Gabe Milbourn/Bryce Caufield/Gevani McCoy/Cooper Jensen/Nathan Elu/Tyler Voltin/Isaiah Chisom/Zachary Card/Jordan Anderson/Jake Sanders/Dom Montiel/Jake Reichle/Max Walker/Tyree Blake/Flavio Gonzalez/Zander Esty/Sailasa Vadrawale III/Jhae Drummer/Harlem Howard/Malachi Durant/Exodus Ayers/Dylan Sikorski/Shamar Meikle/Salahadin Allah/Mason White/Dexter Foster/Jamai East/Nikko Taylor/Montrel Hatten Jr./David Wells Jr./Joel Valadez/Tyrice Ivy Jr./Andre Jordan Jr./Dyontae Navarrete/Austin Ratliff/Karson Boschma/Drake Vickers/Milan Clark/AJ Winsor/Frank Miner/Clive Pond/Zakaih Saez/Kelze Howard/Tiger Black/Ryan Berger/Thomas Schnapp/Jacob Anderson/Ben Hartman/Jojo Johnson/Thomas Collins/Jessaia Moala/Tevita Pome'e/Jailen Holmes/Cornell Hatcher Jr./Jackson Robertson/Will Haverland/Kallen Gutridge/Eddie Freauff/Adam Hawkes/Jayden Tuia/Aiden Sullivan/Amarion York/Jaheim Patterson/Ugo Odoemelam/Gyriece Goodman/Ty May/Luke Levengood/Caleb Ojeda/Logan McCreery/Kai Richardson/Jack Wagner/Carson Kolb/TJ Zimmermann
18%
American Athletic Tulane Jalen Geiger/Vincent Murphy/Trey Tuggle/Patrick Jenkins/Mario Williams/Tyler Grubbs/Ty Thompson/Dontae Fleming/Adonis Friloux/Ethan Hudak/Caleb Thomas/Eric Hicks Jr./Jacob Barnes/Thomas Peterson/Yulkeith Brown/Adin Huntington/Michael Lunz/Caleb Ransaw/Bailey Despanie/Phat Watts/Shi'Keem Laister/Jesus Machado/Rishi Rattan/Angelo Anderson/Josh Remetich/Rashad Green/Reggie Brown/Shazz Preston/Shaadie Clayton-Johnson/Terrell Allen/Sam Howard/Micah Robinson/Johnathan Edwards/Bryce Bohanon/Kai Horton/Mandel Eugene Jr./Elijah Champaigne/Javon Carter/Makhi Hughes/Alex Bauman/Blake Gunter/Rayshawn Pleasant/Khai Prean/Lucas Desjardins/Trevor Evans/Brandon Kim/Rodrek Williams II/Luke Besh/Jonathan Kahn/Bobby Noel/Parker Petersen/Jared Moorer/Lu Tillery/Adam Uppuluri/Sidney Mbanasor/Kameron Hamilton/Shadre Hurst/Matthew Fobbs-White/Jean Claude Joseph III/Jack Tchienchou/Chris Rodgers/Trey Cornist/Joshua Moore/Joshua Goines/Armani Cargo/Zycarl Lewis Jr./Jayden Lewis/Jah'rie Garner/Darion Reed/Makai Williams/George Arata/Brice Busch/Tate Jernigan/Garrett Mmahat/Dickson Agu/Landry Cannon/Gerrod Henderson/Gabe Fortson/Arnold Barnes III/Anthony Miller/Ethan Greenberg/Darian Mensah/Kevin Adams III/Jahiem Johnson/Deshaun Batiste/Jayce Mitchell/E'zaiah Shine/Chase Green/Guiseann Mirtil/Geordan Guidry/Elijah Baker/Jamauri McClure/Javion White/Jakson Judge/Kellen Tasby/Andrew Goodman/Alex Wigginton/Harold Lawson/Will Karoll/William Hudlow/Tristen Fortenberry/Shaun Nicholas/Derrick Graham/Reese Baker/Dagan Bruno/Walker Davis/Seth Gale/Carson Klein/Michael Guruli/Jack Stivers/Dominic Steward/Dante De Rosa/Jaxon Ducre/Leo Wulffraat/Ethan Head/Colin O'Carroll/Erik Urbaniak/DJ Cicero/Zach Marini/Patrick Durkin
18%
Conference USA New Mexico State Matt Lawson/Cedric Claiborne/Naki Fahina/Keonte Glinton/Jacob Golden/Deuce Hogan/Nick Session/Canaan Yarro/Latrell Neville/Monte Watkins/Justin Beadles/Santino Marucci/Kale Edwards/George Eberle/Larenzo McMillan/PJ Johnson III/Seth McGowan/Mike Washington/Kyle McNamara/Noah Arinze/Jameson Helu/Anthony LaFrance/Dylan Early/Sioeli Helu/Isaac Gallegos/Connor Brooksby/Rashad McKinley/Jake McNamara/Tim Gans/Carson Zilmer/Abraham Montano/Charlie Eberle/Shiyazh Pete/Ethan Singleton/Cooper Sheehan/Pierce Humpich/Jaden Robinson/Trevor Stephens/Louie Canepa/BJ Tolo/Ishmael Aceves/Naeten Mitchell/Hunter Talley/Kordell David/Sone Aupiu/Jeff Davison/Buddha Peleti/Jaxon Heil/AJ Vaipulu/Bryant Jackson/Jai Rodriquez/Josiah Charles/Allen Ortiz/Kai Wheeler/Quincy Davis/Jalen Brown/Elijah Thomas/Mason Graham/Josiah Cox/Adam Parks/Gabe Jones/Jordan Smith/Dakerric Hobbs/Da'Marcus Crosby/Shamarr Jackson/Noah Triplett/Isaiah Abeyta/David Barela/Tayden Barnes/Jayden Bell/Paul Cieremans/Donovan Faupel/Dailan Goodman/Freddy Joya/Jerry Lydiatt/Colt Mangino/Tyler Martinez/Angel Munoz/Isaiah Rudison/Siddeeq Shabazz/Kaden Trevino/Jabril White/Dylan Post/Zechariah Rodriguez-Brown/Mateo Rodriguez/Jakobe Campbell/Jahrique Lowe/DaMarco Moorer/Brandon Nunez/Parker Awad/Rontravious Perry/TJ Pride/Desmin Hatfield-Rushton/Ethan Wood/Lanar Kelley Jr./Roscoe Burton/Derek Burns/John Dublin/Enzo-Pierre Tayou/Noah Armijo/Ta'Avili Tuitama/Nathan Garcia/Dillon Pacheco/Jasaiah Baca/Hayden Harlan/Elijah Harvey/Jake Waltman/Izeyah Wright/Max Dean/Nikalas Theisler/Cole Schnettgoecke/Henry Davis III/Malaki Ta'ase/Liko Johnson
18%
American Athletic South Florida Cameron Campbell/Rashad Cheney/Michael Brown-Stephens/Kelley Joiner/Caqavouis Berryhill/DJ Gordon IV/Jamie Pettway/Jason Vaughn/Rico Watson III/Derek Bowman/Zane Herring/Abdur-Rahmaan Yaseen/Aamaris Brown/Nay'Quan Wright/Immanuel Hickman/D.J. Harris/K'Wan Powell/Jaden Alexis/Christian Helms/Sean Atkins/Payten Singletary/D'Marco Augustin/Ta'Ron Keith/Mike Lofton/Mac Harris/Ben Knox/Decarius Hawthorne/Jack Wilty/Josh Hardeman/Gunnar Greenwald/Langston Long/De'Shawn Rucker/Jaelen Stokes/Weston Wolff/Andrew Stokes/Bernard Gooden/Andrew Kilfoyl/John Cannon/Yasias Young/Cole Best/RJ Perry/Naiem Simmons/Bryce Archie/Kajuan Banks/Cade Roberts/Luke Rucker/Garrett Cates/Doug Blue-Eli/Byrum Brown/Amer Amer/Reggie Johnson II/Gannon Lanning/Lewai Mitchell/Ryan Bolduc/Tavin Ward/Jacquez Williams/Hayden Zepp/Jaylen Johnson/Israel Carter/Tawfiq Byard/James Jenkins/JeyQuan Smith/Jarvis Lee/Fin Jones/Cole Skinner/Jonathan Echols/Dinellson Exume/Fred Gaskin/Zavier Hamilton/Rodney Hill/Brandon Winton/Marcelis Tate/Jhalyn Shuler/Brent Austin/Colin Affleck/Cameron Cobb/Chad Elder/Danny Gonzalez/Pierse Stainton/Michael Williams II/Nikola Milovac/Evan Dangler/Wyatt Stiehl/Trey Dubuc/Keshaun Singleton/Tyree Kelly/Arkese Parks/Chenellson Exume/Teriyan Morman/Jahari Grant/Joshua Porter/Ryan Jenkins/James Chenault/Deylen Platt/Ashton Mosley/Tyreek Major/Ira Singleton/Nico Gramatica/Jair Murphy/Deonte Bowie/Kenny Walker/Ty Ippolito/Greg Otten/Kody Black/Ranod Smith/Matthew Myles/Jayden Davis/Jermaine Dalias/Devon Byrd/Nykahi Davenport/Braden Carter/Levi Smiley/Alvon Isaac/Eli Hiscock/TJ Lawrence/Daron Jean/Griffin Gisotti/AJ Howard/George Brown IV/Cooper Evans/William Mackinnon/Ryan Johnson/Easton Bonnett/Bowen Drewes/Samuel Clerjuste/D'Wayne Bain/Braden Chisholm/EJ Jerger/Jhalyn Shulet/Reggie Johnson/Jhalyn Shuler/Fred Gaskins/Reggie Johnson Ii
17%
Big 12 Baylor Colin Truett/Dequan Finn/Steve Linton/Treven Ma'ae/Garmon Randolph/Dominic Richardson/Lorando Johnson/Gavin Byers/Chateau Reed/Ketron Jackson Jr./JaQues Evans/Sawyer Robertson/Brooks Miller/Matt Jones/Michael Trigg/Kendrick Simpkins/Tonga Lolohea/Devin Lemear/Rara Dillworth/Jamaal Bell/Cameron Bonner/Tevin Williams III/Cooper Lanz/Kaian Roberts-Day/Josh White/Caleb James/Ryan Lengyel/Isaiah Dunson/Caleb Parker/Alvin Ebosele/Kelsey Johnson/Monaray Baldwin/Carmello Jones/Cody Mladenka/Campbell Barrington/Coleton Price/Kyler Jordan/Devyn Bobby/Brayson McHenry/Richard Reese/Kaden Sieracki/Jack Stone/Corey Gordon Jr./Corey Kelly/D.K. Kalu/Isaiah Robinson/Colton Thomasson/Trey Wilson/Elinus Noel III/Reggie Bush II/Sidney Fugar/Hal Presley/Jonah Burton/Josh Cameron/Garrison Grimes/Gavin Yates/Prince Ugoh/Jaden Maronen/Michael Mastrodicasa/Isaiah Hankins/Ashtyn Hawkins/Hawkins Polley/Devonte Tezino/Micah Gifford/Caden Jenkins/Wes Tucker/Matthew Klopfenstein/Dawson Pendergrass/Cameren Jenkins/Bryson Washington/Trent Thomas/Carl Williams IV/Sean Thompkins/LeVar Thornton Jr./Palmer Williams/Mason Dossett/Jadon Porter/Michael Allen/Jackie Marshall/Jeremy Evans/Brendan Bett/Omar Aigbedion/Keaton Thomas/Kris Wokomah/Koltin Sieracki/Brock Jackson/Nate Bennett/Alex Foster/Josh Lair/Joseph Dodds/Kyland Reed/MJ Artmore Jr./David Marshall Jr./Connor Hawkins/Kyler Beaty/Cade Tessier/DJ Coleman/Tay'Shawn Wilson/Jacob Redding/Dylan Schaub/Trey Laurence/Cayden Tone/Hayden Arnold/Seth Weller/Joseph Hagman/Jackson Baird/Daniel Edeni/Ronnie Mageo/Wyatt Swaner/Caden Boenig
17%
Mid-American Bowling Green Connor Bazelak/Ian Drummond/Darius McClendon/Avi McGary/Dontrez Brown/Brock Horne/Ali Saad/Trent Simms/Baron May/Billie Roberts/Levi Gazarek/Alex Wollschlaeger/Todd Bumphis/Terion Stewart/PaSean Wimberly/Patrick Day/Charles Rosser/Camden Orth/Jacorey Benjamin/Jordan Oladokun/Tunde Fatukasi/Anthony Hawkins/Jaison Patterson/Dierre Kelly/Donny Stephens/Alex Padgett/RJ Garcia II/Evan Branch-Haynes/Nate Pabst/Jamal Johnson/CJ Brown/Jake Burns/Malcolm Johnson Jr./Chris Williams/Jordan Porter/Demetrius Hardamon/Nick Reimer/Jalen Burton/Cade Zimmerly/Davonte Miles/Joseph Sipp Jr./Justin Eklund/Dom Grguric/Darius Lorfils/Blane Cleaver/George Carlson/Victor Vazquez/Finn Hogan/Zach Long/Alan Anaya/Trey Johnson/Shawn Thigpen/Jabari Mitchell/Tracy Revels/Alijah Williams/Brody Bolyn/Dayln White/Bam Booker/Chace Davis/Ethan Warner/Harold Fannin Jr./Justin Pegues/Edward Rhambo/Rahkeem Smith/Myles Bradley/Darius Gaddy/Devin Taborn/David Afogho/Jacob Harris/Jackson Kleather/James Thomas Jr./Martreece Dillard/Mar'Kel Porter/Elijah Boyd/Lucian Anderson III/Jaylon Tillman/Dillon Robinson/Joe Shimko/Bryce DeFalco/Chris Edmonds/Jace Henry/Cynceir McNeal/Jared Merk/Coleman Teasdale/Ian van der Merwe/Quillan Jimenez/Travis Kenner/Elias Owens/Caleb Goodloe/D'Kyah Banks/Rico Steele/TJ Nelson/Dorian Pringle/Winn Sharp/Eli Jacon-Duffy/Caden Campbell/Jaden Copening/Alex Harris/Isaac Hill/Malik Moses/Kal-El Pascal/Cameron Pettaway/Jonny Sorensen/John Henderson/Nakai Amachree/Henry Reifschneider/Josira Andrews/Ocean Brabbs/Pierce St Geme
17%
American Athletic East Carolina Dustyn Hall/Casey Kelly/Jaden McKenzie/Parker Moorer/Omar Rogers/Tyler Savage/Dameon Wilson/TyMir Brown/Jake Garcia/Dontavius Nash/Chad Stephens/Jordan Huff/Winston Wright Jr./Noah Holmes/Hampton Ergle/Alex Harper/Rahjai Harris/D'Anta Johnson/Andrew Wilson-Lamp/Kelan Robinson/Luke Larsen/Suirad Ware/Jasiyah Robinson/Ryheem Craig/Anthony Smith/Kerry King/Elijah Morris/Jacob Sacra/Mike Edwards III/Marlon Gunn Jr./Katin Houser/Zakye Barker/Brock Spalding/J.D. Lampley/CJ Mims/Javious Bond/Ayden Duncanson/Malik Leverett/Jhari Patterson/Josh Murphy/Kingston McKinstry/Devon King/Zion Wilson/Isaiah Brown-Murray/Karson Jones/Jayson Tarpeh/Darius Bell/Javion Clark/Gavin Gibson/Samuel Dankah/Chase Sowell/Raheim Jeter/London Montgomery/Jayvontay Conner/Greg Turner III/Kameron Durant/Bryce Weaver/Julien Davis/Kieran Davis/Demoris Jenkins/TJ Engleman/Bryson Harrison/Gage Reale/Andrew Conrad/Trenton Cloud/Noah Perez/Jackson Barker/Josh Benton/Preston Carr/Blue Coleman/Trey Hardison/CJ Armstrong/Emmanuel Poku/Shavon Revel Jr./Shane Perry/Melvin Jacobs/Kamaurri McKinley/Marleo Neolien/Jimarion McCrimon/Daylyn Diston/Nick Slogik/Kenny Walz/Javon Williams/DeMarius Hines/O'Marion Lewis/Dillon Lorick/Jyron Waiters/Eric Fletcher/Kevon Merrell/William Coats/Yannick Smith/Samuel Riddy Jr./Ja'Marley Riddle/McCallum Wright/Timothy Patterson/Adam Cole/DJ Johnson Jr./Tripp Smith/Mason Brown/No'Tavien Green/Ajani Farmer/Jake Crocker/Desirrio Riles/Ryan Stephens/Carson Parker/Logan Wright/Shaikh Thompson/Zack Boehly/Torin Brazell/Keyshawn Jackson/Luke Holmes/Quay Jones/John David Black/Jah'Cire Jones/DaMari Gantt/Jason Dickerson/Jurnee Lattimore/Tomas O'Halloran/Jayden Olden/Tate Smith/Amarie Archer/Cohen Ezzell/Ty Johnson/Alex Moye/Miles Parker/Everett Scott/Ethan Stumpf/Britt Glover/Cole Walker
17%
Conference USA Jacksonville State Dylan Brown/Clay Webb/Ricky Samuel/Kenney Solomon II/Brannon Spector/Curley Young Jr./Tyler Bride/Jack Dawson/Tee Denson/Logan Smothers/Morven Joseph/Corbet Mims/Cam Jones/Samario Rudolph/Sean Brown/Laletia Hale/Antonio Carter/Tyler Huff/Jayvin Little/P.J. Wells/Tar'Varish Dawson/Dallan Wright/Zion Turner/Pat Taylor/Gharin Stansbury/Fred Davis/Collin Westfelt/Marco Baker/Ron Wiggins/J-Rock Swain/Will O'Steen/Austin Ambush/Michael Pettway/Te'Sean Smoot/Malcolm Jones/Reginald Hughes/Derek Carter/Pearson Baldwin/Cole Fuller/Brock Rechsteiner/Andrew Paul/Jordan McCants/Jibreel Al-Amin/Jacob Barrick/Jumarion Larry/Keyon Clark/Jabari Mack/Fred Perry/Brock Robey/Carter Lambert/Ky'won McCray/Anwar Lewis/Cade Backe/Nick Covington/Jaleel Birdsong/Luke Hogan/Cai Mayowa/Julio Macias/Tre Stewart/Demarcus Lacey/Dajwon DeLoach/Caden Creel/Daveion Harley/Maddox Sunderman/Aidan Thompson/Geimere Latimer/Jarod Bowie/Zechariah Poyser/Cam Vaughn/Travis Franklin Jr./Garrison Rippa/Nate Zills/Keith Christein/Walker O'Steen/Shane Payton Hodges/Dee Newsome/Tae Floyd/Cameron Griffin/K.D. Arnold/Marvin Lee/Colton Pitchford/Aghogho Eyafe/Jackson Veasy/Darrell Prater/Anthony Benjamin/Tom Hadary/Micah McCarroll/Cole Roberson/Nate Smith/Ty Waymon/Reggie Jackson/Justus Savage/Marc Woods/Jeremiah Colbert/Amare Grayson/Zedric Washington/Wyatt Sonderman/AJ Watkins/Daylan Martin/Jayke Jones/Andre Devine/Jamal Siler/Greg Jones/Khristian Lando/Jalen Likely/Brice McKenzie/Santonio Jones/Chase Alexander/Walter Reddick/Kyler McGrinn/Thaxton Gallagher/Lucas Mrachkovskiy/Joel Bowen/Jaedon Hill/Ryland Bragg/Shaun Martin/KD Small/Hunter Otwell/Alex Moore/Jaxon Shuttlesworth/Talan Carter/Jawaun Campbell/Emmanuel Oybadejo/Samario Rudolph/Antonio Carter Ii/Fred Davis Ii
17%
Big 12 BYU Gerry Bohanon/Marque Collins/Isaiah Bagnah/Ethan Slade/Choe Bryant-Strother/Micah Harper/Kody Epps/Brayden Keim/Ben Bywater/Keanu Hill/Enoch Nawahine/Petey Tuipulotu/Logan Lutui/Keelan Marion/Tyler Batty/Mason Fakahua/Jakob Robinson/Miles Davis/Crew Wakley/Connor Pay/Hinckley Ropati/Treyson Bourguet/Weylin Lapuaho/Austin Leausa/Sione Moa/Talan Alfrey/Ethan Erickson/John Nelson/Chase Roberts/Nuuletau Sellesin/Mata'ava Ta'ase/Trevin Ostler/Jackson Bowers/Blake Mangelson/Tanner Wall/Sam Dawe/Jack Kelly/Jake Eichorn/Tyler Little/Joshua Singh/Will Ferrin/Caleb Etienne/Parker Kingston/Aisea Moa/Harrison Taggart/Siale Esera/Sam Vander Haar/Evan Johnson/LJ Martin/McCae Hillstead/Miles Hall/Dallin Johnson/Isaiah Glasker/Dalton Riggs/Sonny Makasini/Bruce Mitchell/Darius Lassiter/Malae Tanuvasa/Tei Nacua/Mory Bamba/Chika Ebunoha/Preston Rex/Bodie Schoonover/Anthony Olsen/Jonathan Kabeya/Ryner Swanson/Ikinasio Tupou/Noah Lugo/Therrian Alexander/Faletau Satuala/Tommy Prassas/Jake Retzlaff/Cole Hagen/Ace Kaufusi/Marcus McKenzie/Jayden Dunlap/Raider Damuni/Maika Kaufusi/Landon Rehkow/Nason Coleman/Lucky Finau/Jake Griffin/Kaden Chidester/Koa Eldredge/Matthias Dunn/Isaiah Jatta/Jojo Phillips/Kevin Doe/Ray Paulo/Weston Jones/David Latu/Marquis Montgomery/Matthias Leach/Cannon Skidmore/Ephraim Asiata/Kini Fonohema/Joe Brown/Cody Hagen/Pokaiaua Haunga/Ty West/Jovesa Damuni/Rowan Reay/Will Zundel/Dallin Havea/Jarinn Kalama/Carson Tujague/Payton VanSteenkiste/Viliami Po'uha/Nathan Hoke/David Clifford/Orion Maile-Kaufusi/Jackson Nelson/John Taumoepeau/Sione Hingano/Trevor Pay/Noah Moeaki/Weston Covey/Prince Zombo/Dominique McKenzie/Luke To'omalatai/Iosefa Letuli/Sani Tuala/Sione I Moa/Luke Toomalatai/Koa Eldridge
17%
American Athletic UAB Jacob Zeno/LeDarrius Cox/Desmond Little/Terrell McDonald/Yusuf Terry/Lee Witherspoon/Colby Dempsey/Kevin Penn/Armoni Goodwin/Brandon Buckhaulter/Isaiah Jacobs/Calib Perez/Jalen Kitna/DJ Jones/OC Brothers/Ray Thornton III/Troy Jakubec/Trey Bedosky/Brady Wilson/Zaire Flournoy/JonDarius Morgan/Jack Nickel/Malachi Holt-Bennett/Sirad Bryant/Demarcus Smith/Harrison Barker/Tyjon Jones/Kendall Johnson/Derrick Shepard Jr./Baron Franks II/Tennyson Hadfield/Antavious Woody/Landry Lyddy/Tariq Watson/Daniel Harris/Everett Roussaw Jr./Emmanuel Waller/Patrick Foley/Ryan Gunter/Skyler Trawick/Keon Handley Jr./Mike Crawford/T'sai McDaniel/Charlie Goode/Jason Riles Jr./Adam Lepkowski/Connor Harby/Matthew Craig/Ryan Peppins/Bryce Damous/Donald Lee/James Smyre/J.C. Sivley/Iverson Hooks/Eamon Smalls/Ricky Lee III/Ezra Odinjor/Delano Townsend/Amare Thomas/Chris Bracy/Adrian Posse/Barry Walker/Trace Campbell/Jax Van Zandt/Trey Miles/Nasir Bashir/Quez Yates/Dallas Payne/Joker Gill/AJ Brown/Brandon Franklin/Aron Marsch/Joshua Jackson/Adrian Maddox/Lee Beebe Jr./Michael Moore/Jordan Hall/Kam Shanks/Jaylyn Ferguson/Jonathan Allen/Mason Chorak/Corri Milliner/Logan Moore/Nacari Johnson/Kyle Mosley/Jaden Ligon/Carter Putt/Brandon Hawkins Jr./Jonah Delange/Kyle McKinney/Miquon Merriweather/Joshua Rubin/Dylan Wroblewski/Kelvin Hill/Antavious Elder/Tylan McNichols/Caleb Moser/J'Quan Mason/Kade Martin/Myles Cook/Chris Burge/Tyderick Brown/Nate Rogers/Cam Jennings/Eddy Toussom/Dylan Peterson/Solomon Beebe/Amari Brundidge/Love Kirby/Deion Gunn/Brayden Johnson/Roy Williams/Wyatt Martin/Phillip Davison Jr./Jacoby Bridges/Xavier Daisy/Lamar White/Skylar Townsend/Jacob Thompson
17%
American Athletic Memphis Jyaire Shorter/Julian Barnett/Derick Hunter Jr./Devin Baldwin/CorMontae Hamilton/Patrick Lucas Jr./Darryl Minor Jr./Jaylen Nichols/AJ Watts/Demeer Blankumsee/An'Darius Coffey/Javon Denis/Adarious Jones/Anthony Landphere/Tristian Vandenberg/Xavier Hill/Cullen Montgomery/Roc Taylor/Calvin McMillian/Keveion'ta Spears/Kobee Minor/Trent Holler/Cameron Miller/Davion Ross/Jaidyn Denis/Jonah Gambill/Mitchell Gildehaus/Bryce Edmondson/Tyrin Taylor/Seth Henigan/Keydrell Lewis/Vic Alobwede/Greg Rubin/Joshua White/Jordan Grier/Brandon Thomas/Tim Marmino/Koby Drake/Colby Cox/Joshua Sloan/Greg Desrosiers Jr./Reggie Grimes/Chandler Martin/Matt Hudson/Kourtlan Marsh/Chris Adams/William Whitlow Jr./Elijah Herring/Caden Costa/Tahj Ra-El/Sutton Smith/Kyndall McKenzie/Karmelo Overton/Christian Ross/Jack Greer/Braunson White/AJ Odom/Cade Cunningham/Rodney Dansby/Ja'Koby Banks/Javante Mackey/Jamari Hawkins/MarJayvious Moss/Tyson Edwards/Chalil Cummings/Malachi Breland/William Stewart/Tanner Gillis/Jayden Marable/Donovan Nevils/Parker Peterson/Isaiah Thomison/Marcus Lee Jr./DJ Bell/Donovan Mathena/Timothy Toney/Tylon Nash/Jayden Flaker/Shawn Pepp Jr./Keonde Henry/Jorhdan Brown/Jordan Bell/Taccofah Lewis/Kobe Williams/Kavion Benton/Arrington Maiden/Makari Bodiford/Brady Kluse/Jalen Charles/Marcello Bussey/Harris Boyd/Jamauri Chislom/Brendan Doyle/Landon Carter/Matt Dean/Jacob Gray/Charlie Harrell/Justin Hughes/Andrew Martin/Mario Anderson/Kamore Harris/Bryce Dorsey/Jonathan Zarut/Khyair Spain/Nate Thomason/Will French/Ethan Wilder/Mond Cole/Andrew Cornell-Laird/Samson Israel/Mario Robinson Jr./Markese Williams/Brett Karhu/Max Walenta/Ian Rembert/Cameron Pascal/Jonathan Young/Hunter Hale/Darien Bell/Oliver Castaneda/Gabriel Cepicky/Jon Hulbert/Jacory Johnson/Luke Logan/Trey Lubin/Jamariez Robinson/Spencer Sullins/Ben Turner/Mario Anderson Jr.
17%
Mid-American Ball State Luke Dalton/Jon Mucciolo/George Udo/Damon Kaylor/Qian Magwood/Kiael Kelly/Caden Johnson/Chris Hood/Nathan Reichert/Keionte Newson/Tucker Dunn/Brian Cooey Jr./Kyran Montgomery/Kevin Meeder/Khalib Gilmore/Ethan Crowe/Drew Hughes/Joey Stemler/DD Snyder/Brandon Berger/Thailand Baldwin/Ty Robinson/Charlie Spegal/Tyce Ferrell/Vaughn Pemberton/Zavier Simpson/Chase Harrison/Jeffrey Simmons/Dakari Frazier/DeJuan Echoles Jr./Danny Royster/Cam Pickett/Max Sullivan/Taran Tyo/Maximus Webster/L'Cier Luter/Braedon Sloan/Jordan Coleman/Blair Schonhorst/Jack Beebe/Jackson Wiegold/Jahmad Harmon/Nick Munson/Colin Blazek/Tanner Koziol/Nick Presley/Christian Davis/Rob Fogler/Ben Marsh/Christian Abney/Derek Fields/TJ Horton/Eli Freeman/Isaac Lucas/Isaiah Thacker/Elijah Davis/R.J. Mukes III/Myles Norwood/Justin Bowick/Yaser Al-Awadi/Caden Britton/Jackson Constantine/Carson Holmer/Jalon Jones/Aidan Leffler/Cole Mosier/Dahya Patel/Tristan Cook/Kadin Semonza/Trey Firestone/Drew Harper/Darin Conley/Cody Smith/Zach Bandy/Ty Curran/Dantu Gardner Jr./Arkel Anugwom/Malcolm Gillie/Preston Ross/AJ Taylor/Leo Collins/Jackson Courville/Cole Earlewine/Ethan Evers/Eli Hohlt/Khani McNeese/Austin Payton/Jackson Ruess/Cody Mikulich/Kameron Anthony/Dion Smith II/Jordan Suggs/Jalen Alexander/Jordan Davis/Sam Feeney/Micah Lillard/Eric McClain/Layton Starks/Willizhuan Yates/Bodie Derrer/Jamarion McDougle/Kaiden Bond/Russell Peterson/Ayden Ewing/Jayden Bernavil/Riley Tolsma/Hayden Summers/Justin Thomas/Drew Elliott/CJ Lizza/Grant Haworth/Lane King/Eli Edwards/Cole Stumbaugh/Scott Hudson/Hunter Sanderson/Hunter Liszka/Brady Wolf
17%
Mid-American Kent State Matt Harmon/Tristen Bittner/Nicholas Giacolone/Hayden Junker/Stanley King/Ky Thomas/Jaylen Dotson/Luke Floriea/Naim Muhammad/Mattheus Carroll/Tony Georges/Cameron Golden/Terrell Miller/Malcolm Folk/Alex Branch/Kevin Toth/Ali Fisher/Jimto Obidegwu/Devin Kargman/Josh Smith/Antoine Campbell Jr./Sebastian Brown/Charlie Skehan/Xavier Cokley/Nikolai Bujnowski/J.B. Awolowo/Khalib Johns/Dallas Branch/Gavin Garcia/Chrishon McCray/Garrett Masterson/Andrew Glass/Gus Goodell/Tyler Bivens/Mason Woods/John Jackson/Mason Maddox/Oliver Billotte/Kameron Olds/Canaan Williams/Josh Baka/Stephen Daley/Mohammed Hazime/Dustyn Morell/Charlie Durkin/Will Hryszko/Ardell Banks/Andrew Page/Joel Boamah/Marques Hicks/Keenan Landry/Tommy Ulatowski/Rocco Nicholl/Preston Taylor/Hunter Hopperton/Bryce Sisak/Chris Farrell/Kaden Beatty/JD Sherrod/Dash Dorsey/Dru DeShields/Jared Kelley/Peyton Faulkner/Jahzae Kimbrough/Tevin Tucker/Dakota Taylor/Ayden Harris/Jaire Rawlison/Josue Cordoba/Wayne Harris/Nylan Brown/Troy Martin/Daeveon Buie/CJ Young/Sayed Abuhamdeh/Bryce Faulk/Braylon Smith/Damari Williams/Cecil Wilson/Curtis Douglas/Nick Cuva/Joel Miasek/Aaron Hopkins/Brodyn Bishop/Cade Wolford/Jayden Studio/Martell Buchanan/Preston Hopperton/Garrett Dial/Tommy Newcomb/Jett Hilding/Conner Muldowney/Lavell Gibson/Armahn Hale/Zadan Abuhamdeh/Lesae Lacks/Nathan Tager/Jay Jay Etheridge/Noah Earley/Robert Atha/Antonio Bottiggi/Aiden Burgess/Jaxson Dunn/Joseph Federer/Micquan Gravely/Dashawn Martin/Lem Reynolds/Clinton Robinson/Jaihien Roy/Ruel Tomlinson/Elijah Williams/Zaid Hamdan/Zaid Hamden/Aj Campbell
17%
Sun Belt Appalachian State Myles Farmer/Michael Fletcher/Brendan Harrington/Christian Johnstone/Thomas Shrader/Eli Wilson/Andres Dewerk/Jack Hollifield/Ahmani Marshall/Thornton Gentry/Seth Robertson/Ronald Clarke/Shawn Collins/Christan Horn/Conner Maynard/Markell Samuel/Jack Scroggs/Dalton Stroman/David Larkins/Anderson Castle/Garner Langlo/Jayden Ramsey/Billy Wiles/Thomas Davis/Jordan Favors/Jared Gibble/Caden Sullivan/Kyle Arnholt/Nick Campbell/Michael Hetzel/Dyvon McKinney/Michael Hughes/Santana Hopper/Elijah Mc-Cantos/Markus Clark/Griffin Scroggs/Derrell Farrar/Ethan Johnson/Josiah Wyatt/Zavier Short/DJ Burks/William Fowles/Grant Tucker/Kaedin Robinson/Brodrick Gooch/Maquel Haywood/Avarion Cole/Kanye Roberts/Michael Marotta/Kanen Hamlett/Luke Burgess/Jayden Bethea/Chris Lawson Jr./Ryan McKinnis/Cayden Sweatt/Max Drag/Zyeir Gamble/Colton Phares/David Hernandez/Reece Larson/Carter Greene/Carter Everett/Andre Hamilton/Cole Becker/Jake Ganoe/Orlando Leon/Kevin Abrams-Verwayne/Jalik Thomas/Joshua Donald/Cahari Haynes/Mitchell Lake/Makai Jackson/AJ Mebane/Jason Chambers/Ayden Burkey/Randy Marion III/Jaylon Calhoun/Jose Leon/DeNigel Cooper/Kaleb Neal/Dylan Barbrey/Anthony Rosier/JT Sowell/Gabe Funk/Bucci Farmer/Felix Doege/Matthew Wilson/Kai Fernandes/Jackson Bussey/Nick Taylor/Khamani Alexander/Trey Lenhardt/Tyshawn Sanders/Bryce Gee/Joey Aguilar/Trenton Yowe/Nate Johnson/Blake Bradford/Zahn Coakley/Daniel Davis/Michael Dipasquale/Cameron Estep/Jason Hertz/Isaiah McGuffin/Cash McVay/Ethan Ryan/Danny Stevens/Braxton Veiga/Montez Kelley/Jackson Moore/Luke Hale/Jack Kelly/Franklin Baret Jr./DaRon Wilson/Blake Hoban/Ashton Parker/Luke Lair/Jackson Briley/Gabriel Simpkins/Austin Hobson
17%
American Athletic Navy Regis Velez/Luke Pirris/Dashaun Peele/Rayuan Lane III/Amin Hassan/Mbiti Williams Jr./Marcus Bleazard/Kroy Myers/Logan Point/Turner Stepp/Thomas Scully/Kyle Jacob/Colin Ramos/Daba Fofana/Brent Self/Trey Cummings/Connor McMahon/Javan Bouton/Michael Whitehouse/Creedyn Foulger/Jordan Sanders/Justin Reed/D.J. Donovan/Riley Riethman/Kellen Grave de Peralta/Nathan Kent/Blake Horvath/Cody Howard/Jaxson Campbell/Eli Heidenreich/Kenneth Hall/Andrew Duhart/Adam Walker II/Brandon Chatman/Stephen Glenn/Nicholas Bell/Shane Reynolds/Kenneth McShan/Kenzo Viteri/Alex Tecza/Peter Roll/Brady Wine/Ian Pourciau/Luke Molden/Kendall Whiteside/Ben Purvis/Harry Spencer/Elijah Oatsvall/Landon Robinson/Liam Barbee/Greyson Crawford/Braylon Green/Adam Klenk/Chreign LaFond/Tyler Narayan/Jake Lusk/Michael Mack/Dylan Spelios/James Perkins/Nathan Kirkwood/Alex McCalop/Arnel Heathington/Luke Hutchison/Braxton Woodson/Karson Lopati/Jack Skidmore/Drew Turner/Casey Smith/Marcel Gaskins/Trai Ferguson/TK Hodges/Greg Johnson II/JaSean McLean/Seth English/Tyler Bradley/Carson de Avila/Bryce Allen/Giuseppe Sessi/Conner Lessane/Luke Lawson/Nolan McCamy/Joshua Switzer/Kush'i Abraham/Gage Leonard/Ira Oniha/Job Grant/Noah Bull/Stefan Egbe/William Ingle/Matthew Seliga/Gavin Noe/Vic Listorti/Isaiah Bryant/Zarian Simms/Isaac Bunker/Caden Hooper/Roderick Olson/Michael Reemts/JaBrian Davis/Coleman Cauley/Terrence McCauley/Cam Nichols/Ikenna Ozurumba/Griffen Willis/Ben Reiland/Matt Reyes/Hoke Smith II/Justice Rider/Gavin Woods/Kendall Evans/Joshua Guerin/Tyler Edwards/Rayne Fry/Jake Norris/Lance Gossett/Michael Barrow/Myles Slade/Andre Gilbert Jr./Tre Jones/Jackson Gutierrez/Mikey Pearson II/Paul Lewis/Charles Robinson/Aaron Rose/Prosper Akanna/J.P. Doyle/Andersen Cardoza/Dallas Dunn/Chris Viveros/Maxwell Williams/Drew Hall/Jacob Carlson/Justin Bonsu/Noah Short/Nick Bell/Xavier Le Jeune/Jai Hundley/Aydin Woolfolk/Jaydn Jones/Justin Ross/Julius Person/Quinton Ezzard/Theo Elwell/Will Ross/Harry Beacham III/Phillip Hamilton/Wayne Pritts/Noah Beck/Will Miles/Matthew Appel/Andrew Fontana/Gabriel Berzins/Carmello Michel/Teddy Androus/Connor Heater/Sean Crowley/Eric Clark/MarcAnthony Parker/Fernando Baker/Karson Young/Toran Smith/Julian Moutome/Jaylin Acevedo/Braden MacDonald/Xavyer Arrington/TeMarques McNeal/Chris Herock/Aiden Lyczek/Justin Mondesir/Hansen Collie/Jake Polito/Daveon Jones/Benjamin Franklin/Jake Moore/Justin Coles/Henry Chartrand/Matthew Karpinsky/Dominic Purcell/Henry Rothwell/Jacob Asbeck/George Laster/Alex Andrade/Jackson Cude/Andrew McLaughlin/Jackson Runyan
17%
Mountain West Hawaii Spencer Curtis/Logan Taylor/Micah Mariteragi/Nalu Emerson/Luke Felix-Fualalo/Virdel Edwards II/JoJo Forest/Devyn King/Tamatoa Mokiao-Atimalala/Dekel Crowdus/Jamar Sekona/Wynden Ho'ohuli/Jonah Panoke/Cam Stone/Maurice Ta'ala/Lucas Borrow/Sergio Muasau/Kuao Peihopa/Fabian Ross/Steven McBride/Patrick Hisatake/Kilinahe Mendiola-Jensen/Elijah Robinson/Jake Farrell/Koali Nishigaya/Ezra Evaimalo/Ben Falck/Meki Pei/Brayden Schager/Tariq Jones/Dion Washington/Zhen Sotelo/Caleb Brown/Devon Tauaefa/Oakie Salave'a/Cam Barfield/Kona Moore/Solomon Landrum/Anthony Sagapolutele/Landon Sims/David Cordero/Kamalu DeBlake/Ka'ena Decambra/Karsyn Pupunu/Ethan Spencer/Caleb Freeman/Malachi Finau/Tylan Hines/Dean Briski/Elijah Palmer/John-Keawe Sagapolutele/Jamih Otis/Aiden McComber/Jalen Smith/Noah Kema/Cam Bell/Matagi Thompson/Derek Boyd II/Peter Manuma/Alex Perry/Pofele Ashlock/Nick Cenacle/Micah Alejado/Zoram Petelo/KT Carter/Makana Meyer/Maclane Watkins/Deliyon Freeman/Tristan Waiamau-Galindo/Nazaiah Caravallo/Tu'I Muti/Alika Cavaco-Amoy/Noah Wily/Justin Sinclair/Carlito Capanang Jr./Brandon Shah/Kimo Holo Holt-Mossman/Tasi Tadio/Lesterlaisene Lagafuaina/Tevita Loketi/Jackie Johnson III/Micah Kaonohi-Kaihenui/Jay Tauala-Harris/Riis Weber/Matthew Bailiff/Nick Delgadillo/Hunter Higham/Kai Kluth/Kansei Matsuzawa/James Milovale/Kea Rodrigues/Josh Sagapolutele/Daniel Williams/Travion Williams/Jaheim Wilson-Jones/Alvin Puefua/Jarvis Heimuli/Armando Lewis Jr./Boogie Henderson/Ezekiel Rodrigues/Jeremiah White/Vaifanua Peko/Tryton Keli'ikipi/Junior Fiaui/Kayde Mahuka/Sitani Mikaele/Jeremiah Wright/Kolo Kaululaau/Christian Vaughn/Noa Keohuloa/Christian Perry/Lautaimi Manuma/Ismail Ganley/Isaac Maugaleoo/Judah Kaio/Blaze Kamoku/Tama Uiliata/Josiah Fetui/Ha'aheo Dela Cruz/Jordon Crawford/Nick Pang/Kellen Robins-Beers
17%
Mountain West Nevada Spencer Lovell/Zach Beagle/Sean Dollars/Kaleo Neves/Brendon Lewis/Patrick Garwo III/Henry Ikahihifo/Frank Poso/Kitan Crawford/Chubba Purdy/Kaden Johnson/Hunter Kaupiko/Nathaneal Floyd/Devin Gunter/Jackson LaDuke/Caine Savage/Marcus Bellon/Jaden Smith/Nick Barcelos/Tongiaki Mateialona/Gerick Robinson/Andrew Madrigal/Matthew Killam/Adam Weynand/Thomas Witte/Deston Hawkins/Savion Red/Aedan Seiuli/Jace Henry/Kai Arneson/Baylor Horning/Rory Morgan/Kristopher Ross/Drue Watts/Charles Brown/AJ Bianco/Malcolm McClure/Jakobus Seth/Ky Woods/Ashton Hayes/Chris Smalley/Chad Brown/Hezekiah Anahu-Ambrosio/Andrew Savaiinaea/Ike Nnakenyi/Stone Combs/Jonathan Maldonado/Josiah Timoteo/Terrell Cooks Jr./Snoop Leota-Amaama/Cortez Braham Jr./Austin Harnetiaux/Keyshawn Cobb/Kitione Tau/Daijon Calimon/Marquis Ashley/Kola Babalola/KK Meier/Josh Grabowski/Isaiah World/Cameron Zeidler/Mackavelli Malotumau/Marshaun Brown/Nate Burleson II/RJ Esmon/Bishop Turner/LeVar Talley/Dominik Ball/Zaiden Wallace/Jackson Barton/Donoven DeRicco/Elijah Acklin/Oliver Stuart/Andoni Fesenmaier/John Bolles/Jayden O'Rourke/Tanner Vaughan/Caleb Ramseur/Tyler Miller/Michael Coats Jr./Tooni Ikahihifo Jr./Tori Daffin/Tyson Ruffins/Jayden LaGrone/Luke Farr/Anthony Wolter/Hayden George/Guy Gillespie/Henry Sellards/Nehemiah Burleson/Anthony Grigsby Jr./Denon Fagan/Bryson Parker/Dylan Labarbera/Tyler Manship/Eli Gilmour/Nelson Ropati/Jason Douglas Jr./Caleb Lathan/Ethan Lowell/Aiden Kehm/Trace Estes/Cameron Cooke/Carter Eck/Talan Partch/Kian Afrookhteh/David Paine Jr./Chris Champion/Zion Jones
17%
Mountain West Utah State Spencer Petras/Wyatt Bowles/Colby Bowman/Blaine Spires/Jaiden Francois/Braden Siri/Avante Dickerson/Clyde Washington/Torren Union/Kyrese White/Jacob Garcia/Cole Joyce/Ioholani Raass/Ike Larsen/Stephen Kotsanlee/Broc Lane/Josh Sterzer/Macyo Williams/Miguel Jackson/George Maile/Davon Graham II/Cole Motes/Falepule Alo/Elliott Nimrod/Gabriel Iniguez Jr./Micah Davis/Jordan Vincent/Bryson Barnes/Tanner Cragun/John Miller/Jacob Conover/Jadon Pearson/Grant Page/Lawrence Falatea/Seni Tuiaki/Otto Tia/Simeon Harris/Chase Tuatagaloa/Bryce Radford/Robert Briggs Jr./Trey Andersen/Bo Maile/Max Alford/Enoka Migao/Jack Hestera/Jon Ross Maye/JD Drew/Elia Migao/Gabe Peterson/Jr Sia/CJ Tiller/Ricky Lolohea/Jackson Olsen/Chase Davis/Bronson Olevao Jr./Omari Okeke/Ryan Marks/Tavo Motu'apuaka/Teague Andersen/Adam Pond/Quentin Riley/Jalen Royals/Logan Pili/Will Monney/Kadiyon Sweat/Tanner Williams/Zion Andreasen/Kahanu Davis/Corbin Cottle/Teeg Slone/K'leyone Iosua/Cian Slone/Rahsul Faison/Noah Flores/Alexander McDougall/Aloali'i Maui/Jarvis Griffiths/Cole Keele/Cole Christensen/Bryan Vogl/Grayson Brousseau/Tate Kjar/Camden Jury/Robert Freeman IV/Marlin Dean/EJ Fisk/Terrell Taylor/Mason Edwards/Courage Ugo/Nathan Wright/Jacob Regen/Jonathan Baird/Carl Nesmith/William Holmes/Noah Wright/Manase Tupou/Isaiah Bruce/Nick Floyd/Derrick Jameson/Gio Kafentzis/Tre Kofe/Malik McConico/Herschel Turner/Collin Vaughn/Braydon Bailey/Levi Manning/Caysen Whittaker
17%
Sun Belt Coastal Carolina Will Whitson/Zovon Lindsay/Nino Mastromatteo/Keontae Jenkins/Clinton Anokwuru/Kendall Karr/Cane Berrong/AJ Williams/Juan Powell/Malick Meiga/Tyler Wagner/Shane Bruce/Braylon Ryan/Sawyer Goram-Welch/Xamarion Gordon/Emmanuel Johnson/Braydon Bennett/Tobias Fletcher/Simeon Price/Max Balthazar/Dre Pinckney/Matthew McDoom/Noah Kim/Donavan Manson/Courtney Eubanks/Deamontae Diggs/Kyre Duplessis/Jameson Tucker/Tray Brown/Avyonne Jones/Nick Del Grande/Ethan Vasko/Zach Courtney/Quan Peterson/Tad Hudson/Liam Gray/Joah Cash/Kade Hensley/Thomas Johnson/Anthony Walton/John Kirkpatrick/Mack West/Naejaun Barber/Zac Elam/Gavin Ransaw/Heston Edwards/Senika McKie/Christian Washington/Brooks Johnson/Cristian Conyer/Wyatt Gedeon/Clev Lubin/Nate Merchant/John Grant III/Frankie Richardson/Brayden Hall/Travis Nesbitt/Spencer Kishbaugh/Joseph Hanson/D'Marius Rucker/Julius Tate/Xakery Wiedner/Daniel Jones/Myles Woods/Jalen Harris/Logan Brasfield/Jacob Katauskas/Zach Cody/Ja'Vin Simpkins/Bryson Graves/Abraham Temoney III/Darren Lloyd/Javon Gillespie/Joshua Saddler/Cameron Avery/Jayden Jackson/Farradj Titikpina/Nathan Thompson/Marlon Corey II/Nathan Schuessler/Will Whitson/Xavier Mcintyre/Zack Zandier/Chase Jackson/Geajorm Akpaloo/Jayden Bryant/Se'Von McDowell/Keenen Hatcher/Deondre Shepherd/Joseph Johnson/Kaden Glass/Paul Hartman/Tray Taylor/Jaitlin Hampton/DJ Moore/Andre Jones/Alex Walker/Cameron Wright/Antonio Molder II/Matt Pack Jr./Barry Brown/Chris Lake/Kadon Crawford/Blake Arnoult/Ibrahim Diawara/Bryant Ham/Gavin McLaughlin/Sam Ross/Jake Buerk/Brayson McIver/Michael Cogoni/Jamahdia Whitby/Connor Cmiel/Zachary Coleman/Jayden McClintock/Cohen Fuller/Justin Keller/Richie Aguilar/Emile Sebafundi/TrayVaughn Swanigan
17%
Independent Connecticut Jayden McDonald/Ezeriah Anderson/Dean Engram/Chase Lundt/Valentin Senn/Jayden Simon/Jack Stewart/Jevon Banks/Alfred Chea/Joseph Fagnano/Dal'Mont Gourdine/Tank Green/Kyle Juergens/TJ Sheffield/Julien Simon/Malik Dixon-Williams/Alexander Honig/Louis Hansen/Jack Barton/Jelani Stafford/Brett Buckman/Malik Thomas/Christopher Fortin/Nick Harris/Chris Freeman/Aaron Key/Tui Faumuina-Brown/Skyler Bell/Pryce Yates/Langston Hardy/Wes Hoeh/Kalen Villanueva/Mason Raymer/Kervins Choute/Cole Lakatos/Connor Stutz/Malcolm Bell/Jasaiah Gathings/Nick Evers/D'Mon Brinson/Donovan Branch/Isiah Davis/Malachi McLean/Shamar Porter/Victor Rosa/Stan Cross/John Bechtle/Danny Antolovich/Brady Wayburn/Durell Robinson/Kylish Hicks/Ben Murawski/Brandon Kelly/Toriyan Johnson/Cleto Chol/Jackson Harper/Tucker McDonald/Carsten Casady/Cam Chadwick/Cole Welliver/Jayden Bass/Jordan Wright/Zackary Drawdy/Cam Edwards/Lee Molette III/Matt Hoffman/Timothy Passmore Jr./Jarvarius Sims/Chris Hudson/Jarvis Jones/Toluwanimi Tunde/Logan Frederic/Nader Chirchi/Oumar Diomande/Kaleb Stewart/Brock Montgomery/Cooper Ackerman/Dominic Toy/Deron Mclaughlin/Clemens Richter/Jon Morris/Diego Rodriguez/Amir Renwick/Bryan Domino/Carter Boskovich/Frank Daniley/Chase Fountain/Daniel Shaban/Hayden Pegg/John Neider/Seth Turner/Zach Christinat/Jake Kiernan/Brady Fodor/Teddy Williams/Reggie Akles/Ethan Hogg/Terrence Smith/Oliver Lundberg-Coleman/Rante Jones/Mel Brown/Caleb Smith/Drew Buckley/Nathaniel Wallace-Dilling/James Larson/Bryce Anderson/Roberto Salas/Ed Entsiwah/Eddie Dresche/Finn Wilkins/Jayden Brown
15%
Mid-American Toledo Anthony Torres/Daniel Bolden/Kris Pechac/Darius Alexander/Cavon Butler/Lance Dixon/Allen Jones Jr./Jacquez Stuart/Mike Drennen II/Sevaughn Clark/Tucker Gleason/Deshawn Holt/Jerjuan Newton/Jaden Dottin/Maxen Hook/Jakob James/Martez Poynter/Ibrahim Traore/Travion Ford/Luke Pawlak/Justin Stephens/Jackson Barrow/D'Andre Ragin/Matthew Bailey/Michael Denning/Esean Carter/Thomas Zsiros/Damon Ollison II/Drew Beckenhaupt/Doran Ray Jr./Jeremiah Peters/Willie Shaw III/Don Munnerlyn/Larry Stephens/Lenny Kuhl/Rod Orr/Marcellus Crutchfield/Andre Fuller/Connor Jones/Nasir Bowers/Malachi Davis/Terrell Crosby Jr./Emmanuel McNeil-Warren/Junior Vandeross III/Kiel Eldridge/Jadarrius Perkins/Garrett Schwiebert/Eric Holley III/Blake Nelson/Anthony Dunn Jr./Carter Fouty/Sam Smith Jr./Grant Zimmerly/Laith Shamma/Braden Awls/Nicholas Thompson/Connor Walendzak/Zy'marion Lang/Kalieb Osborne/John Alan Richter/Avery Smith/Ethan Spoth/CJ Wilson Jr./Tashi Braceful/Zeke Blake/Chris D'Appolonia/Cole Rhett/Trey Szykowny/Stephen Gales/Brian Keane/Peyton Reasonover/Chase Riedel/Cooper Rusk/CC Ezirim/Donivon Thomas/Jediyah Willoughby/Tysen Smith/Jacob Kropchak/Hyajah Miller/Ibraheem Kamara/Matt Hofer/Landen Delich/Tyler McKinstry/Jake Grimm/Julian Allen/Jake DeHaan/Emilio Duran/Kaden Holmes/Tommy Huss/RJ Johnson III/Zach Potter/Liam Quigley/Jay'Quan Bostic/Bryson Hammer/Dylan Hohler/Eric Williams/Alek Winner/Colbyn Daniel/Carlos Hazelwood/Michael-Arinze Ezirim/Javon Brown/Javion Bostic/Spencer Conrad/Dylan Cunanan/Trae Gaston/Lucas Laroche/Dane Nauman/James Roe/Trey Whirley/Isaac Zay/Amare Garrett/K'Von Sherman/Sam Lee/Owen Gibbs/Maddox Marcotte/Josh Lee/Wayne Peart II/Andrew Sims/Pete Jarvis
13%
Mid-American Western Michigan Armani Adams/DaShon Bussell/Boone Bonnema/Tate Hallock/Keshawn King/Damari Roberson/Jack Sherwin/Addison West/Jacob Gideon/Chris Toudle/Jacob Wahlberg/Hayden Wolff/Kaevion Mack/Adam Vandervest/Rodney McGraw/Anthony Sambucci/Donald Willis/Luka Zurak/Quinn Murphy/Tedi Kushi/Kadinn Morris/Michael Gravely Jr./John Hofer/Tyson Lee/Zahir Abdus-Salaam/Jaden Nixon/Aaron Wofford/Mareyohn Hrabowski/Devaughn Mortimer/Popeye Williams/Nyquann Washington/Kenneth Womack/Domanick Moon/Calvin Muraski/Jelani Willis/Malique Dieudonne/Corey Walker/Dillon Moore/Mason Nelson/Caden Peddie/Cam Hedgecock/Blake Bosma/Peyton Doorhy/Chad Schuster/Ryan Raybuck/Jordin Parker/Jamal Hailey/August Johanningsmeier/Palmer Domschke/Trevor Shaw/RJ Todd/Brennan Wooten/Razah Townsend/Jack Parker/Tony Martin/Broc Lowry/Bilhal Kone/Mark Konecny/Willie Berris/Jalen Buckley/Will Gerig/Terence Marshall/Angelo Stockstill/Cale Allaire/Jayden Childers/Luke Zanotti/Dalton Gustwiller/Sid Kaba/Tre' Hartwell/Joey Pope/Joshua Lloyd/Jameson Young/Ryan Brotherton/Mason Reynolds/Huston Eubank/Carlos Mitchell Jr./Cameron Powell/Derek Pennington/Gavin Dabo/Lorenzo Williams Jr./Isaiah Green/Marcel Tyler/Anterio Thompson/Ryan Millmore/Mario Agyen/Corey Webb/Brendan Budeselich/Josh Franklin/Versie Walker III/Jalen Whittaker/Noah Bishop/Conor Kenzinger/Jeremy Schleicher/Najiib Anderson/CJ Miles Jr./La'Varis Stanford/Joshua Thoman/Jordan Buckley/Maddux Babin/Jayquan Reid/Isaiah Paul/JD Davis II/Braden Steely/Nathan Sines/Andrew Abu-Akel/Andrew Baker/Jake Chellman/Jacob Krause/Parker Lanning/JR Hays/Davis Barr/Nick Esposito/Bugs Mortimer
13%
Mountain West New Mexico Baraka Beckett/Noa Pola-Gates/De'jon Benton/Jahvante Royal/Ishmael Az-Zahir/Dominic Tatum/Tirek Austin-Cave/Randolph Kpai/Sol-Jay Maiava-Peters/Noah Avinger/Caleb Medford/Aaron Rodriguez/Ryan Davis/Nigel Williams/Garrison Walker/Gabriel Lopez/Pierre Kemeni Jr./Tavian Combs/Bryce Santana/Luke Wysong/Isaiah Sillemon/Tyler Kiehne/Eli Sanders/Ja'Shon Lowery/Shawn Miller/Richard Pearce/Cam Watts/Magnus Geers/Jer'Marques Bailey/Isaiah Chavez/Kyler Drake/Vincent Santos/Okiki Olorunfunmi/Trace Bruckler/Javen Jacobs/Travis Gray/Christian Ellis/Tevin Shaw/Devin Brandt-Epps/Andrew Henry/Michael Buckley/Max Elkman/Hunter Haemker/Bryson Taylor/Landon Williams/Hunter Wiggins/Jayden Wilson/Jaylen Morgan/Leonardo Gallegos/David Murphy/Jacob Webb/Luke Drzewiecki/Brendan Durkin/Antoineo Harris Jr./Moso'oipala Tuitele/Lajuan Owens/NaQuari Rogers/James Bailey/Blake Tabaracci/Jawaun Singletary/Evan Wysong/Justin Holaday/Charles Steinkamp/Rei Iwai/Tavien Ford/Xavier Van/McKenzie Agnello/Max Lantzsch/Lucas Lucero/Joe Ray Maez/Devon Dampier/Skylar Cook/Matthew Toilolo/Nic Trujillo/Edward Blacklock/Aaron Smith/Dimitri Johnson/Mihalis Santorineos/Everett Hunter/Wallace Unamba/Elvin Harris/Griffin Schureman/Dereck Moore/John Sierra/Sa'Kylee Woodard/Bobby Arnold III/Josh Perry/Hyrum Hatch/Malik Aliane/Niko Bohler/Colby Brewer/Elijah Brody/Mateo Contreras/Ryan Cook/Devin Costello/Terrell Davis/Kader Diop/Jackson Epes/Emery Floyd/Melaki Gutierrez/Matthew Lashley/James Laubstein/Javier Marquez/D'Sean Martinez/D'Angelo Mayes/Hyrum McCarter/Adrian Melesio/Keith Reddix/Nico Rivera/Drew Speech/Victor Villafuerte
13%
American Athletic Florida Atlantic Chris Tooley/Malcolm Lamar/Milan Tucker/Marlon Bradley/Federico Maranges/Andre Lamas/Desmond Tisdol/Caleb Coombs/Woody Jean/Kahlil Brantley/Bryce Langston/Alex Atcavage/Jayden George/Eddie Williams/Nicholas Marino/Jackson Ambush/George Johnson III/Prince James Boyd Jr./Marlyn Johnson/Chris Jones/Devonta Davis/Logan Lupo/EJ Horton/Zuberi Mobley/Richard Thomas Jr./Michal Antoine Jr./Makai Sawtelle/Jarrett Jerrels/BJ Alexander/Morgan Suarez/Logic Hudgens/Daedae Hill/Cam Fancher/Daughtry Richardson/Jacob Merrifield/Jayden Williams/Jaden Wheeler/Elijah Brown/Jayshon Platt/Omari Hayes/Zyere Horton/Wyatt Sullivan/Ja'Kavion Nonar/Jordan Church/Wilky Denaud/Antonio Smith/Gemari Sands/CJ Campbell Jr./Phillip Dunnam/Christian Paraison/Kahzir Brown/Dai'Sean Stevens/Okino King/Dom Henry/Xavier Terrell/Kasen Weisman/Fabian Scott/Zeke Moore/Jabari Smith/Eric Brantley Jr./CJ Heard/Tyriq Starks/Carter Davis/Michael Cates/Alexander Kocher/Michael Unis/Brayden Ramey/Wendol Philord/Scarlee Jean/Chrisdasson Saint-Jean/Ovie Dubre/Kiemar Richardson/Carson Cruver/Gavench Marcelin/Jaheim Miller/Curtis Janvier/Kyle Boylston/Kaden Shields-Dutton/Mauricio Hinds/Braden Cunningham/Char'Quez Lee/Ethan Proffitt/Loren Ward/Lawrence Johnson/Keon Rohe/Courtney Lamas-Lanier/Nick Salmon/Jadyn Church/Robert Hammond/Joshua Harriott/Zachary Marino/Leon Washington Jr./Luke Whiting/Christian Smith/Mike Wright III/Cameron Goggins/August Salvati/Michael Valentino/Chisom Ifeanyi/Jarvis Johnson/Tremonte Underwood Jr./Tito Nunez/Maddox Marchbank/Thomas Sledge/Antonio Solano/Dylan Lloyd/Robert Medici/Joseph Young/Nicholas Wilson/Nicholas Venezia/Devarius Mitchell/Jett Coolman/Gabriel Birnbaum/Justin Mucerino
13%
Mid-American Miami of Ohio Jack Coldiron/Brett Gabbert/Kobe Hilton/Matt Salopek/Corey Suttle/Brian Ugwu/Reid Holskey/TJ Rush/Dylan Downing/Kenny Tracy/Keyon Mozee/Nate Muersch/Jordan Brunson/Cameron Williams/Cade McDonald/Dom Dzioban/Kevin Davis/Charlie Nank/Andre Johnson/Eli Blakey/Ambe' Caldwell/Kolby Borders/Will Jados/Caleb Tubbs/Corban Hondru/Nasir Washington/John Young/Ty Wise/Preston Daniel/Maddox Kopp/Connor Briggs/Henry Hesson/Alec Bevelhimer/William Hardrick/Devin Johnson/Adam Trick/Javon Tracy/Kam Perry/Grant Lyons/Eli Coppess/Malachi Clark/Reggie Virgil/Eric Smith/Jackson Kuwatch/Dalton Norris/Gavin Rohrs/Savio Frazier/Ryan Kahn/Oscar McWood/Brian Shane/Nick Walker/Silas Walters/Jackson Izzard/Josh Lukusa/Drew Terrill/Ben Decker/Ryan Sims/Luke Evans/Raion Strader/Christian McKinney/Mychal Yharbrough/Matt MacLeod/Nate Milanowski/Chase Becker/Hudson Powell/Logan Neu/Marcus White/Brandon Lawhorn Moore/Lynel Billups-Williams/Gregory Smith Jr./Andrew Lowry/Ethan McDowell/Roosevelt Andrews III/Malcolm McCain/Danny Dunlop/Luke Myers/Christian Schomer/Cole Weaver/Toney Coleman Jr./Leo Colombi/Josh Ringer/Carter Herriman/William Goodvine III/Devin Bell/Jacob Schorsch/Braylon Isom/Kaleb Martin/Thomas Gotkowski/Jackson Pons/Javon Hammonds/Tito Glass Jr./Tommy Gallagher/Steven Favazzo/Kellan McLaughlin/Malik Ray/Brock Uihlein/Tyler Dikos/Michael Popov/Jayden Fuller/Zach Meeks/Oyeka Alexander/D'Shawntae Jones/Kris Manu/Brach Rice/Aiden Howard/Hunter Teal/Gino Blasini/Jermaine Agee/Carter Holden/Vaughn Johnson/Caleb Schlater/Ben Nash/Danny Zarco II/Sam Williams/Donovan Davis
13%
Sun Belt Southern Miss Jacob Johnson/Brennen Milliron/Dontae Lucas/Dannis Jackson/Kristin Booth/Armondous Cooley/Andrew Stein/Jack Tannehill/Tate Rodemaker/Jay Jones/Jalil Clemons/Rodrigues Clark/Ja'Len Sims/Dylan Lawrence/Zack Conti/Chandler Pittman/Eric Thomas Jr./Kolbe Cage/Brendan Toles/Zay Franks/Elijah Sabbatini/Larry Simmons/Gabe Cavazos Jr./Arian Gregory/Drew Lawson/Khalid Moore/Kamron Barnes/Kyron Barnes/Cameron Knox/Iliyas Fuavai/Wil Saxton/Kyirin Heath/Davis Dalton/Tre'Mon Henry/Braxton Myers/Tre Pinkney/Jalen Williams/Desmyn Baker/Avery Sledge/Hayes Puckett/Michael Jefcoat/Kenyon Clay/Bryce Lofton/Klabron Pollard/Ethan Crawford/Will James/Luke Rogers/Elijah Douglas/Dante Kelly/Caleb Bryant/Javieon Butler/Justyn Reid/John White/Micheal Caraway Jr./Brodarius Lewis/Demeco Roland/Ethan Bumgarner/Hastings Carruth/Kyle McCormick/Tiaquelin Mims/Jack Jackson/Ja'Kobe Cameron/Zavian Hales/Josh Bledsoe/Chris Hayes/Ryder Burns/Connor Gibbs/Miles Jones/Sentario Willis/Wildrekus Johnson/Cameron Mackey/Jo Cryer/Damion Miller/Caleb Moore/Miles Adams/Jalen Washington/Reed Jesiolowski/Jalen Owens/Zay Lowery/Larry Edwards/TK Keyes/Ques McNeal/Duke Arnold/Chandler Merrill/JQ Gray/David Griffin/Pax Hughes/Jeramie Posey/Jack Schwing/Tanner Welch/Ryan Johnson/Jameer Lewis/Shade Foster/Jordan Johnson/Zion Edwards/Jevan McDonald/Ethan Williams/Jordan Johnson/Bart Edmiston Jr./Joseph Harper/Greg Nunnery/Keyshawn Buckley/Dakota Thomas/Terron Bedford/Vernorrius Chaney/Chance Jenkins/Jarius Anders/Chris Jones/Londen Taylor/Hayden Breal/Paul James/Ray Daly Jr./Ethan Dailey/Luke Stewart/Caston Brown
13%
Mountain West Wyoming Jayden Clemons/Dawaiian McNeely/Alex Conn/Shae Suiaunoa/Nofoafia Tulafono/Devin Boddie Jr./Alex Brown/DeVonne Harris/Cole DeMarzo/Jordan Bertagnole/Harrison Waylee/Caleb Driskill/Wyett Ekeler/Nick Miles/Caleb Robinson/Braden Siders/Isaac White/Connor Shay/Micah Young/Read Sunn/Jack Walsh/DJ Jones/JJ Uphold/Evan Eller/Jack Culbreath/Andrew Johnson/Sabastian Harsh/John Hoyland/Will Pelissier/Sam Scott/Jaylen Sargent/John Michael Gyllenborg/Tyce Westland/Caden Barnett/Wrook Brown/Clay Nanke/Caleb Merritt/Tyler King/Koa McIntyre/Isaac Schoenfeld/Malique Singleton/Caleb Cooley/Kimball Madsen/Brenndan Warady/Nic Talich/Ben Florentine/Kaden Anderson/Charlie Coenen/Rex Johnsen/Kevin Sjogren/Jaden Williams/Wes King/Luke Sandy/Carson York/Evan Svoboda/Mitchell Anderson/Isaac Sell/Jake Davies/Dante Drake/Quinn Grovesteen-Matchey/Keany Parks/Tell Wade/Ian Bell/Bricen Brantley/Lucas Samsula/Naz Hill/Justin Stevenson/Jayden Williams/Nathan Geiger/Jones Thomas/Brandt Rice/Cooper Mailand/Abraham Bangoura/Cody Crawford/Miles Tucker/Jordan Turnbull/Wyatt Walters/Deyon Batiste/Adrian Onyiego/Brycen Lotz/Gage Brook/Jevon Davis/Tyrecus Davis/Ethan Day/Jamari Ferrell/Dante Gavito/Kayden LaFramboise/Erik Sandvik/Justin Erb/Lafai Purcell/Nikos Varelas/Garrett Combs/Dash Bauman/Bleyne Bryant/Chris Durr Jr./Braylon Jenkins/Hunter Kallstrom/Tyler Nystrom/Giovanni Panozzo/Jake Wilson/Drew Jackson/Eltoum Murgus/Charles Williams/Nico Hamilton/Markie Grant/Tyrese Boss/Dontae Burch/Gary Rutherford/Joaquin Sandoval/Trey Olsen/Gavyn Helm/Jack Harvey/Tegen Seeds/Spencer Rathbun/Alex Haswell/Caleb Hall/Jaylan Bean/Keelan Anderson/Nathan Murphy/David Leonard
13%
Sun Belt Texas State Jordan McCloud/Tory Spears/Chris Mills/Langston Anderson/Alex Merritt/Konner Fox/Griffin Moore/Joey Hobert/Tunmise Adeleye/Dominique Ratcliff/Ben Bell/John Oehrlein/Mannie Nunnery/Chayse Todd/Justin Harris/Steven Parker/Deion Hankins/Kenny Haynes/Kaleb Culp/Trenton Scott/Lincoln Pare/Darius Jackson/Blake Smith/Nash Jones/Drew Donley/David Nunez/Joshua Eaton/Derick Mourning Jr./Brice Bass/Jaden Williams/Treylin Payne/Tyrese Brown/Dorion Strawn/Tellek Lockette/Justin DeLeon/Jaylon Griffin/Dawson Menegatti/Caleb Coleman/RJ Martinez/Sully Burns/Canden Grogan/Kamren Washington/Kannon Webb/Mason Shipley/Brendan Franke/James Neal/David Conner/Jimeto Obigbo/JeCareon Lathan/Jaylen Jenkins/Chris Dawn Jr./Amarion Atwood/Jo'Laison Landry/Amipeleasi Langi Jr./Deven Wright/Alonzo Edwards Jr./Titus Lyons/Owen McClintock/Isaac Norris/Tavian Coleman/Alex Harkey/Ismail Mahdi/Daniel Meunier/Jaydon Bailey/Cullen Smith/Torrance Burgess Jr./Jordan Polk/Austin Samaha/Ian Langford/Karson Kaiser/Brandon Treggs/Kaden Watts/Gage Patrick/Kole Wilson/Emeka Obigbo/Donte Thompson/Bami Badusi/Jake Simpson/PJ Hatter/Brad Jackson/Kylen Evans/Tice Williams/Carlos Alvarado/Michael Boudoin III/Shon Coleman/Terry Webb/Kalil Alexander/Bobby Crosby/Nathan Huerta/Beau Sparks/Junior Thornton/Christopher Jones/Jordan Martin/Max Harris/Trez Moore/Tyler Norris/Malcolm Fields/Aidin Rhodes/Dylan Rhodes/Justin Strong/Carter Traynor/Brock Riker/Will Mitchell/Jacob Caruthers/Layne Horak/Tymere Jackson/Jermy Jackson Jr./Nick Johnson/Ja'Mari Laye/Jimmy Lee/Ryan Nolan/Kameron Pearson/Lincoln Philyaw/Lars Rau/Travion Smith/Darian Snell/Beckham Sunderland/Jordan Williams
13%
American Athletic Rice Matt Hall/Chike Anigbogu/Brant Banks/Elijah Mojarro/Myron Morrison/Josh Pearcy/Chad Lindberg/Izeya Floyd/Tim Horn/Kobie Campbell/JoVoni Johnson-McCray/Faybian Marks/Geron Hargon/Matt Sykes/Plae Wyatt/Sean Fresch/Charles Looes/Spencer Cassell/Chris Conti/Michael Larbie/Lamont Narcisse/Gabriel Taylor/DJ Arkansas/Kenny Seymour Jr./Blake Boenisch/Jaggar Hebeisen/Elroyal Morris III/Ethan Onianwa/Shawqi Itraish/Andrew Awe/Joshua Williams/Tyson Thompson/David Stickle/Peyton Stevenson/Graham Walker/Coleman Bennett/Colin Giffen/Conor Hunt/John Long/Demone Green/Jalen Hargrove/Jonathan Jean/Marcus Williams/Chibby Nwajuaku/Miguel Cedeno/Rawson MacNeill/Alex Bacchetta/AJ Padgett/Braylen Walker/Tyson Flowers/Christian Francisco/Shepherd Bowling/Michael Daley/E.J. Warner/Daveon Hook/Brad Baur/Chase Jenkins/Peyton Farmer/Luke Needham/Patrick Valent/Justin Williams Jr./Jamarion Clark/AJ Stephens/James Falk/Thai Chiaokhiao-Bowman/Moh Bility/Dean Connors/Christian Edgar/Quinton Jackson/Ryan Guillo/Jeremiah Williams/Enock Gota/Michael Amico/Micah Barnett/Trace Norfleet/Isaiah Gonzalez/Weston Kropp/Alex Scherle/Boden Groen/Blaise Tita/Joseph Mutombo/Beau Barton/Nate Bledsoe/Daelen Alexander/Ashton Ojiaku/Reese Keeney/Owen Carter/Wyatt Freeman/Kaleb Blanton/LaVonte Johnson/Taji Atkins/Luke Miller/Lane Jeffcoat/Rhys Phillips/Ephraim Dotson/Bailey Fletcher/Jordan Campbell/Drayden Dickmann/Max Ahoia/Landon Ransom-Goelz/Chali Taylor/JaBari Ellison/Cooper King/Chris Bruce/Ethan Brougham/Netane Fehoko/Ty Morris/Aquantis Clemmons/Ethan Powell/Jake Dragoo/Christopher Clark-Jolivet/Colby Connell/Trei Kibbles/Jabari McAlmont/Tyler Day/Cade McMillan/Drew Devillier/Larry DeBose IV/Cullen Witt/Jackson Ranucci/Shawn Irwin
13%
Sun Belt South Alabama Maurice Strong Jr./Andrew Bench/Wy'Kevious Thomas/Brian Dillard/Dallas Gamble/Brett Nezat/Kentrel Bullock/Daniel Foster-Allen/Rickey Hyatt Jr./Iverson Celestine/Keyshawn Woodyard/Javon Ivory/Jaden Voisin/Devin Voisin/Todd Justice/Jeremiah Webb/Shamar Sandgren/Aakil Washington/Jordan Davis/Reid Gavin/Reggie Neely/Lucas Taylor/Reed Buys/Carlos Johnson Jr./DJ Thomas-Jones/Mike Harris/Courtney McBride Jr./Dalton Hughes/Ed Smith IV/Lamondre Brooks/Laith Marjan/Darius McKenzie/Wesley Miller/Trent Singleton/Ricky Fletcher/Bishop Davenport/Malachi Preciado/Adrian Griffin/Chrystyile Caldwell/Kenton Jerido/Sam Williams/Jack Martin/Jordan Buchanan/Anthony Zaccaro/Jamaal Pritchett/Braylon McReynolds/Malachi Carney/Blayne Myrick/Gio Lopez/Tre Brown/Anthony Eager/Jarvis Durr/Ethan Hubbard/Jayden Hobson/Gavin Forsha/Damon Parr/Luke Stringer/Christopher Wallace Jr./Tylen Campbell/Jonathon Carter/Cole Blaylock/Trent Thomas/Jordan Norman/John Ward/PJ Martin/Tyler Thomas/Jeremy Scott/Tyler Carter/Asher Hale/Cube Gurley/Amarion Fortenberry/Parker Shattuck/Logan Joellenbeck/Achilles Woods/Jared Hollins/Lardarius Webb Jr./Micah Woods/Michael Archie/Eli Webb/Nathan Jennings/Jerrian Graham/Will Loerzel/Jacob Jones/RJ Moss Jr./Stacey Boykins Jr./Dorian Smith/Aleksi Pulkkinen/Jordan Williams/Emauri Sibley/Julius Kidd/Hollis McDaniel/Jace Larsen/Chris Holifield Jr./Baxter Turner/Hamilton DiBoyan/Johnathan Street/Kade Hogue/Davis Little/Damyrion Darby/Ty Goodwill/Julien Demby/Jordan Scruggs/Noah Toster/Rod Gibbs/Webber McClinton/Fluff Bothwell/Ben Brewer/Dashaun Caffee/Kaleb Jackson/Matthew Laseter/William Felton IV/Davaris Pilcher/Rod Ivy/Bennett Blanks/Jacob Porco/Donnie Arnold/Grant Rountree/Hayden Dozier/DeShaun Gonzales/Devin Guin/Josh Jones/Jalyn Durgan
13%
American Athletic UTSA Oscar Cardenas/JT Clark/Christian Clayton/Demetris Allen/Jaylen Garth/Martavius French/Asyrus Simon/Kendrick Blackshire/Jonah Miller/JJ Sparkman/Ronald Triplette/Dematrius Davis Jr./Rocko Griffin/Jamal Ligon/Dan Dishman/Joe Evans/Ken Robinson/Zah Frazier/Walker Baty/Donyai Taylor/Brevin Randle/Ian Jackson/Jimmy Wyrick/Eddie Lee Marburger/Jackson Anderson/Luke Lapeze/Brandon Brown/Denver Harris/Chris Carpenter/Elliott Davison/Kevorian Barnes/Jaren Randle/Justin Rodriguez/Cade Collenback/Makai Hart/Chase Allen/Kamar Missouri/DJ Allen/Kaleb Brown/Owen Pewee/Bryson Donnell/Camron Cooper/Owen McCown/Houston Thomas/Tai Leonard/Jace Wilson/Jameian Buxton/Deandre Marshall/Ben Rios/Ethan Laing/Jimmori Robinson/Syrus Dumas/CJ James/Alpha Khan/Andrew Alvarado/Tate Sandell/Bryce Grays/Jakevian Rodgers/Jermarius Lewis/Zach Morris/David Amador II/Jamel Hardy/Vic Shaw/Devin McCuin/Daemian Wimberly/James Walley Jr./Brandon High Jr./Devin Scura/Frankie Arthur/Kenyan Kelly/Ronald Link-Milam Jr./Venly Tatafu/Davin Martin/Mason Hall/Travon Sylvester/Jackson Gilkey/Patrick Overmyer/Davion Hurth/Briley Brown/Zechariah Robinson/Nate Markiewicz/Chidera Otutu/Brandon Tennison/Robert Henry/Willie McCoy/Nnanna Anyanwu/Ezekiel Saldana/Mason Culton/Buffalo Kruize/Cory Godinet/Timothy Huff Jr./Joseph Ugwu Jr./Johnny Bowens III/Chris Bryson II/Amare Johnson/Michael Petro/Austin Phillips/Donald Quaite Jr./Anthony Santoscoy/Marcellus Wilkerson/Justice Hurt/Elijah Newell/Mekhi Anderson/Shea Adams/Caile Hogan/Will Henderson III/Errionn Brow/Tyan Milton/Fred Lewis/David Adedoyin/Preston Huneycutt/Michael Owoeye/Matthew Lambert/Kenny Ozowalu/Daniel Alonso/Alan Pruneda/Elliott Brow
13%
American Athletic Charlotte Ositadinma Ekwonu/Prince Wallace-Bemah/Justin Olson/Mitchell Mayes/Trevon Booker/Demon Clowney/Jalar Holley/Chantz Williams/Mordecai McDaniel/Malik Puryear/Zion Shockley/C.J. Burton/Katron Evans/Stone Handy/Michael O'Shaughnessy/Mike Kelly-Lawsom/Terez Traynor/Elijah Culp/Aidan Kaler/Derrick Edwards/Jonny Hassard/Avery Morris/Jake Clemons/Joey Bearns III/O'Mega Blake/Jairus Mack/Xavier Simmons/CJ Stokes/Ja'Qurious Conley/Dre Butler/Jack Reynolds/Trexler Ivey/Bryce Kennon/Jonny King/Dez Morgan/Stephen Sings V/Hunter Patrick/Charlie Jackson/Zach Billings/Breon Noel/Ike White/Hahsaun Wilson/Dontae Balfour/Gus McGee/Andrew Adair/Colin Weber/Cam Burden/CJ Clinkscales/Maguire Neal/Mo Clipper Jr./Tyler Gibson/Donovan Spellman/Adam Hopkins IV/Max Brown/Dre Martin/Jordan Spasojevic-Moko/Henry Rutledge/Stephen Rusnak/Reid Williford/Randy Franklin/Terron Kellman/Kendall Stanley/Antonio Cotman Jr./Cartevious Norton/Jaavan Mack/Boston Brinkley/Ayobami Tifase/Xander Lamb/Adam Booker/Isaiah Bullerdick/Sean Brown/Jordan Herman/Treyveon McGee/Evan Austin/Al-Ma'hi Ali/Andre Washington/Colin Coates/Jamari Broady/Montez Green/Lacota Dippre/Tequan Latimore/Deshawn Purdie/Cornell Allen/Jason Jeffares/Kyle Cunanan/Dominick Kelley/Bronson Long/Duane Thomas Jr./PJ Wilkins/Justin Hayes/Miles Burris/Umar Rockhead/DeQuinder Williams II/Isaiah Myers/Cary Grant/Seth Franklin/Connor Adair/Aiden Martinez/Dom Silvia/Jefferson Lambert/Tanner Bushee/Andrew Cunningham/Jake Davids/Rod Gainey Jr./Duke Guenther/Jacob Hamilton/Jameson Jenson/Grant Laskey/Brady Rhoads/Kendal Brown/Aydan Cannon/Kainoa Davis/Kameron Manley/Jonathon Okate/Darius Wallace/Derrick Eley/Vasilios Fotopoulos/Anthony Saragusa/Andrew Bennett
13%
Conference USA Middle Tennessee Alex Williams/Brendon Harris/Devyn Curtis/Drew Francis/Marvae Myers/Julius Pierce/Jalen Jackson/Hayes Sutton/Ellis Adams/Jalen Davis/James Stewart/John Howse IV/Terry Wilkins/James Shellman IV/Brian Brewton/Holden Willis/Nicholas Vattiato/Ryan Hoerstkamp/Brandon Buckner/Javonte Sherman/Tyrell Raby/Jacob Coleman/Zabrien Harden/Gamarion Carter/Frank Peasant/Stone Frost/Rickey Smith/Zeke Rankin/Brody Butler/De'Arre McDonald/Daniel Gonzalez/Andy Nwaoko/Marcus Miller/Omari Kelly/Da'Shawn Elder/Damonte Smith/James Monds III/Jaiden Credle/Felix Hixon/Mateo Guevara/Jordan Thompson/Shakai Woods/J'Shun Bodiford/Taharin Sudderth/Trey Turk/Myles Butler/Slade Alexander/Kellen Stewart/Parker Hughes/Luther Richesson/Morgan Scott/Ethan Ellis/James Gillespie/Cam'ron Lacy/Trevon Ferrell/Nash Stidham/Muaaz Byard/Connor Dougherty/Jacob Jackson/Mitchell Howell/Chris Johnson/Anthony Bynum/Ethan Crite/Jekail Middlebrook/Isaac Rue/Ja'Darious Morris/Chayce Smith/Markel James/Simon Wilson/Alex Gale/Derrick Keith/Tiyyan Robinson/Sam Driggers/Tyson Resper/Jayce Gardner/Connor Farris/Elijah Ealey/Xavier Williams/Jayson Lowe/Brady Russell/Amarrien Bailey/Aidan Butts/Jordan Beasley/Jackson Lowe/Zach Clayton/Brody Benke/Grant Chadwick/Austin Clemons/Josh Evans/Malik Love/Caleb Reid/Roman Gagliano/Jason Overton/Zeion Simpson-Smith/Kedrick Burley/Abdul Muhammad/Jared Douglas/Caleb Dochnahl/Christopher Kaup/Alan Young/Taylor Ratinaud/Ashton Jones/Layden Grant/Evan Poticher/Bobby Council/Reggie Johnson/Sawyer Lovvorn/Nolan Forsha/Korey Smith/Lantz Peoples/Henry Hamlin/Dumela Knox/Shamar Crawford/Jaylen Robinson/Ayden Merrihew/Jacob Taylor/Bobby Brooks/Elijah Carney
12%
Sun Belt Arkansas State EJ Ndoma-Ogar/Marvin Ham/Dane Motley/Micaiah Overton/Malik Hornsby/Blayne Toll/Cam Jeffery/Corey Rucker/Timmy McClain/Aaron McLaughlin/Courtney Jackson/Adrian Cole/Charles Willekes/Adam Jones/Trevian Thomas/Zak Wallace/Kamari Stephens/Austin Woods/Noah Collins/Marcus Bradley/Justin Parks/Tobias Braun/Jayden Jones/Makilan Thomas/Noah Smith/Ethan Hassler/Justin Hodges/Jack Bullard/Reginald Harden Jr./Ja'Quez Cross/Jordan Mahoney/Manny Stevenson Jr./Jaden Milliner/Websley Etienne/Elijah Zollicoffer/James Reed III/Dontay Joyner/Takare Lipscomb/Magnus Haines/Jacob Bayer/CJ Cage/Reagan Ealy/Aidan Ellison/Andrew Agapos/Tim Hardiman/Mehki Butler/Mike Sharpe II/Kyle Taylor/Nate Martey/Miller McCrumby/Lucas Banks/Aleric Watson/Brian Alston/Timothy Gulley/Cedric Hawkins/Walker Davis/Mason Myers/Josh Flowers/Jaylen Raynor/Jamil Williams/Brook Honore/Jordan Sample/Chauncy Cobb/Cameron Ambrose/AJ Beale/Tristian Smith/Chris Pearson/Brandon Greil/Ian Jeffries/Tennel Bryant/DeAubry Hood/Hunter Summers/RJ Kelly/Tyler Little/Clune Van Andel/Kemari Nix/Gideon Herbert/Devin Spencer/Jayvion Showers/Drew Nicolson/Jerrod Johnson/Reed Linder/Carter Salzman/Calen Presser/Thomas Puhek/Bryan Whitehead/Chase Bogle/Drew Collins/Obi Udom/Baker North/Royce Baucom/Trason Hunt/Montez Redding/Jourdyn Burruss/Riley McGehee/Brandon Barnes/AJ Wallace/Jabari Bush/James Rexroat/Kyle Williams/Ty Miller/Braden Jackson/Jaylen Boardley/Josh Stone/Clayton Amaya/TJ Hill/Kiandre Terry/Damon Sisa/Xavier Ross/Kameron Thomas/Spencer Makell/Kanon LaRusso/Jaxson Dunn/Ben Karlsson/Ryan Heicher/Ryan Isenhart/Jacob Pequeno/Brock Simmons/Graham McLelland/Ezra Burgess/TJ Starks/Skyler Purifoy/Alex Martin
12%
Sun Belt Louisiana Kenneth Almendares/Ben Wooldridge/Lance LeGendre/Jamin Graham/Amir McDaniel/Jacob Bernard/Chandler Fields/Jax Harrington/Courtline Flowers/George Jackson/Mason Narcisse/Tyree Skipper/Tyrone Lewis Jr./Kyron Mims/Dalen Cambre/Landon Burton/Chaz Ward/Caleb Anderson/AJ Gillie/King McGowen/Terrence Williams/Jordan Lawson/J'Marion Gooch/Key'Savalyn Barnes/Kendrell Williams/Dre'lyn Washington/Jalen Clark/Mackey Maillho/K.C. Ossai/Robert Williams/Caleb Kibodi/Rhett Guidry/Keyon Martin/Adryan Lara/Cameron Whitfield/Lorenzell Dubose/Kailep Edwards/Fitzgerald West Jr./Jathan Caldwell/Caleb Bonine/Jaydon Johnson/Terrance Carter/Bryant Williams/Trey Fite/Zay Alexander/D'Wayne' Winfield/Dale Martin/Trayv'on Culbert/Logan Klotz/Jake St. Andre/Justin Agu/Charles Robertson/Hunter Sims/Jon McCall/Ryan Ebrahim/Carmycah Glass/Zylan Perry/Kaden Moreau/Harvey Broussard/Matthew Broussard/Ashley Williams Jr./Collin Jacob/Calep Jacob/Denim Day/Carter Milliron/Aaron Wright/Maurion Eleam/Quinton Williams/Braxton Guilbeau/Ty Stamey/Jaden Dugger/Maxie Baudoin IV/Jeremiah Moses/Cooper Fordham/Kerry Wilson/Tony Sterner/Nathan Torney/Chase Edwards/Ethan Clark/Antoine Baylis/John Bragg/Lance Williams/Kody Jackson/Xzavier Brown/KeDarius Wade/Micah Johnson/Emiliano Soldevilla/Rahji Dennis/Daniel Beale/Cullen Charles/Avery Demery/Priest Ashe/Elijah Davis/Micaiah Bivines/Landon Baptiste/Bryant Merriwether/Shadwel Nkuba II/Tylon Citizen/Travin Moore/Hayden Darbonne/KJ Riley III/Andrew Martinez/Zachary Thomas/Peyton Polk/Lester Jones/Tavion Smith/Caden Jensen/Kadarius Miller/Ryder Bentley/Conor McPherson/Ashton Wright/Steven Blanco/Ethan Veal/Hutch Swilley/Ja'Corian Norris/Sam Altmann/Landon Strother/Keilan Sherman/Christian Pillette/Na'Tori Brown/Cedric Moore/EJ McDonald/Teddy Gawlik/Lake Bates/Brayden Guilbeau/Ben Bienvenu/Jerrick Nedie/Jackson Hammond/Timahj Jones/Djay Williams/Jaden Breaux/Bradley Wright/Dylan DiCharry/James Klingberg/Jeremiah Holts
12%
Sun Belt Georgia State Kenyatta Watson II/Joshua Black/Tavian Brown/Michel Dukes/Daniel Heimuli/Cadarrius Thompson/Kevin Swint/CJ Beasley/Henry Bryant III/KD McDaniel/Jacorrei Turner/Sy'veon Wilkerson/Christian Veilleux/Justin Abraham/Zach Gibson/Gavin Pringle/Anthony Blume/Victoine Brown/Tailique Williams/Mason Cook/Cody Jones/Darius Bush/Ahmon Green/MarQuez Bargman/Peter Kikwata/Kyle Lowe/Sam McCall/Fuches Lewis II/Cam Williams/Ja'Cyais Credle/Ben Chukwuma/Kade Loggins/Jyron Gilmore/Freddie Brock/Dorian Royal/Trevor Timmons/Chris Davis Jr./Ian Mathews/Sir Mells/Bishop Thomas/DJ Riles/Maleek McNeil/Izaiah Guy/Isaiah Holland/D-Icey Hopkins/Alec Johnson/Ronald Cooper/Kyrik Mason/Josiah Robinson/Jordan Ford/Avion McBride/Braeden McAlister/Braylen Ragland/Will Larkins/Jayven Hall/Jude Tinor/Jeremiah Johnson/Rykem Laney/Ethan Garrett/LaMarcus Brand/Christian Lorenzo/Jaylen Jones/Lamar Robinson/Romello Watson/Micah White/Dorian Fleming/Chams Diagne/Michael Fitzmeyer/Tarance Breedlove/Liam Rickman/Marlon McClendon/Cam Marshall/Lane Wadle/Austin McGee/DJ Murray Jr./Deuce Walker/Damaine Wilson/Remez Lockhart/Isaac Kone/Favor Komolafe/Ja'Maric Morris/Deity Deablo/Derrick Maxey III/Dominic Johnson/Kysean Fenderson-Gentile/Avery McFadden/Sam Lindsey/Devin Prince/Dyllon Houghton/Jacobi Jones/Brent Washington/Rodge Waldrop/Ted Hurst/Petey Tucker/Aaron Davis/Phoenix Moss/Dorian Gibson/Xavier Robinson/Chris Manuel/LaQuavius Bailey/Tylan Smith/Gavin Bloom/D'Andre LaVassaur/Donovan Funsch/Malik Jackson/James Puckett/Antonio Wesley/Ethan Charles/Myles Abernathy/Keron Milton/Spencer Radnoti/James Allen
12%
Conference USA Florida Intl. Lexington Joseph/Jeramy Passmore/Josiah Miamen/Kejon Owens/Claude Larkins/Jamal Potts/Elijah Anderson-Taylor/Ben Shellenback/Daton Montiel/Marquez Tatum/Haden Carlson/Chayden Peery/Jaleel Davis/Giovanni Davis/Chase Gabriel/Keegan Davis/JoJo Evans/Matthew Enriquez/Reggie Peterson/Juju Lewis/Shomari Lawrence/Brian Blades II/Wyatt Lawson/Eric Rivers/Mike Jackson/Amari Jones/Ross Fournet/Dean Patterson/J.T. Anderson/Travis Burke/Nazeviah Burris/Eddie Walls III/Rodney Williams Jr./Antonio Patterson/Maguire Anderson/Ming Tjon/Bobby Salla Jr./Jordan Doelling/Preston Thompson/Rocky Beers/John Bock II/Naeer Jackson/Steven Shannon/Jamarrion Solomon/Percy Courtney Jr./Hezekiah Masses/Jackson Lee/Luby Maurice Jr./Victor Evans III/Shaborne Demps/Antonio Ferguson/CJ Christian/JaDarious Lee/Ashton Rivera/Bo Blanchard/Jett Law/Jaheim Buchanon/Landon Hale/Keyone Jenkins/Daniel Michel/Jamari Holliman/Chad Staley/Atavious Weaver/Jackson Schultze/Alejandro Prado/Richard Nwaukoni/Toddrick Brewton/Mykeal Rabess/Braiden Staten/Kyle McNeal/Eric Nelson/Clayton Dees/Sadonnie Gay/Germaine Carter/Devonte Lyons/Josiah Taylor/Ja'Coby Matthews/Quaylen Hill/Robert Williams/Desna Washington/Kinnick Manley/Raheim Sexil/Jon Rodriguez/Garret Augustine/Donovan Brod/Mister Clark/Jordan Clemons/Antoine Cobb/Jose Corbo/Reech Daniel/Denzel Dorn/Noah Fernandez/Nate Henry/Dylan Redmon/T.J. Snowden/Orlando Syph-Timmons/Zachary Waters/Nick Watson/Champ Jenkins/Jaden Williams/Knajee Saffold/Shamir Sterlin/Travion Barnes/Dwight Nunoo/Ashton Levells/Jacob Camacho/Tyler Rhode/Cole Gustafson
12%
Mountain West San Jose State Michael Dansby/Justin Lockhart/Skylar Loving-Black/Malikhi Miller/Amir Wallace/Marist Talavou/DJ Harvey/Jordan Cobbs/Nick Nash/Sebastian Macaluso/Zavion Reese/Malik Williams/Soane Toia/Mata Hola/Xavier Ward/Jabari Bates/Dejon Roney/Larry Turner-Gooden/Anthony Madrigal/Davis Salom/Jackson Canaan/Assani Berkeley/Walker Eget/Grant Norberg/Jean Boyd III/Nate Lewis/Macloud Crowton/Laakea Kapoi/Sawyer Deerman/Denaris DeRosa Jr./Robert Rahimi/Justin Stearns/Jalen Bainer/Jalen Apalit-Williams/Hudson Mesa/Kyler Halvorsen/Kejuan Bullard Jr./Uluakinofo Taliauli/Jordan Pollard/Lamar Radcliffe/Manuel Serna/Matthew Coleman/Kayden Collins/Ethan Powell/Dino Beslagic/Joseph Harbert/Joseph Bey/Emmett Brown/Trent Carrizosa/TreyShun Hurry/Hunter Nowell/Floyd Chalk IV/Peseti Lapuaho/Alexander Cobbs/John Norwood/Caleb Womack/Luke Griskey/Nate Hale/Dylan Lee/Noah McNeal-Franklin/Isiah Revis/Viliami Teu/Gafa Faga/Cooper Hoch/Quincy Likio/Tangata Tuitupou/Akio Martinson/Brady Van Bennekum/Dylan Hampsten/Taniela Latu/Kamaehu Kopa-Kaawalauole/Nathan Balestrieri/Tyler Chen/Will Leys/Noa Siaosi/Mohammad Othman/Tevita Manukainiu/Reggie Jones Jr./Naseri Danielson/Sione Nomani/Gregory McCendon III/Justice Turner/Kyri Shoels/Greco Carrillo/CJ Lee/David Tuihalangingie/Paolo Burak/Roy Gardner/Malakai Hoeft/Zack Homan/Jaylen Thomas/Luke Richey/Nassir Pitters/Kade Millard/Matt Robinson/Pau Reed/Matthew Fadelli/Daniel Moleni/Mitchell Brown/David Perez/Jacob Stewart/Miles Hull/Mathias Brown/Jr. Reggie Jones
12%
Mid-American Akron Shammond Cooper/Josh Blanchard/Aman Greenwood/Lama Lavea/Kabbash Richards/Jordan Castleberry/Jordon Simmons/Alex Adams/Ben Finley/Devonte Golden-Nelson/Laurence Seymore/Da'Quan Thomas/Paul Lewis III/Nathan Kapongo/Iesa Jarmon/Justin Campbell/DiMarco Johnson/Zy Brockington/Tahj Bullock/Noel Roach/Liam Reardon/Eli Fields/Daymon David/Joey Hunter/Max Whisner/Dante Jackson/Justin Anderson/Sean Conroy/Ahmarian Granger/Colin Lyons/Myles Walker/Bennett Adler/Darrian Lewis/CJ Nunnally IV/Keylen Davis/Marquese Williams/Garrison Smith/AJ George/Jake Newell/Andre Proffitt/Grant Gainer/Elijah Reed/Bobby Golden/Tyhler Williams/Bryan McCoy/Charles Kellom/Kiawan Murphy/Israel Polk/Silas Proby/Dayne Shor/Jacob Kumfert/Antavious Fish/Davion Jennings/Nick Stopiak/Phaizon Wilson/Kyan Mason/Jayvin James/Bruno Dall/Terence Thomas/Tristen Graham/Sean Patrick/Khalil Witherspoon/Brayden Roggow/Rodrick Hunter/Keyveon Johnson/Jason Hocker/Elijah Davis/Roosevelt Mitchell/Dimitri Madden/Joseph Castle/Owen Wiley/Emmet Rhoades/Ronald Hull/Johnny Brookhart/Kam Cheatom/Conner Cravaack/Paul Davis/Aiden Diaz/Isaiah Jones/Jean Louis III/Jonas Mann/Jon'Trell Mixon/Marcus Moore Jr./Delvin Morris/Adrian Norton/Darius Owens/Langston Ragland/Melvin Spriggs/Gage Summers/Catrell White/Austin Wondolowski/Fahrell Freeman/Rich Benenge/Dahvon Frazier/Jarvis Rush/Malcom DeWalt IV/Katory Henry-Shaw/Luke Reed/Dominic Monz/Danny Nittoli/Avery Book/Matthew Schramm/Jahvon Frazier/Alex Fox/Jerrod Burrell/Nathan Covert/Jeremiah Ndaiga/Max Mobley
12%
Mid-American Eastern Michigan Trey Laing/Broderick Roman/JT Killen/Dontae McMillan/Delbert Mimms III/Kendric Nowling/Porter Rooks/Chris Mayo/Carson Lee/Melvin Swindle II/Hans Lillis/Terry Lockett Jr./Sterling Miles/Jere Getzinger/Cole Snyder/Logan Bednar/Isaac Smith/Mickey Rewolinski/Luke Murphy/Owen Snively/Markus Allen/Zyell Griffin/Carter Evans/Donovan Green/Peyton Price/Daniel Warnsman/David Carter Jr./Justin Jefferson/Jeremiah Jackson Jr./Jez Janvier/Mitchell Tomasek/Quentavius Scandrett/JB Mitchell III/Oran Singleton/Max Reese/Elijah Jackson-Anderson/Mack Indestad/Malik Tullis/Jess Gmez/Zach Mowchan/Dramarian McNulty/Kenyon Bowyer/Jesus Gomez/Tommy Dickinson/Cole McElvany/Nicholas Gallegos/Dennis Strey Jr./Barry Manning/Jason Marshall/Adam Rammouni/Quinn Fracassi/Ryan Kingston/Drew Viotto/Daiquan White/Jaivian Norman/Luke Fletcher/Bryce Eliuk/Messiah Blair/Makhail Wood/James Djonkam/Jeremiah Salem/Joshua Scott/Ali Abdul-Barr/Nick Devereaux/Joey Zelinsky/Deion Brown/Bryce Llewellyn/Terrance Saunders/Blake Daniels/Joey Mattord/Chase Arrington/Jace Stuckey/JT Bronaugh/Noah Patterson/Andrew Steger/Terrelle Elmore/Everett Small/Caden Vanderbush/Antonio Floyd/Marvell Eggleston/Jefferson Adam/Jamarien Wheeler/Owen McGraw/Tyree Lockett/Hudson Fiene/Jesse Vasquez/Jaheim Jenkins/Quinn Kelly/Gabe Hoffmann/Solomon Bell/Gary Dorsey Jr./Tyrell Martin/Mitchell Dietzel/Daniel Hull/Jaylyn Monds/Javon Thomas/Jordan Toney/Dalin Wilkins/Nicholas Sutherby/Zion Fonua/Jaden Price/Caleb Dobbs/Tyrelle Deener/Eli Lovett/Dylan Camp/Jayvin Norman/Emil Burton/Ray Hester/Colin Main/Jay King/Rudy Kessinger/Blake Bustard/Jack Storey/Josh Anderson/Dodji Dahoue/CJ Wilson/Reggie Gardner/Dylan Shelton/Jason Morbitzer/Iii Delbert Mimms
12%
Sun Belt Old Dominion Aaron Young/Demariyon Houston/Michael Flores/Dywan Griffin/Santana Saunders/Colin Henrich/Diante Vines/Justin McKithen/Will Jones II/Pat Conroy/Cole Daniels/Myles Alston/Emmett Morehead/Tariq Sims/Zach Barlev/Amorie Morrison/Stephon Dubose-Bourne/Ethan Chang/Ryan Harvey/Grant Wilson/Anthony Patt/Khian'Dre Harris/Jason Henderson/Langston Williams/Skyler Grant/Denzel Lowry/Kris Trinidad/Bryce Duke/Maarten Woudsma/Isiah Paige/Keanon McNally/Angelo Rankin Jr./Mario Easterly/Ashton Whitner/Brandon Richards/Billy Gough/Jonathan Bacigalupi/EJ Green/Elijah Hoskin/Ethan Sanchez/Christopher Spencer/Devin Roche/TJ Lott/Markus Knight/Jaylon White-McClain/Jeremy Mack Jr./Nathanial Eichner/Rick Moore/Dominic Dutton/Koa Naotala/Jahleel Culbreath/Mario Thompson/Zion Frink/Connor Drake/Brock Walters/Colton Joseph/Spencer Dow/Caleb Bryant/DeAndre Lynch/Ryan Ramey/Jordan Holmes/Dallas Sims/Chris Forbes/Ricardo Williams Jr./Jalen Butler/DJ Chandler/Trey Lancaster/Ja'Mez Drummer/Zach Hagedon/Rasheed Reason/Jack Scala/Kelby Williams/Ahmaad Foster/Jaylen Pretlow/JC Cloutier/Gage Sawyers/Jordan Saunders/Kainan Miller/Ian Brandt/Quedrion Miles/Lorenzo McFadden-Pressley/Theo Bachelder/Chris Boykins/Daevon Iles/Brandon Crutchfield/Quinn Henicle/Maurki James/Josh Schuetzmann/Na'eem Abdul-Rahim Gladding/Dirrick Goodman/Jerome Carter/Jed Olotu-Judah/Jahron Manning/Ny'Len Ramon Jones/Patrick Smith-Young/Quan Dunbar/Seamus Hall/Holden Brown/Fidel Tau Pitts/Michael Devereaux/Caleb Bishop/Jackson Banks/Jadon Furubotten/Kyle Miller
10%
Sun Belt Georgia Southern Alex Smith/Jeffrey Smyth/Kristian Varner/Ethan Pouncey/LV Bunkley-Shelton/Tyrell Davis/Dexter Williams II/Sam Kenerson/Tyler Fromm/Reid Dedman/Beau Johnson/Cam Williams/Matthew Daniel/Weston Wallace/Isaac Walker/Derwin Burgess Jr./Davion Rhodes/Trevon Locke/Jalen White/Davon Hicks/Prince Green/Marques Watson-Trent/Caleb Cook/TJ Smith/JC French/Terrance Gibbs/Caelan Williams/Chance Carroll/Jackson Wheeler/Justin Meyers/Bryce Bernard/Gavin Stewart/Dom Boyd/Bryson Broadway/Jacob Ferguson/Evan Lester Jr./David Dallas/OJ Arnold/Josh Dallas/MJ Stroud/Walker Bradberry/Deontre Morris/Chance Gamble/Colton FitzGerald/Jacob Hammonds/Pichon Wimbley/Chris Crouch/Marcus Sanders Jr./Dalen Cobb/Chandler Strong/Da'Shawn Davis/Marc Stampley II/Dorrian Smith/Joshua Thompson/Elhadj Fall/Latrell Bullard/Caimon Mathis/Branden Palmer/Elija Walton/Devin Collier/Kebba Secka/Brooks Pangle/Robert Edwards III/Tracy Hill Jr./Zack Blackwell/Korbett MacGregor/Gaines Wood/Chase Folser/DeAndre Buchannon/Troy Pikes/KD Dorsey/Johnnie Brown III/Alijah Lacey/JP Mikhael/Ethan Williams/Ayden Jackson/Matthew Williams/Jamari Whitehead/Robert Wright Jr./Taylor Bradshaw/Tyler Budge/Nasir Smith/Eli Anders/Elijah McDowell/Phillip Gladney/Davon Gilmore/J'Shawn Anderson/Jamarian Samuel/David Mbadinga/Holden Trice/Amar Jenkins/Johnathan Douglas/Bryce Miller/Justin Rhodes/Lonnie Leverette/Taeo Todd/Jaquari Brown/Korey Jordan/Jalen Burgess/Kevin Douglas/Kyle Frazier/TJ Hartley/Jaylen Bentley/Antavious Murphy/Jordan Woolen/Bryce Baker/Kingtriton Samuela/Colin Alexander/Carmelo Mays/Jaylen Slaughter/Trey Townsend/Deuce Petty/Isaiah Screen/CJ Allen/Alan Woods III/Demarcious Robinson/Jadaan Cooper/Jeremiah Holmes/Temirez Williams/Brandon Alford/Khai Isaac/Aubrey Heath/Kyron Anderson/Zach Pearson
10%
Mid-American Buffalo Antonio Colclough/C.J. Bazile/Javien Cuff/Marcus Fuqua/Caelan Shepard/Caleb Tate/Taji Johnson/Jalen McNair/Solomon Brown/JJ Jenkins/Dom Polizzi/George Wolo/Jake Orlando/Al-Jay Henderson/Tyler Doty/Ethan Duane/Matt Pajuste/Byron Floyd/Shaun Dolac/Tristan Souza/Charlton Goodell/SaVeon Brown/Pershaun Fann/Alex Heininger/Chance Morrow/Nik McMillan/Dion Crawford/Jerrod Gentry/Oliver Bridges/Daishon Folsom/Marquis Cooper/CJ Ogbonna/Kobe Stewart/Malin White/Tadd Barr/James Carrington III/Jack Shields/Devin Morgan/Cornell Evans/Ja'Mori Coard/Red Murdock/Gabe Arena/Eddie Pleasant III/Jayden Oliver/Clevester Hines III/Jonathan Capo/Joseph Giggie/Brennan Clasgens/Konrad Krzyszton/Liam Hamilton/Aidan Walline/Jeremy Yancey/Patrick Clacks III/Victor Snow/Mason Cumbie/Mike DePillo/Amir Proctor/Upton Bellenfant/Lamar Sperling/Henry Tabansi/Evan King/Junior Poyser/Mitch Viviano/Shamar Riser-Pressley/Terrance Shelton Jr./Jordan Owens/Qua Sanders/Gunnar Gray/Nick Roy/Messiah Burch/Anthony Policare/Bodhi Ogg/Jamiere Munson/Charles McCartherens/Gio De Leon/Trevor Brock/Andrew Schnackenberg/Ryan Daly/Jacqez Barksdale/Nick Reed/Mark-Anthony Scott Jr./Kobi Blackwell/Xavier Leonard/Jackson Bellamy/Jeremiah Watkins/Ronnell Davis/Paul Clark/Luke Yau Gayle/Demetrius Ballard/Jacari Bennett/Will Clark/Tyrone Davis/John Keough/Bobby Mays/James McNeil Jr./Tyrell Simmons Jr./Ramari Taylor/Ahmaan Thomas/Mikey Crawford/Mathew Hilty/Gabe Goins/Shey Williams/Marcel Picard/Drake Saltarelli/Evan Dean/Dylan Drennan/Bailey Sanders/Chris Martin/Carson Selee/DJ Mangan/Matthew Conlin/Billy O'Byrne/Matthew Glen/Val Kondratenko/Chayce Chadwick/Terrell Richards/Nick Leonard/Logan Jozwiak/Noah Whitmer
10%
Conference USA Louisiana Tech Devonta Lee/Armauni Archie/Mykol Clark/Jalen McGaughy/Jimmy Holiday/Jay Wilkerson/Solo Lewis/Isaiah Mcelvane/Cedric Woods/Jerren Gilbert/Bert Hale/Jordyn Morgan/Gabe Pugh/Zach Zimos/Roderick Roberson/Abdul-Fatai Ibrahim/Kenneth Bannister/Kolbe Fields/Jayden Gray/Decoldest Crawford/CJ Harris/Marquis Crosby/J'Dan Burnett/Shadeed Ahmed/Daniel Keys/Pig Cage/Jessie Evans/Mekhi Mason/Michael Richard/John Locke/Demarcus Griffin-Taylor/Qua'veon Turner/Tru Edwards/Jakari Foster/Brett Canis/Sifa Leota/Buck Buchanan/Kells Bush/Jhamal Shelby Jr./Kendrick Rucker/Dakota Williams/Evan Bullock/Cam Hill/Jacob Fields/Dedrick Latulas/Troy Smith III/Roy Brackins III/Blake Thompson/Bud Holloway/Patrick Rea/Joshua Cobbs/Ean Burch/Jakobe Brock/Landon Nelson/Zarian McGill/Tamarcus Gray Jr./Randy Leavitt/Ashanti Cole/Hayden Christman/Colton Deckard/Jack Turner/Marlion Jackson/Nate Jones/Zion Nason/Obinna Okeke/Eli Finley/Malcolm Pugh/Keystone Allison/DeMardrick Blunt/Ja'Marion Kennedy/Charlie Robinson/Austin Ellis/Jadon Mayfield/Jacob Bradford/Logan Smith/Ezekiel Durham-Campbell/Matthew Weiner/Jadon Smith/Blake Baker/David Blay/Cole Watson/Jamarcus Jones/Donerio Davenport/Christian Davis/Daxton Chavez/Collin Franta/Drew Henderson/Adem Madise/Kenyatta McNeese/Judd Rouyea/Tavis Williams/Jacall Wynder/Cyler Corn/Fred Robertson/Luke Wisham/Andrew Richard/B.J. Blake/Alonzo Jackson Jr./Mason Welch/Omiri Wiggins/Jordon Myles/Landry Wyatt/Brendan Scardino/Brayden Curry/Navarion Benson/Jamar Rhodes/John Hoyet Chance/Bennett Slaughter/Jake Riggs/Kameron Robinson/Jay Simon/Hunter Tipton/Adam Lamar/Trevell Vivians
10%
Conference USA Sam Houston Ife Adeyi/Grant Gunnell/Ny'Quee Hawkins/Jevon Leon/Noah Smith/Jay Ducker/John Gentry/Issiah Nixon/Seth Mason/Briceon Hayes/Jaylen Phillips/Jaylon Jimmerson/Fernando Garza III/Luke Eckardt/Jaden Phillips/Dylan Frazier/Jaidan Scott/Isaiah Cash/Jyzaiah Rockwell/Trey Fields/Ysidro Mascorro/Seth Kohlscheen/Richard Outland Jr./Tyler Bailey/Quincy Wright/Da'Veawn Armstead/Colby Sessums/Jase Bauer/Ethan Hagler/Joe Swen/James Dawn II/Austin Smith/Denver Warren/Emon Allen/David Fisher/Zach Hrbacek/Adrian Murdaugh/Kavian Gaither/Jadon Cardell/Braeden Howell/Zach Stricker/Matthew Aribisala/Christian Pavon/Shane Johnson/KeSean Raven/Kason Tullos/Simeon Evans/Rhett Larson/Thomas Jewett/Gannon Tullos/Kolt Dieterich/Easton Fulton/Forest Gatlin III/Jalen O'Neal/Sylas Gomez/Sincere Jackson/Garret Hagler/Quan Williams/Caleb Weaver/Andrew Edmonson/Ca'lub Holloway/Orion Irving/Will Hutchens/Lonnie Adkism/Eli Wallace/Kendrick DuJour/Elijah Sohn/Dax Horany/Jayden Gaines/Elias Escobar/DJ McKinney/Dean Ford/Cooper Stevens/Malik Phillips/Qua'Vez Humphreys/Graceson Jackson-Smith/William McCollum/Chris Murray/Marcus Field/Ford Ivey/CJ Johnson/Fatu Mukuba/Mitch Melton/Dravon Wilson/Kaden Taylor/Chantson Prox/Landan Brown/Godgive Ugochukwu/Carson Whitington/MarKendrick Beall/Rushil Patel/Josiah Stephens/Karson Maynard/Railyn Adams/Michael Phoenix II/Hunter Watson/DJ Bailey/Matthew Tatum/Trey Taylor/Lyric Smith/Cadiin Johnson/Shaun Neibert/Jon-Bernard Reynolds/Jason Dabney/Joe Nelson/Jacquis Ishmeal Jr/Jaredh Frayre/Mich'le Joseph/Matthew Westmoreland/Joshua Frayre/Stephan Ochai/Ben Gehrke/Carter Buchheit/Darrick Bledsoe III/Terrence Guillory II/Quardale Patt/Lonnie Adksim
10%
Mid-American Ohio Jeremiah Wood/Christophe Atkinson/Eamonn Dennis/Chris Mayfield/Miles Fleming/Joseph Habinowski/Roman Parodie/Ben McNaboe/Parker Titsworth/Bryce Butler/Coleman Owen/Jaylen Johnson/Kaci Seegars/Kaden Rogers/Joey Woolard/Parker Navarro/Davion Weatherspoon/CJ Doggette/Jack Wilson/Colby Garfield/Jacob Dennison/Blake Leake/Mike Mack/Jacob Lewis/Anthony Tyus III/Bradley Weaver/Jake Skelly/Shay Taylor/Eian Pugh/Rodney Harris II/Dustin Johnson/Trent Allen/Callum Wither/Bralen Henderson/Nolan McCormick/Cam Rice/Marcel Walker-Burgess/Delaney Crawford/Jarian Shelby/Devon Hunter/Chase Hendricks/Jacob Winters/Aidan Johnson/Danny Novickas/Mason Williams/Reise Collier/Beau Blankenship/Dominic Konopka/Tigana Cisse/Adonis Williams Jr./Xander Karagosian/Kam Wright/Caleb Gossett/Austin Brawley/Jordon Jones/Ryan McDole/Michael Molnar/Owen DiFranco/Sinn Brennan/Jake Bruno/Gianni Spetic/Jalen Thomeson/Bailey Russ/Jack Fries/Jay Crable/Kendall Bannister/Rickey Hunt Jr./DJ Walker/Bryce Parson/Jasen Kelly/Tony Mathis/Nick Segarra/Sam Ehret/Parker Startz/Seth Anstead/Kaden Hurst/Tank Pearson/Kadin Schmitz/Jack Borer/Brady Sestili/Alex Kasee/Aginon Wilson Jr./Matthew Stuewe/Khamani Debrow/RJ Keuchler/Lukas Stiles/Austin Mitchell/Creed Hill/Duncan Brune/Miles Cremascoli/DJ Morton/JT Haskins/Stellan Bowman/Dom Dorwart/Andrew Erby/Hunter Thompson/Brock Arndt/Max Rodarte/Nick Poulos/Matthew Papas/Riley Neer/LJ Shumpert/Blake Guffey/Andrew Vera/Carson Canning/Aiden Lowery/Xavier Williams/Maverick Ohle/Charlie Nowinsky/Ben Maldonado/Ryan Matheny/Nathan Hale/Carson Heidecker/Jase Miller/Jakob Lemus/AJ Miller/Walter Bob
10%
American Athletic Temple John Adams/Chris Smith/Dante Wright/Zae Baines/Latrell Jean/Wisdom Quarshie/Evan Simon/Ian Stewart/Antwain Littleton/Demerick Morris/Torey Richardson/D.J. Woodbury Sr./James Della Pesca/Kajiya Hollawayne/Cam'Ron Stewart/Allan Haye/Landon Morris/K.J. Miles/T.K. Wright/E.J. Wilson/James Faminu/Jaylen Lewis/Grayson Mains/Reese Clark/London Hall/Jackson Pruitt/Xavier Irvin/Diwun Black/Louis Frye/Brylan Noonan/Andreas Keaton/Maddux Trujillo/Tyquan King/Antonio Jones/Antwone Santiago/Joquez Smith/Eric King/Tyrese Whitaker/Zyil Powell/Tyler Douglas/Preston Everhart/Conlan Greene/Kevin Terry/Darrell Sweeting/Luke Watson/Peter Clarke/Javier Morton/Elijah Deravil/Tra Thomas/Shekuna Kamara/Andrew McIlquham/Jamel Johnson/Joseph Auzenne/Elias Collins/Kevin Smithwick/Diego Barajas/Jordan Montgomery/Dante Atton/Ben Osueke/Melvin Siani/Hugo Gil/Jamar Taylor Jr./Adrian Laing/Chris Dietrich/Bryson Goodwin/Tyler Stewart/Denzel Chavis/Forrest Brock/Patrick Keller/David Kpeglo/Aaron Anderson Jr./Brandon Enarusai/Kendell Gordon/Reggie Jones/Carl Hardin/Evan Dailey/Ihsim Smith-Marsette/JoJo Huntley/Cole Sprague/Kian Johnson/Brandon Taylor/Xavier Bryan-Boothe/Wesley Brown/Sultan Badmus/Cameron Jones/Tyree Alualu/Russell Sykes/Davray Venu/DeVonta Owens/Tyler Lepolo/Katin Surprenant/Eric Stuart/Tyrei Washington/Terrez Worthy/Ashton Allen/Solomon Tripline/Kyle Madden/Jack Paessler/Aiden Britton/James Paessler/Mausa Palu/Sekou Kromah/Carter Sheehan/Giakoby Hills/Lucas Possenti/Linus Lindberg/Shane Toolan/Daniel Evert/Khalil Poteat/Lucas Glassburn/Darius Morant/David Wise
10%
Mountain West San Diego State Kenan Christon/Wyatt Draeger/William Nimmo Jr./Jude Wolfe/Jaylon Armstead/Nick Lopez/Deshawn McCuin/Ja'Shaun Poke/Marquez Cooper/Myles Murao/JD Coffey III/Ross Ulugalu-Maseuli/Marlem Louis/Nate Williams/Cam Davis/Darrion Dalton/Jatavious Magee/DJ Herman/Teivis Tuioti/Phillippe Wesley II/Tayvion Beasley/AJ Duffy/Josh Hunter/Christian Jones/Brady Anderson/Dominic Oliver/Tyler Pastula/Cody Moon/Nate Bennett/Mekhi Shaw/Jelani Whitmore/Michael Harrison/Jared Badie/Ryan Wintermeyer/Chris Johnson/Kyle Moretti/Dean Abdullah/Joshua Goynes/Eemil Herranen/Max Garrison/Ryan Henderson/Louis Brown IV/Trey White/Kyle Crum/Lucky Sutton/Jordan Napier/Javance Tupou'ata-Johnson/Jerry McClure/Owen Chambliss/Brady Nassar/Ryan Silver/Baylin Brooks/Jason Mitchell/Jakson Berman/Cincere Rhaney/Bryce Phillips/Dalesean Staley/Jelani McLaughlin/Nick Gardinera/Arnold Escano/Eric Butler/Mikey Welsh/Zechariah Ramirez/Keion Mitchell/Tyson Chavez/Ryan Dirksen/Logan Tanner/Joseph Borjon/Brayden Bryant/Ezekiel Larry/Danny Niu Jr./Briley Barron/Sam Benjamin/Danny O'Neil/Isaiah Buxton/Heath Mcree/Kai Holec/Arthur Ban/Will Cianfrini/Ben Scolari/Tano Letuli/Bennett Walker/Nick Clegg/Tayten Beyer/Nicholas Green/Xavier Hamlet/Derek Smith/Gabriel Plascencia/Hudson Mitchell/Jayden Kendricks/Jake Sinz/Gage Dutcher/Tupu Alualu/Ryan Gaea/Ryan Wolfer/Kodi Cornelius/Prince Williams/Parker Threatt/Dean Harrington/Kurt Rossner/Krishna Clay/Saipale Fuimaono/Connor Poulson/Tyler McMahan/Bobby Shaw/Corbin Yates/Gabe Garretson/Malik Gucake/Zone Wierenga
10%
Sun Belt Troy Landon Parker/Raymond Cutts/Gerald Green/Cecil Powell/Zeriah Beason/Eli Russ/Eric Shaw/Darrell Starling/Jarris Williams/Goose Crowder/Tavon Matthews/Peyton Higgins/Jabril McNeill/Devin Lafayette/Damien Taylor/Phillip Lee/Luis Medina/Caleb Chappelle/Jordan Stringer/Jah-Mal Williams/Terry Thomas/Damaje Yancey/Mojo Dortch/Brody Dalton/Devonte Ross/Julian Peterson/DeWhitt Betterson Jr./Jordan Perry/Scott Taylor Renfroe/Chris Lewis/Kyler Gibson/Matthew Caldwell/Will Spain/John Butler/Tae Meadows/Evan Crenshaw/Tucker Kilcrease/Luke Hodge/Daniel King/Keyshawn Campbell/Malaki Pegues/Kenny Reedy/Justin Powe/Robert Bruce/DJ Epps/LJ Green/Keion Dunlap/Tyler Cappi/Fabian Rogosch/Billy Gilmore/Brendan Jackson/Jackson Thomas/Gage Theus/Trent Henry/Tyler Bell/Jordan Lovett/Caleb Mccreary/Ty'Quarius Perry/Jackson Worley/Colton Walls/Elijah Prather/Dorion Jackson/Shemar Welch/Jywon Boyd/Kevin Norwood/Rondell Carter/TJ Thompson/Ethan Conner/Steven Cattledge/KC Bradford/Anthony Butler/Robert Cole/Tyce Khatri/Boaz Stanley/Nick Troemel/Montana Wells/Cheick Kaba/Caleb Ash/Trashun Griffin/LaBarryon Moore/AZ Williams/Noah Mercer/Trevor Pearson/Kevin Fay/Kam Weaver/Brian Senter/Obatara Jackson/Shumond Johnson/Chad Barham/Kevin Beckham/Joe Lott/Ky McNulty/Jermaine Paramore/Jabari Strait/Semaj James/Marlin Odom/Ian Senn/LaMar Croskey/Max Zuluaga/EJ Hall/Daivon Nelson/Tyler Geary/Krypto Norwood/Ian Conerly-Goodly/JaQueraius Thomas/Tyrek Thompson/Brooks Mauk/Matt Henry/Casey Fua'au/Zerian Hudson/Zak Bowden/Carlos Slayden/Trae Swartz/Kam Curry/Dylan Mann/Jamel Fils-Aime/Roman Mothershed/Logan Potes/Cam'Ron Underwood/OJ Vaughan Jr.
10%
Mountain West Air Force Camby Goff/Matthew Dapore/Jamari Bellamy/Carson Bay/Elijah Sanders/Jake Martin/Kendin Alexander/Cade Harris/Aiden Calvert/Jerome Gaillard Jr./Cameron Breier/Kale Gibbs/Aidan Plate/Brandon Engel/Robert Mbroh/Osaro Aihie/Cole Palmer/Michael McAninch/James Tomasi/Kaleb Tompkins/Payton Zdroik/K.C. Beard/Trey Williams/Jackson Kohal/Tyme Collins/Anthony DeBerardino/Kurt Chesney/Grant Uyl/Parker St. John/Reagan Tubbs/Luke Freer/Alex Moore/Jared Roznos/Evan Rau/Aidan Swartz/Kade Frew/John Busha/Dylan Carson/Levi Brown/Kaden Cloud/Terrance Cullivan/Kaleb Killian/Jordan Scarbrough/Chances Carter-Hill/Darius Stone/Terrence Gist/Ty Hubert/Jackson Adams/Zach Juckel/Jack Curtis/Drew Dubuclet V/Are'an Burr/Gabriel Averitt/Jack Burnett/Costen Cooley/Samuel Floysand/Jace Sutulovich/Luke Vonderhaar/Cameron Collins/Trevor Tate/Tre Roberson/Parker Menefee/Quin Smith/Bruin Fleischmann/Brian Bradley/Jackson Garrett/Daniel Grobe/Brent Winfree/Tylor Latham/Bryce Olson/Rip Perez/Luke Meyer/Colton Corrao/Lincoln Tuioti-Mariner/Devin Jordan/Quentin Hayes/Josh Johnson/Houston Hendrix/Maguire Martin/Shawn Braxton/Kemper Hodges/Will Courtney/Grant Simmons/Grant Wayne/Owen Chambers/Kyle Chen/Owen Allen/Cade Palmer/Roman Bradley/Hiroshi Carr/Jalen Rashad Turner/Isaac Hubert/Jordan Shuler/Houston Thomas/Dallas Daley/Brody Bujnoch/Michael Bunyan/Blake Fletcher/Rocco Conti/Luke Fisher/David Santiago/Henry Rickels/Rudy Varela/Nathan Elwood/Charlie Gleason/Griffin Stalfort/Jayden Oquendo/Ian Fisher/Gray Ryan/TJ Tarascio/Gage Spencer/Tyler Lawrence/Luca Kowalik/Alec Falk/Simon Kibbee/Houston Hawkins/Adam Hrynciw/Cody Ahola/Jet Wiley/Mitchell Blakeslee/Omari Murdock/Conner Herford/Lukia Rawls Jr./Logan Lehrer/Andrew Tillett/Korey Johnson/Brody Whitson/Wade Estess/Jackson Howell/JD Martin/Cooper Mollison/Anderson Green/Tucker Cornelius
8%
Conference USA Kennesaw State Chris Townsel/Jamar Rucks/Jordan Miles/Chevy Trask/Preston Daniels/Michael Benefield/Yesiah Clemons/Jacob Kettels/Mason Bowers/Baron Hopson/Dodge Sauser/Tylon Dunlap/Austin White/Jackson Manning/Jalen Barnum/Tyler Scott/Jahon Myers/Donovan Westmoreland/Christian Moss/Seaburn Hines/Britton Williams/Darron Willis/Khalib Johnson/Donelius Johnson/Milon Jones/Andrew Douglas/Gabriel Benyard/Tykeem Wallace/Garland Benyard/Blake Bohannon/Adam Watkins/JT Pennington/Tyler Hallum/Pooda Walker/Destun Thomas/Connor Finer/Joshua Huiet/Bryce Robinson/Davis Bryson/Braden Bohannon/Jayven Williams/Nick Sawyer/Sulaiman Bah/Eli Leiataua/Qua Ashley/Rob Brown/Danarius Johnson/Alexander Diggs/Juandarion Silas/Trey Butts/Nate Wright/Brian Habeck/Dylan Hannon/Rowan Darnell/Carson Kent/Ugonna Nwoha/RJ Taylor/Austin Welch/Zacchaeus Williams/Havik Pettigrew/Earl Woods III/Terrence Curtis/Nicholas Charles/Javon Rogers/Nehemiah Pgouda/Sidney Porter/Que Billingsley/Kenai Grier/Josh Williamson/David Cole/JeRico Washington Jr./Isaac Paul/DJ Scott/Markell Redding/Navelle Dean/Amir Scarver/CJ Donaldson/Deldrick Franklin/William Johnson/Jaden Richeson/Trey Hargrove/AJ Miller/Kaleb May/Jaylan Jarrett/Ramontei Dardy/Ethan Newman/Kevin Smith/Bryce Dopson/Jacob Ulrich/Gatlin Hancock/Qway McCoy/Dennis Sims/Erik Calvillo/Kalari Gordon/Isaac Cannizzaro/Jarvis Adams/Tywon Christopher/Benjamin Kienz/Devin Ross/Jaiden Grimes/Jaxon Colvin/Jaden Robinson/Preston Clemmer/Lucas Scheerhorn/Jasec Smith/Five Hamilton/Corey Gardhigh/Dai'shaun Thomas/Jaiden Kimble/Ty Brewer/Jonathan Mathis/Isaiah Williams/Connor Brennan/Alto Moore/Joshua Pgouda/Ben Blanton/Jacob Norcross/Jose Balver-Mendoza/Benton Dunn/Tyler Hoffman/Marlo East Jr./Ian Pederson/Thomarius Walker/Pooda Walker
8%
Conference USA UTEP Jalen Rayam/Dorian Hopkins/Corey Wren/Jaylon Shelton/Tray Dunson/Julian Lopez/Azizi Henry/Angelo Tejada/Sione Tonga'uiha/Landon Hullaby/Josh Hancock/Kory Chapman/Zach Rodriguez/Lucas Flores/Devin Goree/Yessman Green/Daryon Triche/Jevon Jackson/Ivan Escobar/Nate Dyman/Dillion Williams/John Burris III/Joseph Immediato/Kevin Hurley/Juan Camacho Jr./AJ Odums/Jaden Smith/Kam Thomas/Trey Goodman/Brennan Smith/Tevita Tafuna/Otis Pitts III/Luke Seib/Xavier Smith/Logologo Va'a/Tyrone Durant McDuffie III/Marquez Taylor/Dylan Brown-Turner/Kofi Taylor-Barrocks/Martavious Collins/Maurice Westmoreland/Bryton Thompson/Josiah Allen/ATiq Muhammad/Zachary Essih/Emari White/Skyler Locklear/Isaiah Wright/Kenny Odom/Amier Boyd-Matthews/Valentino Diaz/Buzz Flabiano/Cade McConnell/Ezell Jolly/Jake Utley/Joey Lightfoot/Josiah Dye/Joshua Dye/Shay Smith/Jaylin Jones/Stratton Shufelt/Quinzavious Warren/CK Carter/KD Johnson/Oscar Moore/Javoni Gardere/Jayce Hunter/Judah Ezinwa/Chase Bibler/Jake Hall/Jaquan Toney/AJ Barton/Marcus Vinson/Ashton Coker/Hunter Rapolla/Ashton Nickelberry/Miles McWhorter/Caden Harris/Lantz Russell/Xavier Johnson/Jaime Guerrero/Luis Carlos Aranda/Rolando Beltran/Adam Jacklin/Justin Content/Ashten Emory/Trace Meadows/JP Pickles/Kam Herring/Jake Riggs/Josh Schuchts/Wondame Davis Jr./Rafeald Campbell/Kyran Duhon/Allan McCarter/Marcus Torres/Aiden Webb/Luka Matamoros/Craig Wydra/Ekow Taylor/Elijah Baldwin/Michael Ray Jr./Michael Southern/Cam Harrelson/RJ Whitehead/Christopher Day/Rafael Jaquez/Brandon Jones/Sione Tongauiha/Sione Tonga'Uiha
8%
Sun Belt James Madison Raymond Scott/Brian Snow/Jacob Dobbs/Khairi Manns/Pat McMurtrie/Brionne Penny/Chris Shearin/Ray Williams/Kyi Wright/Logan Kyle/Omarion Dollison/Lloyd Summerall III/Taji Hudson/Cam Ross/Dylan Morris/Tyler Purdy/Chris Fitzgerald/Taurus Jones/Tanner Morris/Immanuel Bush/Jobi Malary/Taylor Thompson/Terry Lockett Jr./Antoine Booth/Troy Lewis/Noe Ruelas/Trevell Mullen/George Pettaway/Ryan Hanson/Jordan Funk/Quincy Jenkins/Gabriel Hollingsworth/Terrence Spence/Tyshawn Wyatt/Cole Potts/Luke Popma/Brett Griffis/Ayo Adeyi/Billy Atkins/Desmond Green/Kye Holmes/Kalin Jean/Jahquil Batts/Brandon Fique/Brett Davis/Josh Toner/Ja'Kai Young/Jesse Ramil/Eric O'Neill/Carter Sweazie/Alonza Barnett III/Trent Hendrick/Hunter McLain/Justin Eaglin/Wayne Knight/Jayden Mines/Joseph Simmons/Amar Thomas/Chauncey Logan/Darold DeNgohe/DJ Barksdale/Evan Spivey/Blake Kendall/Jacob Thomas/Carter Banks/Matthew Channell/Greyson Cadd/Erick Harris/Josh Phifer/Jack Mowrey/Chris Lofton/Riley Robell/Cristiano Rosa/Milt Ferguson/Maxwell Moss/Ke'Marion Baldwin/Yamir Knight/Mychal McMullin/Samson Ogunade/Trashon Dye/Marcellus Nash/KJ Flowe/Deacon Rawls/Chase Regan/Jamari Somerville/Gannon Weathersby/Jamaree Seldon/Stephen Hollander/Jackson Snyder/Spencer Toth/Griffin Hart/Breon Brown/Kyle Lenhart/Cameron Jones/Dylan Williams/Jordan Taylor/DJ Cotton Jr./JC Evans/Tyjai Hopper/Tyler Brown/Evan Bushong/JaKobe Campbell/Immanuel Ezeogu/Phillip Harris/Treyvon Adams/Sahir West/Isaiah West/Joshua Prince/Logan Ketcham/George Lovelace/Kevin Kabasele/Ryder Post/Danny Reagan/Jackson Hamill/Cole Purdy/Micah Pennix/Ibraheem Ramadan/Jacob Hohenshelt/Max Lipinski/Andrew VanSlyke
8%
Independent Massachusetts Sterling Galban/Frank Ladson Jr./Taisun Phommachanh/Jaelyn Lay/Dominick Mazotti/Luke Painton/Etinosa Reuben/Brayden Rohme/Tyler Rudolph/Isaiah Rutherford/Zukudo Igwenagu/Paul Tchio/Ethan Mottinger/Gerrell Johnson/Steven Ortiz/Jaylen Hudson/Matt Smith/Josh Atwood/Myles Turner/John Burton/Te'Rai Powell/Jashon Watkins/Aaron Beckwith/Shambre Jackson/Mao Glynn II/Tyson Watson/Ryan Mosesso/Ryan Barnes/Tyler Martin/Wyatt Terlaak/Aquan Robinson/Riley Moore/Sam Staruch/Jalen Harrell/Lake Ellis/Macklin Ayers/Leonard St. Gourdin/RJ Edwards/Jalen John/Louce Julien/Dominic Schofield/Ryan Jankowski/Anthony Simpson/Jermaine Wiggins Jr./Jerrod Cameron/Owen Anderson/Christian LeBrun/Derrieon Craig/Jeremiah McGill/Donta Whack/Jackson Paradis/Ahmad Haston/Sahnai Swain-Price/Kamren Watkins-Hunter/CJ Kolodziey/Tim Grant-Randall/Keshawn Brown/Jacquon Gibson/T.Y. Harding/Kofi Asare/CJ Hester/Jyree Roberts/Donovan Dyson/Cookie Desiderio/Jalen Stewart/Magnus Von Saldern/Peyton Miller/Alex Tsoumakas III/Jackson Marx/Jacob Lurie/Bennett Abbe/Dallas Elliott/Cole Erickson/Kyle Ott/Jaden Wiggins/Tanner Burlingame/AJ Hairston/Kezion Dia-Johnson/Da'Marion Alberic/Brock Taylor/Kenyon Massey/Caden Ghannam/Michael Cooper/William Jones Jr./Jaxon King/Rashad Henry/Anthony Johnson/Ott Eric Ottender/Luke LoPresti/Jakobie Keeney-James/Keith Sarkodieh/Brennen Bailey/Will Perry/Savion Robinson/Jadrian Gibbs/Noah Staples/Michael Pangaro/Payton Andrade/James Horton/Riley Bloch/Shane Robles/Joe Carrara/Godson Ofonagoro/Jose Touron/Arsheen Jiles/Brandon Campbell
8%
Mid-American Central Michigan Tyler DeWitt/Vashon Bailey/Stephan Bracey Jr./Da'Raun McKinney/Justin Whiteside/B.J. Harris/Brenden Deasfernandes/Solomon Davis/Tristan Mattson/Ke'Shon Parker/Dominic Serapiglia III/Caleb Spann/Donte Kent/Chris Parker/Jonah Pace/Joe Labas/Elijah Rikard/Tyson Davis/Jayshaun Coffman/Alec Palella/Fernando Sanchez III/Michael Heldman/Brayden Swartout/Dakota Cochran/Brady Ploucha/Jordan Kwiatkowski/Kade Kostus/Martin Koivisto/Ed Conoran/Tommy McIntosh/Langston Lewis/DeCorion Temple/Tyler Jefferson/Nahree Biggins/Marion Lukes/Myles Bailey/Lawai'a Brown/Jason Williams/Jonathan Decker/Davis Heinzen/Danny MacLean/Ryan Peluso/Ben Pratt/Jemeil Jackson/Jordyn Williams/David Chapeau/Oumar Conde/Bert Emanuel Jr./Mark-Allen Gay/Jakivion Calip/Mekhi Jenkins/Evan Boyd/Rory Callahan/Ryan Blum/Matthew Nehf/Jamari Allen/Brady Neu/Keshawn Hayden/Nathan VanTimmeren/Trevonte Davis/Dylan Hertzberg/Malik Denkins/Jesse Prewitt III/Jordan Kelly/Grayson Curtis/Kyle Krebs/Tysen Campbell/Jaree Turner-Kinsler/Aakeem Snell/Bryce Lambeth/John Burke/Marcus Badgett/Jacob Booth/Cade Riddle/Logan Borodychuk/Jaion Jackson/Brock Townsend/Josiah Booker/JJ Douglas/Victor Earl/Bryce Rowe/Dasan Smith/Jadyn Glasser/Ethan Lane/Trey Liebhardt/Jeremiah Alston-Jackson/Germanuel Tanelus/Mckeegan Ferguson/Tayte Vanderleest/Gavin Harris/Alex Henry/Khari Johnson/Jacob Kaminski/Quavion Bird/Travis Ambrose/Nasir Williams/Adam Kaminski/Xavier White/Keyton Jones/Lincoln Epstein/Zac Chapeau/Ben Parrott/Kadenn Rose/Camden Kruisenga/Cade Graham/Braeden Tillman-Jones/Jason Philpot-Dixon/Landon Swanson/Brenan Salani/Jeremiah Waldrond/Cohen Lantz/Luis Martinez/Dane Sickler/Jacob Saurbeck/Miles Shannon/Daniel Bennett/Jaden Davis/Pius Odjugo
8%
No matching quizzes found
Score Distribution
Percent of People with Each Score
Percentile by Number Answered
Your Score History
You have not taken this quiz